{"text_format":"3","workbook":"xlsx","n_sheets":20,"sheets":["封-2 招标控制价封面","扉-2 招标控制价扉页","表-01 总说明","表-04 单位工程招标控制价汇总表","表-08 分部分项工程和单价措施项目清单与计价表","表-08 分部分项工程和单价措施项目清单与计价表(含措施标题)","表-08 分部分项工程和单价措施项目清单与计价表(含分部小计)","表-09 综合单价分析表","表-09 综合单价分析表（全费用）","表-11 总价措施项目清单与计价表","表-12 其他项目清单与计价汇总表","表-12-1 暂列金额表","表-12-2 材料(工程设备)暂估价及调整表","表-12-3 专业工程暂估价及结算价表","表-12-4 计日工表","表-12-5 总承包服务费计价表","表-13 规费、税金项目清单与计价表","表-20 发包人提供材料和工程设备一览表","表-21 承包人提供主要材料和工程设备一览表","表-22 承包人提供主要材料和工程设备一览表"],"read":"whole","date_system":"1900"}

{"sheet":"封-2 招标控制价封面","index":0,"n_rows":10,"n_cols":7,"rows_kept":10,"merged":[[0,0,0,1],[0,2,0,5],[1,0,1,6],[2,0,2,6],[3,1,3,2],[3,3,3,4],[3,5,3,6],[4,1,4,2],[4,3,4,4],[4,5,4,6],[5,1,5,2],[5,3,5,4],[5,5,5,6],[6,1,6,2],[6,3,6,4],[6,5,6,6],[7,1,7,2],[7,3,7,4],[7,5,7,6],[8,1,8,2],[8,5,8,6],[9,0,9,1],[9,2,9,5]]}
[null,null,"建筑工程",{"$nulls":3},"工程"]
["招 标 控 制 价"]
[]
[null,"招  标  人：",null,"李仲天"]
[{"$nulls":3},"(单位盖章)"]
[null,"造价咨询人：",null,"李家森"]
[{"$nulls":3},"(单位盖章)"]
[{"$nulls":3},"2026-01-17"]
[]
[{"$nulls":6},"封-2"]

{"sheet":"扉-2 招标控制价扉页","index":1,"n_rows":13,"n_cols":7,"rows_kept":13,"merged":[[0,1,0,5],[1,0,1,6],[2,0,2,1],[2,3,2,6],[3,0,3,1],[3,3,3,6],[4,0,4,1],[4,5,4,6],[5,0,5,1],[5,2,5,3],[5,5,5,6],[6,0,6,1],[6,2,6,3],[6,5,6,6],[7,0,7,1],[7,2,7,3],[7,5,7,6],[8,0,8,1],[8,2,8,3],[8,5,8,6],[9,0,9,1],[9,2,9,3],[9,5,9,6],[10,0,10,1],[10,2,10,3],[10,5,10,6],[11,0,11,1],[11,2,11,3],[11,5,11,6],[12,1,12,5]]}
[null,"建筑工程",{"$nulls":4},"工程"]
["招 标 控 制 价"]
["招标控制价  ",null,"（小写）：","1,615,565.34"]
[null,null,"（大写）：","壹佰陆拾壹万伍仟伍佰陆拾伍元叁角肆分"]
[]
["招  标  人：",null,"李仲天",null,"造价咨询人：","李家森"]
[null,null,"（单位盖章）",null,null,"(单位资质专用章)"]
["法定代表人  \n\n或其授权人：",null,"陈老师",null,"法定代表人  \n\n  或其授权人：","魏老师"]
[null,null,"(签字或盖章)",null,null,"(签字或盖章)"]
["编  制  人：",null,"李肇镔",null,"复  核  人：","木子"]
[null,null,"(造价人员签字盖专用章)",null,null,"(造价工程师签字盖专用章)"]
["编 制 时 间：  ",null,"2026-01-17",null,"复 核 时 间：  ","2026-01-17"]
[{"$nulls":6},"扉-2"]

{"sheet":"表-01 总说明","index":2,"n_rows":9,"n_cols":5,"rows_kept":9,"merged":[[0,0,0,4],[1,0,1,3],[2,0,2,4],[3,0,3,2],[4,0,4,4],[5,0,5,3],[6,0,7,4],[8,0,8,2]]}
["总  说  明"]
["工程名称：建筑工程",{"$nulls":3},"第 1 页 共 2 页"]
["一、设计依据\n1.设计任务书提供的相关资料及依据。\n2.国家及地方现行的有关规定、设计规范和标准\n(1) 《民用建筑设计通则》—— GB50352-2005\n(2) 《建筑设计防火规范》—— JGJ6-872001\n(3) 《公共建筑节能设计标准》—— GB50189-2005\n(4) 《屋面工程技术规范》—— GB50345-2004\n(4) 《建筑工程建筑面积计算规范》—— GB50353-2005\n(5) 05 系列建筑标准设计图集\n3. 其它设计资料。\n\n二、工程概况\n1.建设单位：某公司\n2.建筑名称：某办公楼\n3.建设地点：某工业园区\n4.主要功能：办公\n5.本工程基底建筑面积：697平方米   建筑面积：2093.1 平方米\n6.本建筑物地上三层，主要结构类型为砼框架结构。\n  抗震设防裂度为七度、设计使用年限 50年。\n7.建筑重要性等级二级、  建筑物耐火等级为二级。\n8.本建筑物 ±0.000 标高相当于绝对标高 5.90(黄海基准)，室内外高差为0.45m。\n9.本建筑物建筑高度为 13.200 m 。\n10.本工程标高以m为单位，其它尺寸以mm为单位。\n \n三、墙体材料：\n1.±0.00 以下墙体：普通机制砖。\n2.±0.00 以上墙体：采用 普通机制砖，内墙200厚轴线居中，特殊注明者除外。\n3.构造柱尺寸及位置详见结施图。\n\n四、2021版广联达土建（GTJ）计量平台的使用\n1.前期准备：图纸解析与软件初始化\n  图纸关键信息提取，对照设计说明。结构与抗震：砼框架结构，地上3层，抗震设防烈度7度，设计使用年限50年，室内外高差0.45m。墙体：±0.000上下均为普通机制砖，内墙200厚、轴线居中；防潮层位于室内地坪下60mm。节能与门窗：公共建筑节能（GB50189 - 2005），铝合金门窗气密性4级。\n2. 广联达工程新建：\n  打开GTJ→新建工程→填写工程信息（结构类型、设防烈度、室内外高差等）→设置计算规则。\n3.核心建模流程\n（1）楼层设置，建模基准，影响全模型标高\n  导航栏→楼层设置→录入层数、层高、标高\n（2）轴网建立，定位核心，1:1还原图纸\n  导航栏→轴网→新建轴网：\n  输入下开间（X向）3600、3900、3600、3900、3600、3900、6000、3900、3600、3900、3600、6000；左进深（Y向）6000、2100、6000等信息。\n4.独立基础的建模\n（1）独立基础：\n  导航栏→基础→独立基础→新建自定义独立基础，注意的是需要建立底面和顶面的基础模型，采用点画布置。\n5.柱建模\n（1）框架柱：\n  导航栏→柱→框架柱→新建，录入尺寸（如KZ1:500×500）、配筋（纵筋、箍筋）、标高；布置采用点画/智能布置（按轴网交点、墙中线），对齐柱与轴网。"]
[{"$nulls":4},"表-01"]
["总  说  明"]
["工程名称：建筑工程",{"$nulls":3},"第 2 页 共 2 页"]
["6.墙体建模\n（1）墙体定义：\n  内墙：200厚，普通机制砖，轴线居中，标高，勾选“内墙”。\n  外墙：240厚，普通机制砖，勾选“外墙”。\n7.门窗建模\n  导航栏→门窗洞→新建铝合金门/窗，录入尺寸（如M1:1500×2100）、离地高度900mm，从±0.000起算。\n\n\n "]
[]
[{"$nulls":4},"表-01"]

{"sheet":"表-04 单位工程招标控制价汇总表","index":3,"n_rows":38,"n_cols":6,"rows_kept":38,"merged":[[0,0,0,5],[1,0,1,2],[1,4,1,5],[2,2,2,4],[3,2,3,4],[4,2,4,4],[5,2,5,4],[6,2,6,4],[7,2,7,4],[8,2,8,4],[9,2,9,4],[10,2,10,4],[11,2,11,4],[12,2,12,4],[13,2,13,4],[14,2,14,4],[15,2,15,4],[16,2,16,4],[17,2,17,4],[18,2,18,4],[19,2,19,4],[20,2,20,4],[21,2,21,4],[22,2,22,4],[23,2,23,4],[24,2,24,4],[25,2,25,4],[26,2,26,4],[27,2,27,4],[28,2,28,4],[29,2,29,4],[30,2,30,4],[31,2,31,4],[32,2,32,4],[33,2,33,4],[34,2,34,4],[35,0,35,1],[35,2,35,4],[36,0,36,5],[37,0,37,2],[37,4,37,5]]}
["单位工程招标控制价汇总表"]
["工程名称：建筑工程",null,null,"标段：","第 1 页  共 1 页"]
["序号","汇总内容","金额:(元)",null,null,"其中：暂估价(元)"]
["1","分部分项合计","811708.21"]
["2","措施合计","372842.25"]
["2.1","绿色施工安全防护措施费","44646.63"]
["2.2","其他措施费","328195.62"]
["3","其他项目","297619.58",null,null,"－"]
["3.1","暂列金额","81170.82"]
["3.2","暂估价","200000.00"]
["3.3","计日工"]
["3.4","总承包服务费"]
["3.5","预算包干费","16448.76"]
["3.6","工程优质费"]
["3.7","概算幅度差"]
["3.8","索赔费用"]
["3.9","现场签证费用"]
["3.10","其他费用"]
["4","税前工程造价","1482170.04"]
["5","增值税销项税额","133395.30",null,null,"－"]
["6","总造价","1615565.34"]
["7","人工费","355622.08"]
{"$rows_empty":13}
["招标控制价合计=1+2+3+5",null,"1,615,565.34",null,null,"0.00"]
["注：本表适用于单位工程招标控制价或投标报价的汇总，如无单位工程划分，单项工程也使用本表汇总"]
[{"$nulls":4},"表—04"]

{"sheet":"表-08 分部分项工程和单价措施项目清单与计价表","index":4,"n_rows":87,"n_cols":11,"rows_kept":87,"merged":[[0,0,0,10],[1,0,1,3],[1,4,1,7],[1,8,1,10],[2,0,4,0],[2,1,4,1],[2,2,4,2],[2,3,4,4],[2,5,4,5],[2,6,4,6],[2,7,2,10],[3,7,4,8],[3,9,4,9],[5,3,5,4],[5,7,5,8],[6,3,6,4],[6,7,6,8],[7,3,7,4],[7,7,7,8],[8,3,8,4],[8,7,8,8],[9,3,9,4],[9,7,9,8],[10,3,10,4],[10,7,10,8],[11,3,11,4],[11,7,11,8],[12,3,12,4],[12,7,12,8],[13,3,13,4],[13,7,13,8],[14,3,14,4],[14,7,14,8],[15,3,15,4],[15,7,15,8],[16,3,16,4],[16,7,16,8],[17,3,17,4],[17,7,17,8],[18,0,18,8],[19,0,19,10],[20,0,20,3],[20,4,20,7],[20,8,20,10],[21,0,21,10],[22,0,22,3],[22,4,22,7],[22,8,22,10],[23,0,25,0],[23,1,25,1],[23,2,25,2],[23,3,25,4],[23,5,25,5],[23,6,25,6],[23,7,23,10],[24,7,25,8],[24,9,25,9],[26,3,26,4],[26,7,26,8],[27,3,27,4],[27,7,27,8],[28,3,28,4],[28,7,28,8],[29,3,29,4],[29,7,29,8],[30,3,30,4],[30,7,30,8],[31,3,31,4],[31,7,31,8],[32,3,32,4],[32,7,32,8],[33,3,33,4],[33,7,33,8],[34,3,34,4],[34,7,34,8],[35,3,35,4],[35,7,35,8],[36,3,36,4],[36,7,36,8],[37,3,37,4],[37,7,37,8],[38,3,38,4],[38,7,38,8],[39,3,39,4],[39,7,39,8],[40,3,40,4],[40,7,40,8],[41,0,41,8],[42,0,42,10],[43,0,43,3],[43,4,43,7],[43,8,43,10],[44,0,44,10],[45,0,45,3],[45,4,45,7],[45,8,45,10],[46,0,48,0],[46,1,48,1],[46,2,48,2],[46,3,48,4],[46,5,48,5],[46,6,48,6],[46,7,46,10],[47,7,48,8],[47,9,48,9],[49,3,49,4],[49,7,49,8],[50,3,50,4],[50,7,50,8],[51,3,51,4],[51,7,51,8],[52,3,52,4],[52,7,52,8],[53,3,53,4],[53,7,53,8],[54,3,54,4],[54,7,54,8],[55,3,55,4],[55,7,55,8],[56,0,56,8],[57,0,57,10],[58,0,58,3],[58,4,58,7],[58,8,58,10],[59,0,59,10],[60,0,60,3],[60,4,60,7],[60,8,60,10],[61,0,63,0],[61,1,63,1],[61,2,63,2],[61,3,63,4],[61,5,63,5],[61,6,63,6],[61,7,61,10],[62,7,63,8],[62,9,63,9],[64,3,64,4],[64,7,64,8],[65,3,65,4],[65,7,65,8],[66,3,66,4],[66,7,66,8],[67,3,67,4],[67,7,67,8],[68,3,68,4],[68,7,68,8],[69,3,69,4],[69,7,69,8],[70,3,70,4],[70,7,70,8],[71,3,71,4],[71,7,71,8],[72,3,72,4],[72,7,72,8],[73,3,73,4],[73,7,73,8],[74,3,74,4],[74,7,74,8],[75,3,75,4],[75,7,75,8],[76,3,76,4],[76,7,76,8],[77,3,77,4],[77,7,77,8],[78,3,78,4],[78,7,78,8],[79,3,79,4],[79,7,79,8],[80,3,80,4],[80,7,80,8],[81,3,81,4],[81,7,81,8],[82,3,82,4],[82,7,82,8],[83,0,83,8],[84,0,84,8],[85,0,85,10],[86,0,86,3],[86,4,86,7],[86,8,86,10]]}
["分部分项工程和单价措施项目清单与计价表"]
["工程名称：建筑工程",{"$nulls":3},"标段：",{"$nulls":3},"第 1 页  共 4 页"]
["序号","项目编码","项目名称","项目特征描述",null,"计量单位","工程量","金额（元）"]
[{"$nulls":7},"综合单价",null,"综合合价","其中"]
[{"$nulls":10},"暂估价"]
[null,null,"整个项目",{"$nulls":6},811708.21]
[1,"010101001001","平整场地","1.土壤类别:一、二类土\n2.弃土运距:见设计说明\n3.取土运距:见设计说明",null,"m2",697.95,4.45,null,3105.88]
[2,"010101004001","挖基坑土方","1.土壤类别:一、二类土\n2.挖土深度:2m 内\n3.弃土运距:见设计说明",null,"m3",874.8,8.1,null,7085.88]
[3,"010402001001","砌块墙","1.砌块品种、规格、强度等级:加气混凝土砌块\n2.墙体类型:填充墙\n3.砂浆强度等级:水泥砂浆M7.5",null,"m3",5.175,531.56,null,2750.82]
[4,"010402001002","砌块墙","1.砌块品种、规格、强度等级:加气混凝土砌块\n2.墙体类型:女儿墙\n3.砂浆强度等级:水泥砂浆M7.5",null,"m3",26.6978,538.36,null,14373.03]
[5,"010402001003","砌块墙","1.砌块品种、规格、强度等级:加气混凝土砌块\n2.墙体类型:内墙\n3.砂浆强度等级:水泥砂浆M7.5",null,"m3",376.0088,531.56,null,199871.24]
[6,"010402001004","砌块墙","1.砌块品种、规格、强度等级:加气混凝土砌块\n2.墙体类型:外墙\n3.砂浆强度等级:水泥砂浆M7.5",null,"m3",166.3804,531.56,null,88441.17]
[7,"010404001001","垫层","1.垫层材料种类、配合比、厚度:现浇砼C10",null,"m3",23.52,547.68,null,12881.43]
[8,"010501003001","独立基础","1.混凝土种类:现浇\n2.混凝土强度等级:C10",null,"m3",42.288,382.22,null,16163.32]
[9,"010501003002","独立基础","1.混凝土种类:现浇\n2.混凝土强度等级:C10",null,"m3",43.248,382.22,null,16530.25]
[10,"010502001001","矩形柱","1.混凝土种类:现浇\n2.混凝土强度等级:C30",null,"m3",117.6,539.62,null,63459.31]
[11,"010503002001","矩形梁","1.混凝土种类:现浇\n2.混凝土强度等级:C30",null,"m3",207.1128,434.44,null,89978.08]
[12,"010503005001","过梁","1.混凝土种类:预拌\n2.混凝土强度等级:C20",null,"m3",5.9267,472.97,null,2803.15]
["本页小计",{"$nulls":8},517443.56]
["注：为计取规费等的使用，可在表中增设其中：“定额人工费”。"]
[{"$nulls":8},"表—08"]
["分部分项工程和单价措施项目清单与计价表"]
["工程名称：建筑工程",{"$nulls":3},"标段：",{"$nulls":3},"第 2 页  共 4 页"]
["序号","项目编码","项目名称","项目特征描述",null,"计量单位","工程量","金额（元）"]
[{"$nulls":7},"综合单价",null,"综合合价","其中"]
[{"$nulls":10},"暂估价"]
[13,"010505001001","有梁板","1.混凝土种类:现浇\n2.混凝土强度等级:C25",null,"m3",183.2606,427.78,null,78395.22]
[14,"010505008001","雨篷、悬挑板、阳台板","1.混凝土种类:现浇\n2.混凝土强度等级:C25",null,"m3",1.44,595.72,null,857.84]
[15,"010506001001","直形楼梯","1.混凝土种类:现浇\n2.混凝土强度等级:C25",null,"m3",55.0866,487.64,null,26862.43]
[16,"010507001001","散水、坡道","1.面层厚度:100\n2.混凝土种类:现浇\n3.混凝土强度等级:C10",null,"m2",74.88,65.26,null,4886.67]
[17,"010507004001","台阶","1.混凝土种类:现浇\n2.混凝土强度等级:C25",null,"m3",7.7648,486.29,null,3775.94]
[18,"010801001001","木质门","1.门代号及洞口尺寸:M1\n2.镶嵌玻璃品种、厚度:见设计说明",null,"m2",2.52,79.02,null,199.13]
[19,"010801001002","木质门","1.门代号及洞口尺寸:M1224 1200㎜×2400㎜",null,"m2",37.44,65.77,null,2462.43]
[20,"010801001003","木质门","1.门代号及洞口尺寸:M0924 900㎜×2400㎜",null,"m2",95.04,79.02,null,7510.06]
[21,"010801001004","木质门","1.门代号及洞口尺寸:M0821 800㎜×2100㎜",null,"m2",11.52,79.02,null,910.31]
[22,"010801001005","木质门","1.门代号及洞口尺寸:M1221 1200㎜×2100㎜",null,"m2",5.04,65.77,null,331.48]
[23,"010801001006","木质门","1.门代号及洞口尺寸:M3627 3600㎜×2700㎜",null,"m2",9.72,65.77,null,639.28]
[24,"010801001007","木质门","1.门代号及洞口尺寸:M0921 900㎜×2100㎜",null,"m2",3.78,79.02,null,298.7]
[25,"010801001008","木质门","1.门代号及洞口尺寸:M0821 800㎜×2100㎜",null,"m2",3.36,79.02,null,265.51]
[26,"010807001001","金属(塑钢、断桥)窗","1.窗代号及洞口尺寸:C1218 1200*1800\n2.框、扇材质:见设计说明\n3.玻璃品种、厚度:见设计说明",null,"m2",8.64,65.77,null,568.25]
[27,"010807001002","金属(塑钢、断桥)窗","1.窗代号及洞口尺寸:C1518 1500*1800\n2.框、扇材质:见设计说明\n3.玻璃品种、厚度:见设计说明",null,"m2",123.66,65.77,null,8133.12]
["本页小计",{"$nulls":8},136096.37]
["注：为计取规费等的使用，可在表中增设其中：“定额人工费”。"]
[{"$nulls":8},"表—08"]
["分部分项工程和单价措施项目清单与计价表"]
["工程名称：建筑工程",{"$nulls":3},"标段：",{"$nulls":3},"第 3 页  共 4 页"]
["序号","项目编码","项目名称","项目特征描述",null,"计量单位","工程量","金额（元）"]
[{"$nulls":7},"综合单价",null,"综合合价","其中"]
[{"$nulls":10},"暂估价"]
[28,"010807001003","金属(塑钢、断桥)窗","1.窗代号及洞口尺寸:C5618 5600*1800\n2.框、扇材质:见设计说明\n3.玻璃品种、厚度:见设计说明",null,"m2",20.16,65.77,null,1325.92]
[29,"010807001004","金属(塑钢、断桥)窗","1.窗代号及洞口尺寸:C4518 4500*1800\n2.框、扇材质:见设计说明\n3.玻璃品种、厚度:见设计说明",null,"m2",48.6,78.13,null,3797.12]
[30,"010807001005","金属(塑钢、断桥)窗","1.窗代号及洞口尺寸:C1818 1800*1800\n2.框、扇材质:见设计说明\n3.玻璃品种、厚度:见设计说明",null,"m2",48.6,78.13,null,3797.12]
[31,"010807001006","金属(塑钢、断桥)窗","1.窗代号及洞口尺寸:C6618 6600*1800\n2.框、扇材质:见设计说明\n3.玻璃品种、厚度:见设计说明",null,"m2",23.76,78.13,null,1856.37]
[32,"010807001007","金属(塑钢、断桥)窗","1.窗代号及洞口尺寸:C3318 3300*1800\n2.框、扇材质:见设计说明\n3.玻璃品种、厚度:见设计说明",null,"m2",5.94,78.13,null,464.09]
[33,"011001001001","保温隔热屋面","1.保温隔热材料品种、规格、厚度:涂料\n2.防护材料种类、做法:防水材料",null,"m2",697.95,117.71,null,82155.69]
[34,"011101001001","水泥砂浆楼地面\u007f","1.找平层厚度、砂浆配合比:20厚1：3水泥砂浆找平\n2.面层厚度、砂浆配合比:70厚水泥防水珍珠岩保温块\n3.面层做法要求:40厚C20细石混凝土",null,"m2",653.6704,66.29,null,43331.81]
["本页小计",{"$nulls":8},136728.12]
["注：为计取规费等的使用，可在表中增设其中：“定额人工费”。"]
[{"$nulls":8},"表—08"]
["分部分项工程和单价措施项目清单与计价表"]
["工程名称：建筑工程",{"$nulls":3},"标段：",{"$nulls":3},"第 4 页  共 4 页"]
["序号","项目编码","项目名称","项目特征描述",null,"计量单位","工程量","金额（元）"]
[{"$nulls":7},"综合单价",null,"综合合价","其中"]
[{"$nulls":10},"暂估价"]
[35,"011201002001","墙面装饰抹灰","1.墙体类型:外墙\n2.底层厚度、砂浆配合比:见设计说明\n3.面层厚度、砂浆配合比:见设计说明\n4.装饰面材料种类:青色涂料\n5.分格缝宽度、材料种类:20MM引条线",null,"m2",1100.184,5.24,null,5764.96]
[36,"011204003001","块料墙面","1.安装方式:粘贴\n2.面层材料品种、规格、颜色:红色贴面砖",null,"m2",158.688,98.78,null,15675.2]
[null,null,"措施项目",{"$nulls":6},328195.62]
[37,"011702001001","基础","1.基础类型:独立基础",null,"m2",138.24,53.04,null,7332.25]
[38,"011702020001","其他板","1.支撑高度:基础垫层",null,"m2",30.24,431.79,null,13057.33]
[39,"011702006001","矩形梁","1.支撑高度:梁模板",null,"m2",1110.3668,65.37,null,72584.68]
[40,"011702014002","有梁板","1.支撑高度:梁模板",null,"m2",473.6908,65.37,null,30965.17]
[41,"011702014001","有梁板","1.支撑高度:板模板",null,"m2",1828.3558,62.36,null,114016.27]
[42,"011702002001","矩形柱","1.项目特征：柱模板",null,"m2",873.546,71.39,null,62362.45]
[43,"011702023001","雨篷、悬挑板、阳台板","1.构件类型:雨篷\n2.板厚度:100MM",null,"m2",14.4,74.1,null,1067.04]
[44,"011702024001","楼梯","1.类型:双跑楼梯",null,"m2",55.0866,186.86,null,10293.48]
[45,"011702027001","台阶","1.台阶踏步宽:300mm",null,"m2",3.54,41.1,null,145.49]
[46,"011701008001","综合钢脚手架","1.搭设高度:3.6",null,"m2",1376.91,11.89,null,16371.46]
[]
[]
[]
[]
[]
[]
["本页小计",{"$nulls":8},349635.78]
["合   计",{"$nulls":8},1139903.83]
["注：为计取规费等的使用，可在表中增设其中：“定额人工费”。"]
[{"$nulls":8},"表—08"]

{"sheet":"表-08 分部分项工程和单价措施项目清单与计价表(含措施标题)","index":5,"n_rows":86,"n_cols":11,"rows_kept":86,"merged":[[0,0,0,10],[1,0,1,3],[1,4,1,7],[1,8,1,10],[2,0,4,0],[2,1,4,1],[2,2,4,2],[2,3,4,4],[2,5,4,5],[2,6,4,6],[2,7,2,10],[3,7,4,8],[3,9,4,9],[5,3,5,4],[5,7,5,8],[6,3,6,4],[6,7,6,8],[7,3,7,4],[7,7,7,8],[8,3,8,4],[8,7,8,8],[9,3,9,4],[9,7,9,8],[10,3,10,4],[10,7,10,8],[11,3,11,4],[11,7,11,8],[12,3,12,4],[12,7,12,8],[13,3,13,4],[13,7,13,8],[14,3,14,4],[14,7,14,8],[15,3,15,4],[15,7,15,8],[16,3,16,4],[16,7,16,8],[17,3,17,4],[17,7,17,8],[18,0,18,8],[19,0,19,10],[20,0,20,3],[20,4,20,7],[20,8,20,10],[21,0,21,10],[22,0,22,3],[22,4,22,7],[22,8,22,10],[23,0,25,0],[23,1,25,1],[23,2,25,2],[23,3,25,4],[23,5,25,5],[23,6,25,6],[23,7,23,10],[24,7,25,8],[24,9,25,9],[26,3,26,4],[26,7,26,8],[27,3,27,4],[27,7,27,8],[28,3,28,4],[28,7,28,8],[29,3,29,4],[29,7,29,8],[30,3,30,4],[30,7,30,8],[31,3,31,4],[31,7,31,8],[32,3,32,4],[32,7,32,8],[33,3,33,4],[33,7,33,8],[34,3,34,4],[34,7,34,8],[35,3,35,4],[35,7,35,8],[36,3,36,4],[36,7,36,8],[37,3,37,4],[37,7,37,8],[38,3,38,4],[38,7,38,8],[39,3,39,4],[39,7,39,8],[40,3,40,4],[40,7,40,8],[41,0,41,8],[42,0,42,10],[43,0,43,3],[43,4,43,7],[43,8,43,10],[44,0,44,10],[45,0,45,3],[45,4,45,7],[45,8,45,10],[46,0,48,0],[46,1,48,1],[46,2,48,2],[46,3,48,4],[46,5,48,5],[46,6,48,6],[46,7,46,10],[47,7,48,8],[47,9,48,9],[49,3,49,4],[49,7,49,8],[50,3,50,4],[50,7,50,8],[51,3,51,4],[51,7,51,8],[52,3,52,4],[52,7,52,8],[53,3,53,4],[53,7,53,8],[54,3,54,4],[54,7,54,8],[55,3,55,4],[55,7,55,8],[56,0,56,8],[57,0,57,10],[58,0,58,3],[58,4,58,7],[58,8,58,10],[59,0,59,10],[60,0,60,3],[60,4,60,7],[60,8,60,10],[61,0,63,0],[61,1,63,1],[61,2,63,2],[61,3,63,4],[61,5,63,5],[61,6,63,6],[61,7,61,10],[62,7,63,8],[62,9,63,9],[64,3,64,4],[64,7,64,8],[65,3,65,4],[65,7,65,8],[66,3,66,4],[66,7,66,8],[67,3,67,4],[67,7,67,8],[68,3,68,4],[68,7,68,8],[69,3,69,4],[69,7,69,8],[70,3,70,4],[70,7,70,8],[71,3,71,4],[71,7,71,8],[72,3,72,4],[72,7,72,8],[73,3,73,4],[73,7,73,8],[74,3,74,4],[74,7,74,8],[75,3,75,4],[75,7,75,8],[76,3,76,4],[76,7,76,8],[77,3,77,4],[77,7,77,8],[78,3,78,4],[78,7,78,8],[79,3,79,4],[79,7,79,8],[80,3,80,4],[80,7,80,8],[81,3,81,4],[81,7,81,8],[82,0,82,8],[83,0,83,8],[84,0,84,10],[85,0,85,3],[85,4,85,7],[85,8,85,10]]}
["分部分项工程和单价措施项目清单与计价表"]
["工程名称：建筑工程",{"$nulls":3},"标段：",{"$nulls":3},"第 1 页  共 4 页"]
["序号","项目编码","项目名称","项目特征描述",null,"计量单位","工程量","金额（元）"]
[{"$nulls":7},"综合单价",null,"综合合价","其中"]
[{"$nulls":10},"暂估价"]
[null,null,"整个项目",{"$nulls":6},811708.21]
[1,"010101001001","平整场地","1.土壤类别:一、二类土\n2.弃土运距:见设计说明\n3.取土运距:见设计说明",null,"m2",697.95,4.45,null,3105.88]
[2,"010101004001","挖基坑土方","1.土壤类别:一、二类土\n2.挖土深度:2m 内\n3.弃土运距:见设计说明",null,"m3",874.8,8.1,null,7085.88]
[3,"010402001001","砌块墙","1.砌块品种、规格、强度等级:加气混凝土砌块\n2.墙体类型:填充墙\n3.砂浆强度等级:水泥砂浆M7.5",null,"m3",5.175,531.56,null,2750.82]
[4,"010402001002","砌块墙","1.砌块品种、规格、强度等级:加气混凝土砌块\n2.墙体类型:女儿墙\n3.砂浆强度等级:水泥砂浆M7.5",null,"m3",26.6978,538.36,null,14373.03]
[5,"010402001003","砌块墙","1.砌块品种、规格、强度等级:加气混凝土砌块\n2.墙体类型:内墙\n3.砂浆强度等级:水泥砂浆M7.5",null,"m3",376.0088,531.56,null,199871.24]
[6,"010402001004","砌块墙","1.砌块品种、规格、强度等级:加气混凝土砌块\n2.墙体类型:外墙\n3.砂浆强度等级:水泥砂浆M7.5",null,"m3",166.3804,531.56,null,88441.17]
[7,"010404001001","垫层","1.垫层材料种类、配合比、厚度:现浇砼C10",null,"m3",23.52,547.68,null,12881.43]
[8,"010501003001","独立基础","1.混凝土种类:现浇\n2.混凝土强度等级:C10",null,"m3",42.288,382.22,null,16163.32]
[9,"010501003002","独立基础","1.混凝土种类:现浇\n2.混凝土强度等级:C10",null,"m3",43.248,382.22,null,16530.25]
[10,"010502001001","矩形柱","1.混凝土种类:现浇\n2.混凝土强度等级:C30",null,"m3",117.6,539.62,null,63459.31]
[11,"010503002001","矩形梁","1.混凝土种类:现浇\n2.混凝土强度等级:C30",null,"m3",207.1128,434.44,null,89978.08]
[12,"010503005001","过梁","1.混凝土种类:预拌\n2.混凝土强度等级:C20",null,"m3",5.9267,472.97,null,2803.15]
["本页小计",{"$nulls":8},517443.56]
["注：为计取规费等的使用，可在表中增设其中：“定额人工费”。"]
[{"$nulls":8},"表—08"]
["分部分项工程和单价措施项目清单与计价表"]
["工程名称：建筑工程",{"$nulls":3},"标段：",{"$nulls":3},"第 2 页  共 4 页"]
["序号","项目编码","项目名称","项目特征描述",null,"计量单位","工程量","金额（元）"]
[{"$nulls":7},"综合单价",null,"综合合价","其中"]
[{"$nulls":10},"暂估价"]
[13,"010505001001","有梁板","1.混凝土种类:现浇\n2.混凝土强度等级:C25",null,"m3",183.2606,427.78,null,78395.22]
[14,"010505008001","雨篷、悬挑板、阳台板","1.混凝土种类:现浇\n2.混凝土强度等级:C25",null,"m3",1.44,595.72,null,857.84]
[15,"010506001001","直形楼梯","1.混凝土种类:现浇\n2.混凝土强度等级:C25",null,"m3",55.0866,487.64,null,26862.43]
[16,"010507001001","散水、坡道","1.面层厚度:100\n2.混凝土种类:现浇\n3.混凝土强度等级:C10",null,"m2",74.88,65.26,null,4886.67]
[17,"010507004001","台阶","1.混凝土种类:现浇\n2.混凝土强度等级:C25",null,"m3",7.7648,486.29,null,3775.94]
[18,"010801001001","木质门","1.门代号及洞口尺寸:M1\n2.镶嵌玻璃品种、厚度:见设计说明",null,"m2",2.52,79.02,null,199.13]
[19,"010801001002","木质门","1.门代号及洞口尺寸:M1224 1200㎜×2400㎜",null,"m2",37.44,65.77,null,2462.43]
[20,"010801001003","木质门","1.门代号及洞口尺寸:M0924 900㎜×2400㎜",null,"m2",95.04,79.02,null,7510.06]
[21,"010801001004","木质门","1.门代号及洞口尺寸:M0821 800㎜×2100㎜",null,"m2",11.52,79.02,null,910.31]
[22,"010801001005","木质门","1.门代号及洞口尺寸:M1221 1200㎜×2100㎜",null,"m2",5.04,65.77,null,331.48]
[23,"010801001006","木质门","1.门代号及洞口尺寸:M3627 3600㎜×2700㎜",null,"m2",9.72,65.77,null,639.28]
[24,"010801001007","木质门","1.门代号及洞口尺寸:M0921 900㎜×2100㎜",null,"m2",3.78,79.02,null,298.7]
[25,"010801001008","木质门","1.门代号及洞口尺寸:M0821 800㎜×2100㎜",null,"m2",3.36,79.02,null,265.51]
[26,"010807001001","金属(塑钢、断桥)窗","1.窗代号及洞口尺寸:C1218 1200*1800\n2.框、扇材质:见设计说明\n3.玻璃品种、厚度:见设计说明",null,"m2",8.64,65.77,null,568.25]
[27,"010807001002","金属(塑钢、断桥)窗","1.窗代号及洞口尺寸:C1518 1500*1800\n2.框、扇材质:见设计说明\n3.玻璃品种、厚度:见设计说明",null,"m2",123.66,65.77,null,8133.12]
["本页小计",{"$nulls":8},136096.37]
["注：为计取规费等的使用，可在表中增设其中：“定额人工费”。"]
[{"$nulls":8},"表—08"]
["分部分项工程和单价措施项目清单与计价表"]
["工程名称：建筑工程",{"$nulls":3},"标段：",{"$nulls":3},"第 3 页  共 4 页"]
["序号","项目编码","项目名称","项目特征描述",null,"计量单位","工程量","金额（元）"]
[{"$nulls":7},"综合单价",null,"综合合价","其中"]
[{"$nulls":10},"暂估价"]
[28,"010807001003","金属(塑钢、断桥)窗","1.窗代号及洞口尺寸:C5618 5600*1800\n2.框、扇材质:见设计说明\n3.玻璃品种、厚度:见设计说明",null,"m2",20.16,65.77,null,1325.92]
[29,"010807001004","金属(塑钢、断桥)窗","1.窗代号及洞口尺寸:C4518 4500*1800\n2.框、扇材质:见设计说明\n3.玻璃品种、厚度:见设计说明",null,"m2",48.6,78.13,null,3797.12]
[30,"010807001005","金属(塑钢、断桥)窗","1.窗代号及洞口尺寸:C1818 1800*1800\n2.框、扇材质:见设计说明\n3.玻璃品种、厚度:见设计说明",null,"m2",48.6,78.13,null,3797.12]
[31,"010807001006","金属(塑钢、断桥)窗","1.窗代号及洞口尺寸:C6618 6600*1800\n2.框、扇材质:见设计说明\n3.玻璃品种、厚度:见设计说明",null,"m2",23.76,78.13,null,1856.37]
[32,"010807001007","金属(塑钢、断桥)窗","1.窗代号及洞口尺寸:C3318 3300*1800\n2.框、扇材质:见设计说明\n3.玻璃品种、厚度:见设计说明",null,"m2",5.94,78.13,null,464.09]
[33,"011001001001","保温隔热屋面","1.保温隔热材料品种、规格、厚度:涂料\n2.防护材料种类、做法:防水材料",null,"m2",697.95,117.71,null,82155.69]
[34,"011101001001","水泥砂浆楼地面\u007f","1.找平层厚度、砂浆配合比:20厚1：3水泥砂浆找平\n2.面层厚度、砂浆配合比:70厚水泥防水珍珠岩保温块\n3.面层做法要求:40厚C20细石混凝土",null,"m2",653.6704,66.29,null,43331.81]
["本页小计",{"$nulls":8},136728.12]
["注：为计取规费等的使用，可在表中增设其中：“定额人工费”。"]
[{"$nulls":8},"表—08"]
["分部分项工程和单价措施项目清单与计价表"]
["工程名称：建筑工程",{"$nulls":3},"标段：",{"$nulls":3},"第 4 页  共 4 页"]
["序号","项目编码","项目名称","项目特征描述",null,"计量单位","工程量","金额（元）"]
[{"$nulls":7},"综合单价",null,"综合合价","其中"]
[{"$nulls":10},"暂估价"]
[35,"011201002001","墙面装饰抹灰","1.墙体类型:外墙\n2.底层厚度、砂浆配合比:见设计说明\n3.面层厚度、砂浆配合比:见设计说明\n4.装饰面材料种类:青色涂料\n5.分格缝宽度、材料种类:20MM引条线",null,"m2",1100.184,5.24,null,5764.96]
[36,"011204003001","块料墙面","1.安装方式:粘贴\n2.面层材料品种、规格、颜色:红色贴面砖",null,"m2",158.688,98.78,null,15675.2]
[null,null,"措施项目",{"$nulls":6},328195.62]
[null,"2","措施其他项目",{"$nulls":6},328195.62]
[37,"011702001001","基础","1.基础类型:独立基础",null,"m2",138.24,53.04,null,7332.25]
[38,"011702020001","其他板","1.支撑高度:基础垫层",null,"m2",30.24,431.79,null,13057.33]
[39,"011702006001","矩形梁","1.支撑高度:梁模板",null,"m2",1110.3668,65.37,null,72584.68]
[40,"011702014002","有梁板","1.支撑高度:梁模板",null,"m2",473.6908,65.37,null,30965.17]
[41,"011702014001","有梁板","1.支撑高度:板模板",null,"m2",1828.3558,62.36,null,114016.27]
[42,"011702002001","矩形柱","1.项目特征：柱模板",null,"m2",873.546,71.39,null,62362.45]
[43,"011702023001","雨篷、悬挑板、阳台板","1.构件类型:雨篷\n2.板厚度:100MM",null,"m2",14.4,74.1,null,1067.04]
[44,"011702024001","楼梯","1.类型:双跑楼梯",null,"m2",55.0866,186.86,null,10293.48]
[45,"011702027001","台阶","1.台阶踏步宽:300mm",null,"m2",3.54,41.1,null,145.49]
[46,"011701008001","综合钢脚手架","1.搭设高度:3.6",null,"m2",1376.91,11.89,null,16371.46]
[]
[]
[]
[]
["本页小计",{"$nulls":8},349635.78]
["合   计",{"$nulls":8},1139903.83]
["注：为计取规费等的使用，可在表中增设其中：“定额人工费”。"]
[{"$nulls":8},"表—08"]

{"sheet":"表-08 分部分项工程和单价措施项目清单与计价表(含分部小计)","index":6,"n_rows":86,"n_cols":11,"rows_kept":86,"merged":[[0,0,0,10],[1,0,1,3],[1,4,1,7],[1,8,1,10],[2,0,4,0],[2,1,4,1],[2,2,4,2],[2,3,4,4],[2,5,4,5],[2,6,4,6],[2,7,2,10],[3,7,4,8],[3,9,4,9],[5,3,5,4],[5,7,5,8],[6,3,6,4],[6,7,6,8],[7,3,7,4],[7,7,7,8],[8,3,8,4],[8,7,8,8],[9,3,9,4],[9,7,9,8],[10,3,10,4],[10,7,10,8],[11,3,11,4],[11,7,11,8],[12,3,12,4],[12,7,12,8],[13,3,13,4],[13,7,13,8],[14,3,14,4],[14,7,14,8],[15,3,15,4],[15,7,15,8],[16,3,16,4],[16,7,16,8],[17,3,17,4],[17,7,17,8],[18,0,18,8],[19,0,19,10],[20,0,20,3],[20,4,20,7],[20,8,20,10],[21,0,21,10],[22,0,22,3],[22,4,22,7],[22,8,22,10],[23,0,25,0],[23,1,25,1],[23,2,25,2],[23,3,25,4],[23,5,25,5],[23,6,25,6],[23,7,23,10],[24,7,25,8],[24,9,25,9],[26,3,26,4],[26,7,26,8],[27,3,27,4],[27,7,27,8],[28,3,28,4],[28,7,28,8],[29,3,29,4],[29,7,29,8],[30,3,30,4],[30,7,30,8],[31,3,31,4],[31,7,31,8],[32,3,32,4],[32,7,32,8],[33,3,33,4],[33,7,33,8],[34,3,34,4],[34,7,34,8],[35,3,35,4],[35,7,35,8],[36,3,36,4],[36,7,36,8],[37,3,37,4],[37,7,37,8],[38,3,38,4],[38,7,38,8],[39,3,39,4],[39,7,39,8],[40,3,40,4],[40,7,40,8],[41,0,41,8],[42,0,42,10],[43,0,43,3],[43,4,43,7],[43,8,43,10],[44,0,44,10],[45,0,45,3],[45,4,45,7],[45,8,45,10],[46,0,48,0],[46,1,48,1],[46,2,48,2],[46,3,48,4],[46,5,48,5],[46,6,48,6],[46,7,46,10],[47,7,48,8],[47,9,48,9],[49,3,49,4],[49,7,49,8],[50,3,50,4],[50,7,50,8],[51,3,51,4],[51,7,51,8],[52,3,52,4],[52,7,52,8],[53,3,53,4],[53,7,53,8],[54,3,54,4],[54,7,54,8],[55,3,55,4],[55,7,55,8],[56,0,56,8],[57,0,57,10],[58,0,58,3],[58,4,58,7],[58,8,58,10],[59,0,59,10],[60,0,60,3],[60,4,60,7],[60,8,60,10],[61,0,63,0],[61,1,63,1],[61,2,63,2],[61,3,63,4],[61,5,63,5],[61,6,63,6],[61,7,61,10],[62,7,63,8],[62,9,63,9],[64,3,64,4],[64,7,64,8],[65,3,65,4],[65,7,65,8],[66,3,66,4],[66,7,66,8],[67,3,67,4],[67,7,67,8],[68,3,68,4],[68,7,68,8],[69,3,69,4],[69,7,69,8],[70,3,70,4],[70,7,70,8],[71,3,71,4],[71,7,71,8],[72,3,72,4],[72,7,72,8],[73,3,73,4],[73,7,73,8],[74,3,74,4],[74,7,74,8],[75,3,75,4],[75,7,75,8],[76,3,76,4],[76,7,76,8],[77,3,77,4],[77,7,77,8],[78,3,78,4],[78,7,78,8],[79,3,79,4],[79,7,79,8],[80,3,80,4],[80,7,80,8],[81,3,81,4],[81,7,81,8],[82,0,82,8],[83,0,83,8],[84,0,84,10],[85,0,85,3],[85,4,85,7],[85,8,85,10]]}
["分部分项工程和单价措施项目清单与计价表"]
["工程名称：建筑工程",{"$nulls":3},"标段：",{"$nulls":3},"第 1 页  共 4 页"]
["序号","项目编码","项目名称","项目特征描述",null,"计量单位","工程量","金额（元）"]
[{"$nulls":7},"综合单价",null,"综合合价","其中"]
[{"$nulls":10},"暂估价"]
[null,null,"整个项目"]
[1,"010101001001","平整场地","1.土壤类别:一、二类土\n2.弃土运距:见设计说明\n3.取土运距:见设计说明",null,"m2",697.95,4.45,null,3105.88]
[2,"010101004001","挖基坑土方","1.土壤类别:一、二类土\n2.挖土深度:2m 内\n3.弃土运距:见设计说明",null,"m3",874.8,8.1,null,7085.88]
[3,"010402001001","砌块墙","1.砌块品种、规格、强度等级:加气混凝土砌块\n2.墙体类型:填充墙\n3.砂浆强度等级:水泥砂浆M7.5",null,"m3",5.175,531.56,null,2750.82]
[4,"010402001002","砌块墙","1.砌块品种、规格、强度等级:加气混凝土砌块\n2.墙体类型:女儿墙\n3.砂浆强度等级:水泥砂浆M7.5",null,"m3",26.6978,538.36,null,14373.03]
[5,"010402001003","砌块墙","1.砌块品种、规格、强度等级:加气混凝土砌块\n2.墙体类型:内墙\n3.砂浆强度等级:水泥砂浆M7.5",null,"m3",376.0088,531.56,null,199871.24]
[6,"010402001004","砌块墙","1.砌块品种、规格、强度等级:加气混凝土砌块\n2.墙体类型:外墙\n3.砂浆强度等级:水泥砂浆M7.5",null,"m3",166.3804,531.56,null,88441.17]
[7,"010404001001","垫层","1.垫层材料种类、配合比、厚度:现浇砼C10",null,"m3",23.52,547.68,null,12881.43]
[8,"010501003001","独立基础","1.混凝土种类:现浇\n2.混凝土强度等级:C10",null,"m3",42.288,382.22,null,16163.32]
[9,"010501003002","独立基础","1.混凝土种类:现浇\n2.混凝土强度等级:C10",null,"m3",43.248,382.22,null,16530.25]
[10,"010502001001","矩形柱","1.混凝土种类:现浇\n2.混凝土强度等级:C30",null,"m3",117.6,539.62,null,63459.31]
[11,"010503002001","矩形梁","1.混凝土种类:现浇\n2.混凝土强度等级:C30",null,"m3",207.1128,434.44,null,89978.08]
[12,"010503005001","过梁","1.混凝土种类:预拌\n2.混凝土强度等级:C20",null,"m3",5.9267,472.97,null,2803.15]
["本页小计",{"$nulls":8},517443.56]
["注：为计取规费等的使用，可在表中增设其中：“定额人工费”。"]
[{"$nulls":8},"表—08"]
["分部分项工程和单价措施项目清单与计价表"]
["工程名称：建筑工程",{"$nulls":3},"标段：",{"$nulls":3},"第 2 页  共 4 页"]
["序号","项目编码","项目名称","项目特征描述",null,"计量单位","工程量","金额（元）"]
[{"$nulls":7},"综合单价",null,"综合合价","其中"]
[{"$nulls":10},"暂估价"]
[13,"010505001001","有梁板","1.混凝土种类:现浇\n2.混凝土强度等级:C25",null,"m3",183.2606,427.78,null,78395.22]
[14,"010505008001","雨篷、悬挑板、阳台板","1.混凝土种类:现浇\n2.混凝土强度等级:C25",null,"m3",1.44,595.72,null,857.84]
[15,"010506001001","直形楼梯","1.混凝土种类:现浇\n2.混凝土强度等级:C25",null,"m3",55.0866,487.64,null,26862.43]
[16,"010507001001","散水、坡道","1.面层厚度:100\n2.混凝土种类:现浇\n3.混凝土强度等级:C10",null,"m2",74.88,65.26,null,4886.67]
[17,"010507004001","台阶","1.混凝土种类:现浇\n2.混凝土强度等级:C25",null,"m3",7.7648,486.29,null,3775.94]
[18,"010801001001","木质门","1.门代号及洞口尺寸:M1\n2.镶嵌玻璃品种、厚度:见设计说明",null,"m2",2.52,79.02,null,199.13]
[19,"010801001002","木质门","1.门代号及洞口尺寸:M1224 1200㎜×2400㎜",null,"m2",37.44,65.77,null,2462.43]
[20,"010801001003","木质门","1.门代号及洞口尺寸:M0924 900㎜×2400㎜",null,"m2",95.04,79.02,null,7510.06]
[21,"010801001004","木质门","1.门代号及洞口尺寸:M0821 800㎜×2100㎜",null,"m2",11.52,79.02,null,910.31]
[22,"010801001005","木质门","1.门代号及洞口尺寸:M1221 1200㎜×2100㎜",null,"m2",5.04,65.77,null,331.48]
[23,"010801001006","木质门","1.门代号及洞口尺寸:M3627 3600㎜×2700㎜",null,"m2",9.72,65.77,null,639.28]
[24,"010801001007","木质门","1.门代号及洞口尺寸:M0921 900㎜×2100㎜",null,"m2",3.78,79.02,null,298.7]
[25,"010801001008","木质门","1.门代号及洞口尺寸:M0821 800㎜×2100㎜",null,"m2",3.36,79.02,null,265.51]
[26,"010807001001","金属(塑钢、断桥)窗","1.窗代号及洞口尺寸:C1218 1200*1800\n2.框、扇材质:见设计说明\n3.玻璃品种、厚度:见设计说明",null,"m2",8.64,65.77,null,568.25]
[27,"010807001002","金属(塑钢、断桥)窗","1.窗代号及洞口尺寸:C1518 1500*1800\n2.框、扇材质:见设计说明\n3.玻璃品种、厚度:见设计说明",null,"m2",123.66,65.77,null,8133.12]
["本页小计",{"$nulls":8},136096.37]
["注：为计取规费等的使用，可在表中增设其中：“定额人工费”。"]
[{"$nulls":8},"表—08"]
["分部分项工程和单价措施项目清单与计价表"]
["工程名称：建筑工程",{"$nulls":3},"标段：",{"$nulls":3},"第 3 页  共 4 页"]
["序号","项目编码","项目名称","项目特征描述",null,"计量单位","工程量","金额（元）"]
[{"$nulls":7},"综合单价",null,"综合合价","其中"]
[{"$nulls":10},"暂估价"]
[28,"010807001003","金属(塑钢、断桥)窗","1.窗代号及洞口尺寸:C5618 5600*1800\n2.框、扇材质:见设计说明\n3.玻璃品种、厚度:见设计说明",null,"m2",20.16,65.77,null,1325.92]
[29,"010807001004","金属(塑钢、断桥)窗","1.窗代号及洞口尺寸:C4518 4500*1800\n2.框、扇材质:见设计说明\n3.玻璃品种、厚度:见设计说明",null,"m2",48.6,78.13,null,3797.12]
[30,"010807001005","金属(塑钢、断桥)窗","1.窗代号及洞口尺寸:C1818 1800*1800\n2.框、扇材质:见设计说明\n3.玻璃品种、厚度:见设计说明",null,"m2",48.6,78.13,null,3797.12]
[31,"010807001006","金属(塑钢、断桥)窗","1.窗代号及洞口尺寸:C6618 6600*1800\n2.框、扇材质:见设计说明\n3.玻璃品种、厚度:见设计说明",null,"m2",23.76,78.13,null,1856.37]
[32,"010807001007","金属(塑钢、断桥)窗","1.窗代号及洞口尺寸:C3318 3300*1800\n2.框、扇材质:见设计说明\n3.玻璃品种、厚度:见设计说明",null,"m2",5.94,78.13,null,464.09]
[33,"011001001001","保温隔热屋面","1.保温隔热材料品种、规格、厚度:涂料\n2.防护材料种类、做法:防水材料",null,"m2",697.95,117.71,null,82155.69]
[34,"011101001001","水泥砂浆楼地面\u007f","1.找平层厚度、砂浆配合比:20厚1：3水泥砂浆找平\n2.面层厚度、砂浆配合比:70厚水泥防水珍珠岩保温块\n3.面层做法要求:40厚C20细石混凝土",null,"m2",653.6704,66.29,null,43331.81]
["本页小计",{"$nulls":8},136728.12]
["注：为计取规费等的使用，可在表中增设其中：“定额人工费”。"]
[{"$nulls":8},"表—08"]
["分部分项工程和单价措施项目清单与计价表"]
["工程名称：建筑工程",{"$nulls":3},"标段：",{"$nulls":3},"第 4 页  共 4 页"]
["序号","项目编码","项目名称","项目特征描述",null,"计量单位","工程量","金额（元）"]
[{"$nulls":7},"综合单价",null,"综合合价","其中"]
[{"$nulls":10},"暂估价"]
[35,"011201002001","墙面装饰抹灰","1.墙体类型:外墙\n2.底层厚度、砂浆配合比:见设计说明\n3.面层厚度、砂浆配合比:见设计说明\n4.装饰面材料种类:青色涂料\n5.分格缝宽度、材料种类:20MM引条线",null,"m2",1100.184,5.24,null,5764.96]
[36,"011204003001","块料墙面","1.安装方式:粘贴\n2.面层材料品种、规格、颜色:红色贴面砖",null,"m2",158.688,98.78,null,15675.2]
[null,null,"分部分项合计",{"$nulls":6},811708.21]
[null,null,"措施项目"]
[37,"011702001001","基础","1.基础类型:独立基础",null,"m2",138.24,53.04,null,7332.25]
[38,"011702020001","其他板","1.支撑高度:基础垫层",null,"m2",30.24,431.79,null,13057.33]
[39,"011702006001","矩形梁","1.支撑高度:梁模板",null,"m2",1110.3668,65.37,null,72584.68]
[40,"011702014002","有梁板","1.支撑高度:梁模板",null,"m2",473.6908,65.37,null,30965.17]
[41,"011702014001","有梁板","1.支撑高度:板模板",null,"m2",1828.3558,62.36,null,114016.27]
[42,"011702002001","矩形柱","1.项目特征：柱模板",null,"m2",873.546,71.39,null,62362.45]
[43,"011702023001","雨篷、悬挑板、阳台板","1.构件类型:雨篷\n2.板厚度:100MM",null,"m2",14.4,74.1,null,1067.04]
[44,"011702024001","楼梯","1.类型:双跑楼梯",null,"m2",55.0866,186.86,null,10293.48]
[45,"011702027001","台阶","1.台阶踏步宽:300mm",null,"m2",3.54,41.1,null,145.49]
[46,"011701008001","综合钢脚手架","1.搭设高度:3.6",null,"m2",1376.91,11.89,null,16371.46]
[null,null,"单价措施合计",{"$nulls":6},328195.62]
[]
[]
[]
["本页小计",{"$nulls":8},349635.78]
["合   计",{"$nulls":8},1139903.83]
["注：为计取规费等的使用，可在表中增设其中：“定额人工费”。"]
[{"$nulls":8},"表—08"]

{"sheet":"表-09 综合单价分析表","index":7,"n_rows":1035,"n_cols":14,"rows_kept":1035,"merged":[[0,0,0,13],[1,0,1,7],[1,8,1,9],[1,10,1,13],[2,0,2,1],[2,2,2,3],[2,5,2,8],[2,9,2,10],[3,0,3,13],[4,4,4,8],[4,9,4,13],[5,7,5,8],[5,9,5,10],[6,7,6,8],[6,9,6,10],[7,7,7,8],[7,9,7,10],[8,0,8,1],[8,2,8,8],[8,9,8,10],[9,0,9,1],[9,2,9,8],[9,9,9,13],[10,0,10,8],[10,9,10,13],[11,1,11,5],[11,7,11,8],[11,9,11,10],[12,1,12,5],[12,7,12,8],[12,9,12,10],[13,1,13,5],[13,7,13,8],[13,9,13,10],[14,1,14,5],[14,7,14,8],[14,9,14,10],[15,1,15,5],[15,7,15,8],[15,9,15,10],[16,1,16,5],[16,7,16,8],[16,9,16,10],[17,1,17,5],[17,7,17,8],[17,9,17,10],[18,1,18,5],[18,7,18,8],[18,9,18,10],[19,0,19,13],[20,0,20,7],[20,8,20,9],[20,10,20,13],[21,0,21,13],[22,0,22,7],[22,8,22,9],[22,10,22,13],[23,0,23,1],[23,2,23,3],[23,5,23,8],[23,9,23,10],[24,0,24,13],[25,4,25,8],[25,9,25,13],[26,7,26,8],[26,9,26,10],[27,7,27,8],[27,9,27,10],[28,0,28,1],[28,2,28,8],[28,9,28,10],[29,0,29,1],[29,2,29,8],[29,9,29,13],[30,0,30,8],[30,9,30,13],[31,1,31,5],[31,7,31,8],[31,9,31,10],[32,1,32,5],[32,7,32,8],[32,9,32,10],[33,1,33,5],[33,7,33,8],[33,9,33,10],[34,1,34,5],[34,7,34,8],[34,9,34,10],[35,1,35,5],[35,7,35,8],[35,9,35,10],[36,1,36,5],[36,7,36,8],[36,9,36,10],[37,0,37,13],[38,0,38,7],[38,8,38,9],[38,10,38,13],[39,0,39,13],[40,0,40,7],[40,8,40,9],[40,10,40,13],[41,0,41,1],[41,2,41,3],[41,5,41,8],[41,9,41,10],[42,0,42,13],[43,4,43,8],[43,9,43,13],[44,7,44,8],[44,9,44,10],[45,7,45,8],[45,9,45,10],[46,0,46,1],[46,2,46,8],[46,9,46,10],[47,0,47,1],[47,2,47,8],[47,9,47,13],[48,0,48,8],[48,9,48,13],[49,1,49,5],[49,7,49,8],[49,9,49,10],[50,1,50,8],[50,9,50,10],[51,1,51,8],[51,9,51,10],[52,1,52,5],[52,7,52,8],[52,9,52,10],[53,1,53,5],[53,7,53,8],[53,9,53,10],[54,1,54,5],[54,7,54,8],[54,9,54,10],[55,1,55,5],[55,7,55,8],[55,9,55,10],[56,1,56,5],[56,7,56,8],[56,9,56,10],[57,1,57,5],[57,7,57,8],[57,9,57,10],[58,1,58,5],[58,7,58,8],[58,9,58,10],[59,1,59,5],[59,7,59,8],[59,9,59,10],[60,0,60,13],[61,0,61,7],[61,8,61,9],[61,10,61,13],[62,0,62,13],[63,0,63,7],[63,8,63,9],[63,10,63,13],[64,0,64,1],[64,2,64,3],[64,5,64,8],[64,9,64,10],[65,0,65,13],[66,4,66,8],[66,9,66,13],[67,7,67,8],[67,9,67,10],[68,7,68,8],[68,9,68,10],[69,0,69,1],[69,2,69,8],[69,9,69,10],[70,0,70,1],[70,2,70,8],[70,9,70,13],[71,0,71,8],[71,9,71,13],[72,1,72,5],[72,7,72,8],[72,9,72,10],[73,1,73,8],[73,9,73,10],[74,1,74,8],[74,9,74,10],[75,1,75,5],[75,7,75,8],[75,9,75,10],[76,1,76,5],[76,7,76,8],[76,9,76,10],[77,1,77,5],[77,7,77,8],[77,9,77,10],[78,1,78,5],[78,7,78,8],[78,9,78,10],[79,1,79,5],[79,7,79,8],[79,9,79,10],[80,1,80,5],[80,7,80,8],[80,9,80,10],[81,1,81,5],[81,7,81,8],[81,9,81,10],[82,1,82,5],[82,7,82,8],[82,9,82,10],[83,0,83,13],[84,0,84,7],[84,8,84,9],[84,10,84,13],[85,0,85,13],[86,0,86,7],[86,8,86,9],[86,10,86,13],[87,0,87,1],[87,2,87,3],[87,5,87,8],[87,9,87,10],[88,0,88,13],[89,4,89,8],[89,9,89,13],[90,7,90,8],[90,9,90,10],[91,7,91,8],[91,9,91,10],[92,0,92,1],[92,2,92,8],[92,9,92,10],[93,0,93,1],[93,2,93,8],[93,9,93,13],[94,0,94,8],[94,9,94,13],[95,1,95,5],[95,7,95,8],[95,9,95,10],[96,1,96,8],[96,9,96,10],[97,1,97,8],[97,9,97,10],[98,1,98,5],[98,7,98,8],[98,9,98,10],[99,1,99,5],[99,7,99,8],[99,9,99,10],[100,1,100,5],[100,7,100,8],[100,9,100,10],[101,1,101,5],[101,7,101,8],[101,9,101,10],[102,1,102,5],[102,7,102,8],[102,9,102,10],[103,1,103,5],[103,7,103,8],[103,9,103,10],[104,1,104,5],[104,7,104,8],[104,9,104,10],[105,1,105,5],[105,7,105,8],[105,9,105,10],[106,0,106,13],[107,0,107,7],[107,8,107,9],[107,10,107,13],[108,0,108,13],[109,0,109,7],[109,8,109,9],[109,10,109,13],[110,0,110,1],[110,2,110,3],[110,5,110,8],[110,9,110,10],[111,0,111,13],[112,4,112,8],[112,9,112,13],[113,7,113,8],[113,9,113,10],[114,7,114,8],[114,9,114,10],[115,0,115,1],[115,2,115,8],[115,9,115,10],[116,0,116,1],[116,2,116,8],[116,9,116,13],[117,0,117,8],[117,9,117,13],[118,1,118,5],[118,7,118,8],[118,9,118,10],[119,1,119,8],[119,9,119,10],[120,1,120,8],[120,9,120,10],[121,1,121,5],[121,7,121,8],[121,9,121,10],[122,1,122,5],[122,7,122,8],[122,9,122,10],[123,1,123,5],[123,7,123,8],[123,9,123,10],[124,1,124,5],[124,7,124,8],[124,9,124,10],[125,1,125,5],[125,7,125,8],[125,9,125,10],[126,1,126,5],[126,7,126,8],[126,9,126,10],[127,1,127,5],[127,7,127,8],[127,9,127,10],[128,1,128,5],[128,7,128,8],[128,9,128,10],[129,0,129,13],[130,0,130,7],[130,8,130,9],[130,10,130,13],[131,0,131,13],[132,0,132,7],[132,8,132,9],[132,10,132,13],[133,0,133,1],[133,2,133,3],[133,5,133,8],[133,9,133,10],[134,0,134,13],[135,4,135,8],[135,9,135,13],[136,7,136,8],[136,9,136,10],[137,7,137,8],[137,9,137,10],[138,0,138,1],[138,2,138,8],[138,9,138,10],[139,0,139,1],[139,2,139,8],[139,9,139,13],[140,0,140,8],[140,9,140,13],[141,1,141,5],[141,7,141,8],[141,9,141,10],[142,1,142,8],[142,9,142,10],[143,1,143,8],[143,9,143,10],[144,1,144,5],[144,7,144,8],[144,9,144,10],[145,1,145,5],[145,7,145,8],[145,9,145,10],[146,1,146,5],[146,7,146,8],[146,9,146,10],[147,1,147,5],[147,7,147,8],[147,9,147,10],[148,1,148,5],[148,7,148,8],[148,9,148,10],[149,1,149,5],[149,7,149,8],[149,9,149,10],[150,1,150,5],[150,7,150,8],[150,9,150,10],[151,1,151,5],[151,7,151,8],[151,9,151,10],[152,0,152,13],[153,0,153,7],[153,8,153,9],[153,10,153,13],[154,0,154,13],[155,0,155,7],[155,8,155,9],[155,10,155,13],[156,0,156,1],[156,2,156,3],[156,5,156,8],[156,9,156,10],[157,0,157,13],[158,4,158,8],[158,9,158,13],[159,7,159,8],[159,9,159,10],[160,7,160,8],[160,9,160,10],[161,7,161,8],[161,9,161,10],[162,0,162,1],[162,2,162,8],[162,9,162,10],[163,0,163,1],[163,2,163,8],[163,9,163,13],[164,0,164,8],[164,9,164,13],[165,1,165,5],[165,7,165,8],[165,9,165,10],[166,1,166,8],[166,9,166,10],[167,1,167,8],[167,9,167,10],[168,1,168,5],[168,7,168,8],[168,9,168,10],[169,1,169,5],[169,7,169,8],[169,9,169,10],[170,1,170,5],[170,7,170,8],[170,9,170,10],[171,1,171,5],[171,7,171,8],[171,9,171,10],[172,1,172,5],[172,7,172,8],[172,9,172,10],[173,1,173,5],[173,7,173,8],[173,9,173,10],[174,0,174,13],[175,0,175,7],[175,8,175,9],[175,10,175,13],[176,0,176,13],[177,0,177,7],[177,8,177,9],[177,10,177,13],[178,0,178,1],[178,2,178,3],[178,5,178,8],[178,9,178,10],[179,0,179,13],[180,4,180,8],[180,9,180,13],[181,7,181,8],[181,9,181,10],[182,7,182,8],[182,9,182,10],[183,7,183,8],[183,9,183,10],[184,0,184,1],[184,2,184,8],[184,9,184,10],[185,0,185,1],[185,2,185,8],[185,9,185,13],[186,0,186,8],[186,9,186,13],[187,1,187,5],[187,7,187,8],[187,9,187,10],[188,1,188,8],[188,9,188,10],[189,1,189,8],[189,9,189,10],[190,1,190,5],[190,7,190,8],[190,9,190,10],[191,1,191,5],[191,7,191,8],[191,9,191,10],[192,1,192,5],[192,7,192,8],[192,9,192,10],[193,1,193,5],[193,7,193,8],[193,9,193,10],[194,1,194,5],[194,7,194,8],[194,9,194,10],[195,1,195,5],[195,7,195,8],[195,9,195,10],[196,0,196,13],[197,0,197,7],[197,8,197,9],[197,10,197,13],[198,0,198,13],[199,0,199,7],[199,8,199,9],[199,10,199,13],[200,0,200,1],[200,2,200,3],[200,5,200,8],[200,9,200,10],[201,0,201,13],[202,4,202,8],[202,9,202,13],[203,7,203,8],[203,9,203,10],[204,7,204,8],[204,9,204,10],[205,7,205,8],[205,9,205,10],[206,0,206,1],[206,2,206,8],[206,9,206,10],[207,0,207,1],[207,2,207,8],[207,9,207,13],[208,0,208,8],[208,9,208,13],[209,1,209,5],[209,7,209,8],[209,9,209,10],[210,1,210,8],[210,9,210,10],[211,1,211,8],[211,9,211,10],[212,1,212,5],[212,7,212,8],[212,9,212,10],[213,1,213,5],[213,7,213,8],[213,9,213,10],[214,1,214,5],[214,7,214,8],[214,9,214,10],[215,1,215,5],[215,7,215,8],[215,9,215,10],[216,1,216,5],[216,7,216,8],[216,9,216,10],[217,0,217,13],[218,0,218,7],[218,8,218,9],[218,10,218,13],[219,0,219,13],[220,0,220,7],[220,8,220,9],[220,10,220,13],[221,0,221,1],[221,2,221,3],[221,5,221,8],[221,9,221,10],[222,0,222,13],[223,4,223,8],[223,9,223,13],[224,7,224,8],[224,9,224,10],[225,7,225,8],[225,9,225,10],[226,7,226,8],[226,9,226,10],[227,0,227,1],[227,2,227,8],[227,9,227,10],[228,0,228,1],[228,2,228,8],[228,9,228,13],[229,0,229,8],[229,9,229,13],[230,1,230,5],[230,7,230,8],[230,9,230,10],[231,1,231,8],[231,9,231,10],[232,1,232,8],[232,9,232,10],[233,1,233,5],[233,7,233,8],[233,9,233,10],[234,1,234,5],[234,7,234,8],[234,9,234,10],[235,1,235,5],[235,7,235,8],[235,9,235,10],[236,1,236,5],[236,7,236,8],[236,9,236,10],[237,1,237,5],[237,7,237,8],[237,9,237,10],[238,1,238,5],[238,7,238,8],[238,9,238,10],[239,0,239,13],[240,0,240,7],[240,8,240,9],[240,10,240,13],[241,0,241,13],[242,0,242,7],[242,8,242,9],[242,10,242,13],[243,0,243,1],[243,2,243,3],[243,5,243,8],[243,9,243,10],[244,0,244,13],[245,4,245,8],[245,9,245,13],[246,7,246,8],[246,9,246,10],[247,7,247,8],[247,9,247,10],[248,7,248,8],[248,9,248,10],[249,0,249,1],[249,2,249,8],[249,9,249,10],[250,0,250,1],[250,2,250,8],[250,9,250,13],[251,0,251,8],[251,9,251,13],[252,1,252,5],[252,7,252,8],[252,9,252,10],[253,1,253,8],[253,9,253,10],[254,1,254,8],[254,9,254,10],[255,1,255,5],[255,7,255,8],[255,9,255,10],[256,1,256,5],[256,7,256,8],[256,9,256,10],[257,1,257,5],[257,7,257,8],[257,9,257,10],[258,1,258,5],[258,7,258,8],[258,9,258,10],[259,1,259,5],[259,7,259,8],[259,9,259,10],[260,1,260,5],[260,7,260,8],[260,9,260,10],[261,0,261,13],[262,0,262,7],[262,8,262,9],[262,10,262,13],[263,0,263,13],[264,0,264,7],[264,8,264,9],[264,10,264,13],[265,0,265,1],[265,2,265,3],[265,5,265,8],[265,9,265,10],[266,0,266,13],[267,4,267,8],[267,9,267,13],[268,7,268,8],[268,9,268,10],[269,7,269,8],[269,9,269,10],[270,7,270,8],[270,9,270,10],[271,0,271,1],[271,2,271,8],[271,9,271,10],[272,0,272,1],[272,2,272,8],[272,9,272,13],[273,0,273,8],[273,9,273,13],[274,1,274,5],[274,7,274,8],[274,9,274,10],[275,1,275,8],[275,9,275,10],[276,1,276,8],[276,9,276,10],[277,1,277,5],[277,7,277,8],[277,9,277,10],[278,1,278,5],[278,7,278,8],[278,9,278,10],[279,1,279,5],[279,7,279,8],[279,9,279,10],[280,1,280,5],[280,7,280,8],[280,9,280,10],[281,1,281,5],[281,7,281,8],[281,9,281,10],[282,1,282,5],[282,7,282,8],[282,9,282,10],[283,0,283,13],[284,0,284,7],[284,8,284,9],[284,10,284,13],[285,0,285,13],[286,0,286,7],[286,8,286,9],[286,10,286,13],[287,0,287,1],[287,2,287,3],[287,5,287,8],[287,9,287,10],[288,0,288,13],[289,4,289,8],[289,9,289,13],[290,7,290,8],[290,9,290,10],[291,7,291,8],[291,9,291,10],[292,7,292,8],[292,9,292,10],[293,0,293,1],[293,2,293,8],[293,9,293,10],[294,0,294,1],[294,2,294,8],[294,9,294,13],[295,0,295,8],[295,9,295,13],[296,1,296,5],[296,7,296,8],[296,9,296,10],[297,1,297,8],[297,9,297,10],[298,1,298,8],[298,9,298,10],[299,1,299,5],[299,7,299,8],[299,9,299,10],[300,1,300,5],[300,7,300,8],[300,9,300,10],[301,1,301,5],[301,7,301,8],[301,9,301,10],[302,1,302,5],[302,7,302,8],[302,9,302,10],[303,1,303,5],[303,7,303,8],[303,9,303,10],[304,1,304,5],[304,7,304,8],[304,9,304,10],[305,0,305,13],[306,0,306,7],[306,8,306,9],[306,10,306,13],[307,0,307,13],[308,0,308,7],[308,8,308,9],[308,10,308,13],[309,0,309,1],[309,2,309,3],[309,5,309,8],[309,9,309,10],[310,0,310,13],[311,4,311,8],[311,9,311,13],[312,7,312,8],[312,9,312,10],[313,7,313,8],[313,9,313,10],[314,7,314,8],[314,9,314,10],[315,0,315,1],[315,2,315,8],[315,9,315,10],[316,0,316,1],[316,2,316,8],[316,9,316,13],[317,0,317,8],[317,9,317,13],[318,1,318,5],[318,7,318,8],[318,9,318,10],[319,1,319,8],[319,9,319,10],[320,1,320,8],[320,9,320,10],[321,1,321,5],[321,7,321,8],[321,9,321,10],[322,1,322,5],[322,7,322,8],[322,9,322,10],[323,1,323,5],[323,7,323,8],[323,9,323,10],[324,1,324,5],[324,7,324,8],[324,9,324,10],[325,1,325,5],[325,7,325,8],[325,9,325,10],[326,1,326,5],[326,7,326,8],[326,9,326,10],[327,0,327,13],[328,0,328,7],[328,8,328,9],[328,10,328,13],[329,0,329,13],[330,0,330,7],[330,8,330,9],[330,10,330,13],[331,0,331,1],[331,2,331,3],[331,5,331,8],[331,9,331,10],[332,0,332,13],[333,4,333,8],[333,9,333,13],[334,7,334,8],[334,9,334,10],[335,7,335,8],[335,9,335,10],[336,7,336,8],[336,9,336,10],[337,7,337,8],[337,9,337,10],[338,0,338,1],[338,2,338,8],[338,9,338,10],[339,0,339,1],[339,2,339,8],[339,9,339,13],[340,0,340,8],[340,9,340,13],[341,1,341,5],[341,7,341,8],[341,9,341,10],[342,1,342,8],[342,9,342,10],[343,1,343,8],[343,9,343,10],[344,1,344,5],[344,7,344,8],[344,9,344,10],[345,1,345,5],[345,7,345,8],[345,9,345,10],[346,1,346,5],[346,7,346,8],[346,9,346,10],[347,1,347,5],[347,7,347,8],[347,9,347,10],[348,1,348,5],[348,7,348,8],[348,9,348,10],[349,1,349,5],[349,7,349,8],[349,9,349,10],[350,0,350,13],[351,0,351,7],[351,8,351,9],[351,10,351,13],[352,0,352,13],[353,0,353,7],[353,8,353,9],[353,10,353,13],[354,0,354,1],[354,2,354,3],[354,5,354,8],[354,9,354,10],[355,0,355,13],[356,4,356,8],[356,9,356,13],[357,7,357,8],[357,9,357,10],[358,7,358,8],[358,9,358,10],[359,7,359,8],[359,9,359,10],[360,0,360,1],[360,2,360,8],[360,9,360,10],[361,0,361,1],[361,2,361,8],[361,9,361,13],[362,0,362,8],[362,9,362,13],[363,1,363,5],[363,7,363,8],[363,9,363,10],[364,1,364,8],[364,9,364,10],[365,1,365,8],[365,9,365,10],[366,1,366,5],[366,7,366,8],[366,9,366,10],[367,1,367,5],[367,7,367,8],[367,9,367,10],[368,1,368,5],[368,7,368,8],[368,9,368,10],[369,1,369,5],[369,7,369,8],[369,9,369,10],[370,1,370,5],[370,7,370,8],[370,9,370,10],[371,1,371,5],[371,7,371,8],[371,9,371,10],[372,0,372,13],[373,0,373,7],[373,8,373,9],[373,10,373,13],[374,0,374,13],[375,0,375,7],[375,8,375,9],[375,10,375,13],[376,0,376,1],[376,2,376,3],[376,5,376,8],[376,9,376,10],[377,0,377,13],[378,4,378,8],[378,9,378,13],[379,7,379,8],[379,9,379,10],[380,7,380,8],[380,9,380,10],[381,0,381,1],[381,2,381,8],[381,9,381,10],[382,0,382,1],[382,2,382,8],[382,9,382,13],[383,0,383,8],[383,9,383,13],[384,1,384,5],[384,7,384,8],[384,9,384,10],[385,1,385,8],[385,9,385,10],[386,1,386,8],[386,9,386,10],[387,1,387,5],[387,7,387,8],[387,9,387,10],[388,1,388,5],[388,7,388,8],[388,9,388,10],[389,1,389,5],[389,7,389,8],[389,9,389,10],[390,1,390,5],[390,7,390,8],[390,9,390,10],[391,1,391,5],[391,7,391,8],[391,9,391,10],[392,1,392,5],[392,7,392,8],[392,9,392,10],[393,1,393,5],[393,7,393,8],[393,9,393,10],[394,1,394,5],[394,7,394,8],[394,9,394,10],[395,0,395,13],[396,0,396,7],[396,8,396,9],[396,10,396,13],[397,0,397,13],[398,0,398,7],[398,8,398,9],[398,10,398,13],[399,0,399,1],[399,2,399,3],[399,5,399,8],[399,9,399,10],[400,0,400,13],[401,4,401,8],[401,9,401,13],[402,7,402,8],[402,9,402,10],[403,7,403,8],[403,9,403,10]],"merged_total":2817,"flags":["merged_cut"]}
["综合单价分析表"]
["工程名称：建筑工程",{"$nulls":7},"标段：",null,"第 1 页  共 46 页"]
["项目编码",null,"010101001001",null,"项目名称","平整场地",{"$nulls":3},"计量单位",null,"m2","工程量",697.95]
["清单综合单价组成明细"]
["定额编号","定额项目名称","定额\n单位","数量","单价",{"$nulls":4},"合价"]
[{"$nulls":4},"人工费","材料费","机具费","管理费\n和利润",null,"人工费",null,"材料费","机具费","管理费\n和利润"]
["A1-1-1","平整场地","100m2",0.01,13.8,null,164.19,63.19,null,0.14,null,null,1.64,0.63]
["A1-1-3","原土打夯 机械夯实 夯实机夯实","100m2",0.01,134.95,null,15.32,53.34,null,1.35,null,null,0.15,0.53]
["人工单价",null,"小计",{"$nulls":6},1.49,null,null,1.79,1.16]
[null,null,"未计价材料费"]
["清单项目综合单价",{"$nulls":8},4.45]
["材\n料\n费\n明\n细","主要材料名称、规格、型号",{"$nulls":4},"单位","数量",null,"单价（元）",null,"合价（元）","暂估单价\n（元）","暂估合价\n（元）"]
{"$rows_empty":7}
["注：1.如不使用省级或行业建设主管部门发布的计价依据，可不填定额编码、名称等；\n    2.招标文件提供了暂估单价的材料，按暂估的单价填入表内“暂估单价”栏及“暂估合价”栏。"]
[{"$nulls":10},"表-09"]
["综合单价分析表"]
["工程名称：建筑工程",{"$nulls":7},"标段：",null,"第 2 页  共 46 页"]
["项目编码",null,"010101004001",null,"项目名称","挖基坑土方",{"$nulls":3},"计量单位",null,"m3","工程量",874.8]
["清单综合单价组成明细"]
["定额编号","定额项目名称","定额\n单位","数量","单价",{"$nulls":4},"合价"]
[{"$nulls":4},"人工费","材料费","机具费","管理费\n和利润",null,"人工费",null,"材料费","机具费","管理费\n和利润"]
["A1-1-41 换","挖掘机挖沟槽、基坑土方 一、二类土 \u007f盖挖法挖土方机械开挖土方为主、人工开挖土方为辅时，机械挖土方 人工*1.3,机械*1.3","1000m3",0.001,835.46,null,5143.92,2122.68,null,0.84,null,null,5.14,2.12]
["人工单价",null,"小计",{"$nulls":6},0.84,null,null,5.14,2.12]
[null,null,"未计价材料费"]
["清单项目综合单价",{"$nulls":8},8.1]
["材\n料\n费\n明\n细","主要材料名称、规格、型号",{"$nulls":4},"单位","数量",null,"单价（元）",null,"合价（元）","暂估单价\n（元）","暂估合价\n（元）"]
[]
[]
[]
[]
[]
["注：1.如不使用省级或行业建设主管部门发布的计价依据，可不填定额编码、名称等；\n    2.招标文件提供了暂估单价的材料，按暂估的单价填入表内“暂估单价”栏及“暂估合价”栏。"]
[{"$nulls":10},"表-09"]
["综合单价分析表"]
["工程名称：建筑工程",{"$nulls":7},"标段：",null,"第 3 页  共 46 页"]
["项目编码",null,"010402001001",null,"项目名称","砌块墙",{"$nulls":3},"计量单位",null,"m3","工程量",5.175]
["清单综合单价组成明细"]
["定额编号","定额项目名称","定额\n单位","数量","单价",{"$nulls":4},"合价"]
[{"$nulls":4},"人工费","材料费","机具费","管理费\n和利润",null,"人工费",null,"材料费","机具费","管理费\n和利润"]
["借G1-4-22","蒸压加气混凝土砌块墙 墙厚≤300mm 砂浆","10m3",0.1,1585.1,2361.57,539.76,829.12,null,158.51,null,236.16,53.98,82.91]
["人工单价",null,"小计",{"$nulls":6},158.51,null,236.16,53.98,82.91]
[null,null,"未计价材料费"]
["清单项目综合单价",{"$nulls":8},531.56]
["材\n料\n费\n明\n细","主要材料名称、规格、型号",{"$nulls":4},"单位","数量",null,"单价（元）",null,"合价（元）","暂估单价\n（元）","暂估合价\n（元）"]
[null,"其他材料费",{"$nulls":7},"-",null,236.16,"-"]
[null,"材料费小计",{"$nulls":7},"-",null,236.16,"-"]
{"$rows_empty":8}
["注：1.如不使用省级或行业建设主管部门发布的计价依据，可不填定额编码、名称等；\n    2.招标文件提供了暂估单价的材料，按暂估的单价填入表内“暂估单价”栏及“暂估合价”栏。"]
[{"$nulls":10},"表-09"]
["综合单价分析表"]
["工程名称：建筑工程",{"$nulls":7},"标段：",null,"第 4 页  共 46 页"]
["项目编码",null,"010402001002",null,"项目名称","砌块墙",{"$nulls":3},"计量单位",null,"m3","工程量",26.6978]
["清单综合单价组成明细"]
["定额编号","定额项目名称","定额\n单位","数量","单价",{"$nulls":4},"合价"]
[{"$nulls":4},"人工费","材料费","机具费","管理费\n和利润",null,"人工费",null,"材料费","机具费","管理费\n和利润"]
["借G1-4-20","蒸压加气混凝土砌块墙 墙厚≤200mm 砂浆","10m3",0.1,1634.05,2361.57,539.76,848.22,null,163.41,null,236.16,53.98,84.82]
["人工单价",null,"小计",{"$nulls":6},163.41,null,236.16,53.98,84.82]
[null,null,"未计价材料费"]
["清单项目综合单价",{"$nulls":8},538.36]
["材\n料\n费\n明\n细","主要材料名称、规格、型号",{"$nulls":4},"单位","数量",null,"单价（元）",null,"合价（元）","暂估单价\n（元）","暂估合价\n（元）"]
[null,"其他材料费",{"$nulls":7},"-",null,236.16,"-"]
[null,"材料费小计",{"$nulls":7},"-",null,236.16,"-"]
{"$rows_empty":8}
["注：1.如不使用省级或行业建设主管部门发布的计价依据，可不填定额编码、名称等；\n    2.招标文件提供了暂估单价的材料，按暂估的单价填入表内“暂估单价”栏及“暂估合价”栏。"]
[{"$nulls":10},"表-09"]
["综合单价分析表"]
["工程名称：建筑工程",{"$nulls":7},"标段：",null,"第 5 页  共 46 页"]
["项目编码",null,"010402001003",null,"项目名称","砌块墙",{"$nulls":3},"计量单位",null,"m3","工程量",376.0088]
["清单综合单价组成明细"]
["定额编号","定额项目名称","定额\n单位","数量","单价",{"$nulls":4},"合价"]
[{"$nulls":4},"人工费","材料费","机具费","管理费\n和利润",null,"人工费",null,"材料费","机具费","管理费\n和利润"]
["借G1-4-22","蒸压加气混凝土砌块墙 墙厚≤300mm 砂浆","10m3",0.1,1585.1,2361.57,539.76,829.12,null,158.51,null,236.16,53.98,82.91]
["人工单价",null,"小计",{"$nulls":6},158.51,null,236.16,53.98,82.91]
[null,null,"未计价材料费"]
["清单项目综合单价",{"$nulls":8},531.56]
["材\n料\n费\n明\n细","主要材料名称、规格、型号",{"$nulls":4},"单位","数量",null,"单价（元）",null,"合价（元）","暂估单价\n（元）","暂估合价\n（元）"]
[null,"其他材料费",{"$nulls":7},"-",null,236.16,"-"]
[null,"材料费小计",{"$nulls":7},"-",null,236.16,"-"]
{"$rows_empty":8}
["注：1.如不使用省级或行业建设主管部门发布的计价依据，可不填定额编码、名称等；\n    2.招标文件提供了暂估单价的材料，按暂估的单价填入表内“暂估单价”栏及“暂估合价”栏。"]
[{"$nulls":10},"表-09"]
["综合单价分析表"]
["工程名称：建筑工程",{"$nulls":7},"标段：",null,"第 6 页  共 46 页"]
["项目编码",null,"010402001004",null,"项目名称","砌块墙",{"$nulls":3},"计量单位",null,"m3","工程量",166.3804]
["清单综合单价组成明细"]
["定额编号","定额项目名称","定额\n单位","数量","单价",{"$nulls":4},"合价"]
[{"$nulls":4},"人工费","材料费","机具费","管理费\n和利润",null,"人工费",null,"材料费","机具费","管理费\n和利润"]
["借G1-4-22","蒸压加气混凝土砌块墙 墙厚≤300mm 砂浆","10m3",0.1,1585.1,2361.57,539.76,829.12,null,158.51,null,236.16,53.98,82.91]
["人工单价",null,"小计",{"$nulls":6},158.51,null,236.16,53.98,82.91]
[null,null,"未计价材料费"]
["清单项目综合单价",{"$nulls":8},531.56]
["材\n料\n费\n明\n细","主要材料名称、规格、型号",{"$nulls":4},"单位","数量",null,"单价（元）",null,"合价（元）","暂估单价\n（元）","暂估合价\n（元）"]
[null,"其他材料费",{"$nulls":7},"-",null,236.16,"-"]
[null,"材料费小计",{"$nulls":7},"-",null,236.16,"-"]
{"$rows_empty":8}
["注：1.如不使用省级或行业建设主管部门发布的计价依据，可不填定额编码、名称等；\n    2.招标文件提供了暂估单价的材料，按暂估的单价填入表内“暂估单价”栏及“暂估合价”栏。"]
[{"$nulls":10},"表-09"]
["综合单价分析表"]
["工程名称：建筑工程",{"$nulls":7},"标段：",null,"第 7 页  共 46 页"]
["项目编码",null,"010404001001",null,"项目名称","垫层",{"$nulls":3},"计量单位",null,"m3","工程量",23.52]
["清单综合单价组成明细"]
["定额编号","定额项目名称","定额\n单位","数量","单价",{"$nulls":4},"合价"]
[{"$nulls":4},"人工费","材料费","机具费","管理费\n和利润",null,"人工费",null,"材料费","机具费","管理费\n和利润"]
["借G1-5-1","现浇混凝土 混凝土垫层","10m3",0.1,711.99,4451.58,25.44,287.75,null,71.2,null,445.16,2.54,28.78]
["人工单价",null,"小计",{"$nulls":6},71.2,null,445.16,2.54,28.78]
[null,null,"未计价材料费"]
["清单项目综合单价",{"$nulls":8},547.68]
["材\n料\n费\n明\n细","主要材料名称、规格、型号",{"$nulls":4},"单位","数量",null,"单价（元）",null,"合价（元）","暂估单价\n（元）","暂估合价\n（元）"]
[null,"其他材料费",{"$nulls":7},"-",null,445.15,"-"]
[null,"材料费小计",{"$nulls":7},"-",null,445.15,"-"]
{"$rows_empty":8}
["注：1.如不使用省级或行业建设主管部门发布的计价依据，可不填定额编码、名称等；\n    2.招标文件提供了暂估单价的材料，按暂估的单价填入表内“暂估单价”栏及“暂估合价”栏。"]
[{"$nulls":10},"表-09"]
["综合单价分析表"]
["工程名称：建筑工程",{"$nulls":7},"标段：",null,"第 8 页  共 46 页"]
["项目编码",null,"010501003001",null,"项目名称","独立基础",{"$nulls":3},"计量单位",null,"m3","工程量",42.288]
["清单综合单价组成明细"]
["定额编号","定额项目名称","定额\n单位","数量","单价",{"$nulls":4},"合价"]
[{"$nulls":4},"人工费","材料费","机具费","管理费\n和利润",null,"人工费",null,"材料费","机具费","管理费\n和利润"]
["A1-5-2","现浇建筑物混凝土 其他混凝土基础","10m3",0.1,456.92,80.8,7.74,226.52,null,45.69,null,8.08,0.77,22.65]
["8021901","普通预拌混凝土 碎石粒径综合考虑 C10","m3",1.01,null,302,{"$nulls":5},305.02]
["人工单价",null,"小计",{"$nulls":6},45.69,null,313.1,0.77,22.65]
[null,null,"未计价材料费"]
["清单项目综合单价",{"$nulls":8},382.22]
["材\n料\n费\n明\n细","主要材料名称、规格、型号",{"$nulls":4},"单位","数量",null,"单价（元）",null,"合价（元）","暂估单价\n（元）","暂估合价\n（元）"]
[null,"其他材料费",{"$nulls":7},"-",null,313.1,"-"]
[null,"材料费小计",{"$nulls":7},"-",null,313.1,"-"]
[]
[]
[]
[]
[]
[]
["注：1.如不使用省级或行业建设主管部门发布的计价依据，可不填定额编码、名称等；\n    2.招标文件提供了暂估单价的材料，按暂估的单价填入表内“暂估单价”栏及“暂估合价”栏。"]
[{"$nulls":10},"表-09"]
["综合单价分析表"]
["工程名称：建筑工程",{"$nulls":7},"标段：",null,"第 9 页  共 46 页"]
["项目编码",null,"010501003002",null,"项目名称","独立基础",{"$nulls":3},"计量单位",null,"m3","工程量",43.248]
["清单综合单价组成明细"]
["定额编号","定额项目名称","定额\n单位","数量","单价",{"$nulls":4},"合价"]
[{"$nulls":4},"人工费","材料费","机具费","管理费\n和利润",null,"人工费",null,"材料费","机具费","管理费\n和利润"]
["A1-5-2","现浇建筑物混凝土 其他混凝土基础","10m3",0.1,456.92,80.8,7.74,226.52,null,45.69,null,8.08,0.77,22.65]
["8021901","普通预拌混凝土 碎石粒径综合考虑 C10","m3",1.01,null,302,{"$nulls":5},305.02]
["人工单价",null,"小计",{"$nulls":6},45.69,null,313.1,0.77,22.65]
[null,null,"未计价材料费"]
["清单项目综合单价",{"$nulls":8},382.22]
["材\n料\n费\n明\n细","主要材料名称、规格、型号",{"$nulls":4},"单位","数量",null,"单价（元）",null,"合价（元）","暂估单价\n（元）","暂估合价\n（元）"]
[null,"其他材料费",{"$nulls":7},"-",null,313.1,"-"]
[null,"材料费小计",{"$nulls":7},"-",null,313.1,"-"]
[]
[]
[]
[]
[]
[]
["注：1.如不使用省级或行业建设主管部门发布的计价依据，可不填定额编码、名称等；\n    2.招标文件提供了暂估单价的材料，按暂估的单价填入表内“暂估单价”栏及“暂估合价”栏。"]
[{"$nulls":10},"表-09"]
["综合单价分析表"]
["工程名称：建筑工程",{"$nulls":7},"标段：",null,"第 10 页  共 46 页"]
["项目编码",null,"010502001001",null,"项目名称","矩形柱",{"$nulls":3},"计量单位",null,"m3","工程量",117.6]
["清单综合单价组成明细"]
["定额编号","定额项目名称","定额\n单位","数量","单价",{"$nulls":4},"合价"]
[{"$nulls":4},"人工费","材料费","机具费","管理费\n和利润",null,"人工费",null,"材料费","机具费","管理费\n和利润"]
["A1-5-5","现浇建筑物混凝土 矩形、多边形、异形、圆形柱、钢管柱","10m3",0.1,1181,186.95,12.46,581.81,null,118.1,null,18.7,1.25,58.18]
["8021905","普通预拌混凝土 碎石粒径综合考虑 C30","m3",1.01,null,340,{"$nulls":5},343.4]
["人工单价",null,"小计",{"$nulls":6},118.1,null,362.1,1.25,58.18]
[null,null,"未计价材料费"]
["清单项目综合单价",{"$nulls":8},539.62]
["材\n料\n费\n明\n细","主要材料名称、规格、型号",{"$nulls":4},"单位","数量",null,"单价（元）",null,"合价（元）","暂估单价\n（元）","暂估合价\n（元）"]
[null,"其他材料费",{"$nulls":7},"-",null,362.1,"-"]
[null,"材料费小计",{"$nulls":7},"-",null,362.1,"-"]
[]
[]
[]
[]
[]
["注：1.如不使用省级或行业建设主管部门发布的计价依据，可不填定额编码、名称等；\n    2.招标文件提供了暂估单价的材料，按暂估的单价填入表内“暂估单价”栏及“暂估合价”栏。"]
[{"$nulls":10},"表-09"]
["综合单价分析表"]
["工程名称：建筑工程",{"$nulls":7},"标段：",null,"第 11 页  共 46 页"]
["项目编码",null,"010503002001",null,"项目名称","矩形梁",{"$nulls":3},"计量单位",null,"m3","工程量",207.1128]
["清单综合单价组成明细"]
["定额编号","定额项目名称","定额\n单位","数量","单价",{"$nulls":4},"合价"]
[{"$nulls":4},"人工费","材料费","机具费","管理费\n和利润",null,"人工费",null,"材料费","机具费","管理费\n和利润"]
["A1-5-9","现浇建筑物混凝土 单梁、连续梁、异形梁","10m3",0.1,487.28,166.89,12.56,243.67,null,48.73,null,16.69,1.26,24.37]
["8021905","普通预拌混凝土 碎石粒径综合考虑 C30","m3",1.01,null,340,{"$nulls":5},343.4]
["人工单价",null,"小计",{"$nulls":6},48.73,null,360.09,1.26,24.37]
[null,null,"未计价材料费"]
["清单项目综合单价",{"$nulls":8},434.44]
["材\n料\n费\n明\n细","主要材料名称、规格、型号",{"$nulls":4},"单位","数量",null,"单价（元）",null,"合价（元）","暂估单价\n（元）","暂估合价\n（元）"]
[null,"其他材料费",{"$nulls":7},"-",null,360.08,"-"]
[null,"材料费小计",{"$nulls":7},"-",null,360.08,"-"]
[]
[]
[]
[]
[]
[]
["注：1.如不使用省级或行业建设主管部门发布的计价依据，可不填定额编码、名称等；\n    2.招标文件提供了暂估单价的材料，按暂估的单价填入表内“暂估单价”栏及“暂估合价”栏。"]
[{"$nulls":10},"表-09"]
["综合单价分析表"]
["工程名称：建筑工程",{"$nulls":7},"标段：",null,"第 12 页  共 46 页"]
["项目编码",null,"010503005001",null,"项目名称","过梁",{"$nulls":3},"计量单位",null,"m3","工程量",5.9267]
["清单综合单价组成明细"]
["定额编号","定额项目名称","定额\n单位","数量","单价",{"$nulls":4},"合价"]
[{"$nulls":4},"人工费","材料费","机具费","管理费\n和利润",null,"人工费",null,"材料费","机具费","管理费\n和利润"]
["A1-5-37","现浇建筑物混凝土 小型构件预制 过梁、花架条","10m3",0.1,919.29,101.68,5.63,450.89,null,91.93,null,10.17,0.56,45.09]
["8021903","普通预拌混凝土 碎石粒径综合考虑 C20","m3",1.01,null,322,{"$nulls":5},325.22]
["人工单价",null,"小计",{"$nulls":6},91.93,null,335.39,0.56,45.09]
[null,null,"未计价材料费"]
["清单项目综合单价",{"$nulls":8},472.97]
["材\n料\n费\n明\n细","主要材料名称、规格、型号",{"$nulls":4},"单位","数量",null,"单价（元）",null,"合价（元）","暂估单价\n（元）","暂估合价\n（元）"]
[null,"其他材料费",{"$nulls":7},"-",null,335.39,"-"]
[null,"材料费小计",{"$nulls":7},"-",null,335.39,"-"]
[]
[]
[]
[]
[]
[]
["注：1.如不使用省级或行业建设主管部门发布的计价依据，可不填定额编码、名称等；\n    2.招标文件提供了暂估单价的材料，按暂估的单价填入表内“暂估单价”栏及“暂估合价”栏。"]
[{"$nulls":10},"表-09"]
["综合单价分析表"]
["工程名称：建筑工程",{"$nulls":7},"标段：",null,"第 13 页  共 46 页"]
["项目编码",null,"010505001001",null,"项目名称","有梁板",{"$nulls":3},"计量单位",null,"m3","工程量",183.2606]
["清单综合单价组成明细"]
["定额编号","定额项目名称","定额\n单位","数量","单价",{"$nulls":4},"合价"]
[{"$nulls":4},"人工费","材料费","机具费","管理费\n和利润",null,"人工费",null,"材料费","机具费","管理费\n和利润"]
["A1-5-14","现浇建筑物混凝土 平板、有梁板、无梁板","10m3",0.1,466.03,220.49,14.1,234.07,null,46.6,null,22.05,1.41,23.41]
["8021904","普通预拌混凝土 碎石粒径综合考虑 C25","m3",1.01,null,331,{"$nulls":5},334.31]
["人工单价",null,"小计",{"$nulls":6},46.6,null,356.36,1.41,23.41]
[null,null,"未计价材料费"]
["清单项目综合单价",{"$nulls":8},427.78]
["材\n料\n费\n明\n细","主要材料名称、规格、型号",{"$nulls":4},"单位","数量",null,"单价（元）",null,"合价（元）","暂估单价\n（元）","暂估合价\n（元）"]
[null,"其他材料费",{"$nulls":7},"-",null,356.36,"-"]
[null,"材料费小计",{"$nulls":7},"-",null,356.36,"-"]
[]
[]
[]
[]
[]
[]
["注：1.如不使用省级或行业建设主管部门发布的计价依据，可不填定额编码、名称等；\n    2.招标文件提供了暂估单价的材料，按暂估的单价填入表内“暂估单价”栏及“暂估合价”栏。"]
[{"$nulls":10},"表-09"]
["综合单价分析表"]
["工程名称：建筑工程",{"$nulls":7},"标段：",null,"第 14 页  共 46 页"]
["项目编码",null,"010505008001",null,"项目名称","雨篷、悬挑板、阳台板",{"$nulls":3},"计量单位",null,"m3","工程量",1.44]
["清单综合单价组成明细"]
["定额编号","定额项目名称","定额\n单位","数量","单价",{"$nulls":4},"合价"]
[{"$nulls":4},"人工费","材料费","机具费","管理费\n和利润",null,"人工费",null,"材料费","机具费","管理费\n和利润"]
["A1-5-29","现浇混凝土其他构件 阳台、雨蓬","10m3",0.1,1686.5,73.44,21.51,832.65,null,168.65,null,7.34,2.15,83.27]
["8021904","普通预拌混凝土 碎石粒径综合考虑 C25","m3",1.01,null,331,{"$nulls":5},334.31]
["人工单价",null,"小计",{"$nulls":6},168.65,null,341.65,2.15,83.27]
[null,null,"未计价材料费"]
["清单项目综合单价",{"$nulls":8},595.72]
["材\n料\n费\n明\n细","主要材料名称、规格、型号",{"$nulls":4},"单位","数量",null,"单价（元）",null,"合价（元）","暂估单价\n（元）","暂估合价\n（元）"]
[null,"其他材料费",{"$nulls":7},"-",null,341.65,"-"]
[null,"材料费小计",{"$nulls":7},"-",null,341.65,"-"]
[]
[]
[]
[]
[]
[]
["注：1.如不使用省级或行业建设主管部门发布的计价依据，可不填定额编码、名称等；\n    2.招标文件提供了暂估单价的材料，按暂估的单价填入表内“暂估单价”栏及“暂估合价”栏。"]
[{"$nulls":10},"表-09"]
["综合单价分析表"]
["工程名称：建筑工程",{"$nulls":7},"标段：",null,"第 15 页  共 46 页"]
["项目编码",null,"010506001001",null,"项目名称","直形楼梯",{"$nulls":3},"计量单位",null,"m3","工程量",55.0866]
["清单综合单价组成明细"]
["定额编号","定额项目名称","定额\n单位","数量","单价",{"$nulls":4},"合价"]
[{"$nulls":4},"人工费","材料费","机具费","管理费\n和利润",null,"人工费",null,"材料费","机具费","管理费\n和利润"]
["A1-5-21","现浇建筑物混凝土 直形楼梯","10m3",0.1,837.94,256.98,20.1,418.3,null,83.79,null,25.7,2.01,41.83]
["8021904","普通预拌混凝土 碎石粒径综合考虑 C25","m3",1.01,null,331,{"$nulls":5},334.31]
["人工单价",null,"小计",{"$nulls":6},83.79,null,360.01,2.01,41.83]
[null,null,"未计价材料费"]
["清单项目综合单价",{"$nulls":8},487.64]
["材\n料\n费\n明\n细","主要材料名称、规格、型号",{"$nulls":4},"单位","数量",null,"单价（元）",null,"合价（元）","暂估单价\n（元）","暂估合价\n（元）"]
[null,"其他材料费",{"$nulls":7},"-",null,360.01,"-"]
[null,"材料费小计",{"$nulls":7},"-",null,360.01,"-"]
[]
[]
[]
[]
[]
[]
["注：1.如不使用省级或行业建设主管部门发布的计价依据，可不填定额编码、名称等；\n    2.招标文件提供了暂估单价的材料，按暂估的单价填入表内“暂估单价”栏及“暂估合价”栏。"]
[{"$nulls":10},"表-09"]
["综合单价分析表"]
["工程名称：建筑工程",{"$nulls":7},"标段：",null,"第 16 页  共 46 页"]
["项目编码",null,"010507001001",null,"项目名称","散水、坡道",{"$nulls":3},"计量单位",null,"m2","工程量",74.88]
["清单综合单价组成明细"]
["定额编号","定额项目名称","定额\n单位","数量","单价",{"$nulls":4},"合价"]
[{"$nulls":4},"人工费","材料费","机具费","管理费\n和利润",null,"人工费",null,"材料费","机具费","管理费\n和利润"]
["A1-4-80","砖散水 平铺","100m2",0.01,3156.43,1088.33,null,1109.17,null,31.56,null,10.88,null,11.09]
["80090460","干混地面砂浆 DS M15","m3",0.0202,36,422.77,20.18,19.75,null,0.73,null,8.54,0.41,0.4]
["80090460","干混地面砂浆 DS M15","m3",0.0033,36,422.77,20.18,19.75,null,0.12,null,1.4,0.07,0.07]
["人工单价",null,"小计",{"$nulls":6},32.41,null,20.82,0.48,11.56]
[null,null,"未计价材料费"]
["清单项目综合单价",{"$nulls":8},65.26]
["材\n料\n费\n明\n细","主要材料名称、规格、型号",{"$nulls":4},"单位","数量",null,"单价（元）",null,"合价（元）","暂估单价\n（元）","暂估合价\n（元）"]
[null,"其他材料费",{"$nulls":7},"-",null,20.84,"-"]
[null,"材料费小计",{"$nulls":7},"-",null,20.84,"-"]
[]
[]
[]
[]
[]
[]
["注：1.如不使用省级或行业建设主管部门发布的计价依据，可不填定额编码、名称等；\n    2.招标文件提供了暂估单价的材料，按暂估的单价填入表内“暂估单价”栏及“暂估合价”栏。"]
[{"$nulls":10},"表-09"]
["综合单价分析表"]
["工程名称：建筑工程",{"$nulls":7},"标段：",null,"第 17 页  共 46 页"]
["项目编码",null,"010507004001",null,"项目名称","台阶",{"$nulls":3},"计量单位",null,"m3","工程量",7.7648]
["清单综合单价组成明细"]
["定额编号","定额项目名称","定额\n单位","数量","单价",{"$nulls":4},"合价"]
[{"$nulls":4},"人工费","材料费","机具费","管理费\n和利润",null,"人工费",null,"材料费","机具费","管理费\n和利润"]
["A1-5-34","现浇混凝土其他构件 台阶","10m3",0.1,968.48,49.29,20.1,481.94,null,96.85,null,4.93,2.01,48.19]
["8021904","普通预拌混凝土 碎石粒径综合考虑 C25","m3",1.01,null,331,{"$nulls":5},334.31]
["人工单价",null,"小计",{"$nulls":6},96.85,null,339.24,2.01,48.19]
[null,null,"未计价材料费"]
["清单项目综合单价",{"$nulls":8},486.29]
["材\n料\n费\n明\n细","主要材料名称、规格、型号",{"$nulls":4},"单位","数量",null,"单价（元）",null,"合价（元）","暂估单价\n（元）","暂估合价\n（元）"]
[null,"其他材料费",{"$nulls":7},"-",null,339.24,"-"]
[null,"材料费小计",{"$nulls":7},"-",null,339.24,"-"]
[]
[]
[]
[]
[]
[]
["注：1.如不使用省级或行业建设主管部门发布的计价依据，可不填定额编码、名称等；\n    2.招标文件提供了暂估单价的材料，按暂估的单价填入表内“暂估单价”栏及“暂估合价”栏。"]
[{"$nulls":10},"表-09"]
["综合单价分析表"]
["工程名称：建筑工程",{"$nulls":7},"标段：",null,"第 18 页  共 46 页"]
["项目编码",null,"010801001001",null,"项目名称","木质门",{"$nulls":3},"计量单位",null,"m2","工程量",2.52]
["清单综合单价组成明细"]
["定额编号","定额项目名称","定额\n单位","数量","单价",{"$nulls":4},"合价"]
[{"$nulls":4},"人工费","材料费","机具费","管理费\n和利润",null,"人工费",null,"材料费","机具费","管理费\n和利润"]
["A1-9-3","带纱镶板门、胶合板门安装 无亮 单扇","100m2",0.01,3125.51,3690.84,1.53,1083.83,null,31.26,null,36.91,0.02,10.84]
["人工单价",null,"小计",{"$nulls":6},31.26,null,36.91,0.02,10.84]
[null,null,"未计价材料费"]
["清单项目综合单价",{"$nulls":8},79.02]
["材\n料\n费\n明\n细","主要材料名称、规格、型号",{"$nulls":4},"单位","数量",null,"单价（元）",null,"合价（元）","暂估单价\n（元）","暂估合价\n（元）"]
[null,"其他材料费",{"$nulls":7},"-",null,36.91,"-"]
[null,"材料费小计",{"$nulls":7},"-",null,36.9,"-"]
{"$rows_empty":8}
["注：1.如不使用省级或行业建设主管部门发布的计价依据，可不填定额编码、名称等；\n    2.招标文件提供了暂估单价的材料，按暂估的单价填入表内“暂估单价”栏及“暂估合价”栏。"]
[{"$nulls":10},"表-09"]
["综合单价分析表"]
["工程名称：建筑工程",{"$nulls":7},"标段：",null,"第 19 页  共 46 页"]
["项目编码",null,"010801001002",null,"项目名称","木质门",{"$nulls":3},"计量单位",null,"m2","工程量",37.44]
["清单综合单价组成明细"]
["定额编号","定额项目名称","定额\n单位","数量","单价",{"$nulls":4},"合价"]
[{"$nulls":4},"人工费","材料费","机具费","管理费\n和利润",null,"人工费",null,"材料费","机具费","管理费\n和利润"]
["A1-9-4","带纱镶板门、胶合板门安装 无亮 双扇","100m2",0.01,2697.77,2943.14,0.77,935.32,null,26.98,null,29.43,0.01,9.35]
["人工单价",null,"小计",{"$nulls":6},26.98,null,29.43,0.01,9.35]
[null,null,"未计价材料费"]
["清单项目综合单价",{"$nulls":8},65.77]
["材\n料\n费\n明\n细","主要材料名称、规格、型号",{"$nulls":4},"单位","数量",null,"单价（元）",null,"合价（元）","暂估单价\n（元）","暂估合价\n（元）"]
[null,"其他材料费",{"$nulls":7},"-",null,29.49,"-"]
[null,"材料费小计",{"$nulls":7},"-",null,29.5,"-"]
{"$rows_empty":8}
["注：1.如不使用省级或行业建设主管部门发布的计价依据，可不填定额编码、名称等；\n    2.招标文件提供了暂估单价的材料，按暂估的单价填入表内“暂估单价”栏及“暂估合价”栏。"]
[{"$nulls":10},"表-09"]
["综合单价分析表"]
["工程名称：建筑工程",{"$nulls":7},"标段：",null,"第 20 页  共 46 页"]
["项目编码",null,"010801001003",null,"项目名称","木质门",{"$nulls":3},"计量单位",null,"m2","工程量",95.04]
["清单综合单价组成明细"]
["定额编号","定额项目名称","定额\n单位","数量","单价",{"$nulls":4},"合价"]
[{"$nulls":4},"人工费","材料费","机具费","管理费\n和利润",null,"人工费",null,"材料费","机具费","管理费\n和利润"]
["A1-9-3","带纱镶板门、胶合板门安装 无亮 单扇","100m2",0.01,3125.51,3690.84,1.53,1083.83,null,31.26,null,36.91,0.02,10.84]
["人工单价",null,"小计",{"$nulls":6},31.26,null,36.91,0.02,10.84]
[null,null,"未计价材料费"]
["清单项目综合单价",{"$nulls":8},79.02]
["材\n料\n费\n明\n细","主要材料名称、规格、型号",{"$nulls":4},"单位","数量",null,"单价（元）",null,"合价（元）","暂估单价\n（元）","暂估合价\n（元）"]
[null,"其他材料费",{"$nulls":7},"-",null,36.91,"-"]
[null,"材料费小计",{"$nulls":7},"-",null,36.9,"-"]
{"$rows_empty":8}
["注：1.如不使用省级或行业建设主管部门发布的计价依据，可不填定额编码、名称等；\n    2.招标文件提供了暂估单价的材料，按暂估的单价填入表内“暂估单价”栏及“暂估合价”栏。"]
[{"$nulls":10},"表-09"]
["综合单价分析表"]
["工程名称：建筑工程",{"$nulls":7},"标段：",null,"第 21 页  共 46 页"]
["项目编码",null,"010801001004",null,"项目名称","木质门",{"$nulls":3},"计量单位",null,"m2","工程量",11.52]
["清单综合单价组成明细"]
["定额编号","定额项目名称","定额\n单位","数量","单价",{"$nulls":4},"合价"]
[{"$nulls":4},"人工费","材料费","机具费","管理费\n和利润",null,"人工费",null,"材料费","机具费","管理费\n和利润"]
["A1-9-3","带纱镶板门、胶合板门安装 无亮 单扇","100m2",0.01,3125.51,3690.84,1.53,1083.83,null,31.26,null,36.91,0.02,10.84]
["人工单价",null,"小计",{"$nulls":6},31.26,null,36.91,0.02,10.84]
[null,null,"未计价材料费"]
["清单项目综合单价",{"$nulls":8},79.02]
["材\n料\n费\n明\n细","主要材料名称、规格、型号",{"$nulls":4},"单位","数量",null,"单价（元）",null,"合价（元）","暂估单价\n（元）","暂估合价\n（元）"]
[null,"其他材料费",{"$nulls":7},"-",null,36.91,"-"]
[null,"材料费小计",{"$nulls":7},"-",null,36.9,"-"]
{"$rows_empty":8}
["注：1.如不使用省级或行业建设主管部门发布的计价依据，可不填定额编码、名称等；\n    2.招标文件提供了暂估单价的材料，按暂估的单价填入表内“暂估单价”栏及“暂估合价”栏。"]
[{"$nulls":10},"表-09"]
["综合单价分析表"]
["工程名称：建筑工程",{"$nulls":7},"标段：",null,"第 22 页  共 46 页"]
["项目编码",null,"010801001005",null,"项目名称","木质门",{"$nulls":3},"计量单位",null,"m2","工程量",5.04]
["清单综合单价组成明细"]
["定额编号","定额项目名称","定额\n单位","数量","单价",{"$nulls":4},"合价"]
[{"$nulls":4},"人工费","材料费","机具费","管理费\n和利润",null,"人工费",null,"材料费","机具费","管理费\n和利润"]
["A1-9-4","带纱镶板门、胶合板门安装 无亮 双扇","100m2",0.01,2697.77,2943.14,0.77,935.32,null,26.98,null,29.43,0.01,9.35]
["人工单价",null,"小计",{"$nulls":6},26.98,null,29.43,0.01,9.35]
[null,null,"未计价材料费"]
["清单项目综合单价",{"$nulls":8},65.77]
["材\n料\n费\n明\n细","主要材料名称、规格、型号",{"$nulls":4},"单位","数量",null,"单价（元）",null,"合价（元）","暂估单价\n（元）","暂估合价\n（元）"]
[null,"其他材料费",{"$nulls":7},"-",null,29.49,"-"]
[null,"材料费小计",{"$nulls":7},"-",null,29.5,"-"]
{"$rows_empty":8}
["注：1.如不使用省级或行业建设主管部门发布的计价依据，可不填定额编码、名称等；\n    2.招标文件提供了暂估单价的材料，按暂估的单价填入表内“暂估单价”栏及“暂估合价”栏。"]
[{"$nulls":10},"表-09"]
["综合单价分析表"]
["工程名称：建筑工程",{"$nulls":7},"标段：",null,"第 23 页  共 46 页"]
["项目编码",null,"010801001006",null,"项目名称","木质门",{"$nulls":3},"计量单位",null,"m2","工程量",9.72]
["清单综合单价组成明细"]
["定额编号","定额项目名称","定额\n单位","数量","单价",{"$nulls":4},"合价"]
[{"$nulls":4},"人工费","材料费","机具费","管理费\n和利润",null,"人工费",null,"材料费","机具费","管理费\n和利润"]
["A1-9-4","带纱镶板门、胶合板门安装 无亮 双扇","100m2",0.01,2697.77,2943.14,0.77,935.32,null,26.98,null,29.43,0.01,9.35]
["人工单价",null,"小计",{"$nulls":6},26.98,null,29.43,0.01,9.35]
[null,null,"未计价材料费"]
["清单项目综合单价",{"$nulls":8},65.77]
["材\n料\n费\n明\n细","主要材料名称、规格、型号",{"$nulls":4},"单位","数量",null,"单价（元）",null,"合价（元）","暂估单价\n（元）","暂估合价\n（元）"]
[null,"其他材料费",{"$nulls":7},"-",null,29.49,"-"]
[null,"材料费小计",{"$nulls":7},"-",null,29.5,"-"]
{"$rows_empty":8}
["注：1.如不使用省级或行业建设主管部门发布的计价依据，可不填定额编码、名称等；\n    2.招标文件提供了暂估单价的材料，按暂估的单价填入表内“暂估单价”栏及“暂估合价”栏。"]
[{"$nulls":10},"表-09"]
["综合单价分析表"]
["工程名称：建筑工程",{"$nulls":7},"标段：",null,"第 24 页  共 46 页"]
["项目编码",null,"010801001007",null,"项目名称","木质门",{"$nulls":3},"计量单位",null,"m2","工程量",3.78]
["清单综合单价组成明细"]
["定额编号","定额项目名称","定额\n单位","数量","单价",{"$nulls":4},"合价"]
[{"$nulls":4},"人工费","材料费","机具费","管理费\n和利润",null,"人工费",null,"材料费","机具费","管理费\n和利润"]
["A1-9-3","带纱镶板门、胶合板门安装 无亮 单扇","100m2",0.01,3125.51,3690.84,1.53,1083.83,null,31.26,null,36.91,0.02,10.84]
["人工单价",null,"小计",{"$nulls":6},31.26,null,36.91,0.02,10.84]
[null,null,"未计价材料费"]
["清单项目综合单价",{"$nulls":8},79.02]
["材\n料\n费\n明\n细","主要材料名称、规格、型号",{"$nulls":4},"单位","数量",null,"单价（元）",null,"合价（元）","暂估单价\n（元）","暂估合价\n（元）"]
[null,"其他材料费",{"$nulls":7},"-",null,36.91,"-"]
[null,"材料费小计",{"$nulls":7},"-",null,36.9,"-"]
{"$rows_empty":8}
["注：1.如不使用省级或行业建设主管部门发布的计价依据，可不填定额编码、名称等；\n    2.招标文件提供了暂估单价的材料，按暂估的单价填入表内“暂估单价”栏及“暂估合价”栏。"]
[{"$nulls":10},"表-09"]
["综合单价分析表"]
["工程名称：建筑工程",{"$nulls":7},"标段：",null,"第 25 页  共 46 页"]
["项目编码",null,"010801001008",null,"项目名称","木质门",{"$nulls":3},"计量单位",null,"m2","工程量",3.36]
["清单综合单价组成明细"]
["定额编号","定额项目名称","定额\n单位","数量","单价",{"$nulls":4},"合价"]
[{"$nulls":4},"人工费","材料费","机具费","管理费\n和利润",null,"人工费",null,"材料费","机具费","管理费\n和利润"]
["A1-9-3","带纱镶板门、胶合板门安装 无亮 单扇","100m2",0.01,3125.51,3690.84,1.53,1083.83,null,31.26,null,36.91,0.02,10.84]
["人工单价",null,"小计",{"$nulls":6},31.26,null,36.91,0.02,10.84]
[null,null,"未计价材料费"]
["清单项目综合单价",{"$nulls":8},79.02]
["材\n料\n费\n明\n细","主要材料名称、规格、型号",{"$nulls":4},"单位","数量",null,"单价（元）",null,"合价（元）","暂估单价\n（元）","暂估合价\n（元）"]
[null,"其他材料费",{"$nulls":7},"-",null,36.91,"-"]
[null,"材料费小计",{"$nulls":7},"-",null,36.9,"-"]
{"$rows_empty":8}
["注：1.如不使用省级或行业建设主管部门发布的计价依据，可不填定额编码、名称等；\n    2.招标文件提供了暂估单价的材料，按暂估的单价填入表内“暂估单价”栏及“暂估合价”栏。"]
[{"$nulls":10},"表-09"]
["综合单价分析表"]
["工程名称：建筑工程",{"$nulls":7},"标段：",null,"第 26 页  共 46 页"]
["项目编码",null,"010807001001",null,"项目名称","金属(塑钢、断桥)窗",{"$nulls":3},"计量单位",null,"m2","工程量",8.64]
["清单综合单价组成明细"]
["定额编号","定额项目名称","定额\n单位","数量","单价",{"$nulls":4},"合价"]
[{"$nulls":4},"人工费","材料费","机具费","管理费\n和利润",null,"人工费",null,"材料费","机具费","管理费\n和利润"]
["A1-9-4","带纱镶板门、胶合板门安装 无亮 双扇","100m2",0.01,2697.77,2943.14,0.77,935.32,null,26.98,null,29.43,0.01,9.35]
["人工单价",null,"小计",{"$nulls":6},26.98,null,29.43,0.01,9.35]
[null,null,"未计价材料费"]
["清单项目综合单价",{"$nulls":8},65.77]
["材\n料\n费\n明\n细","主要材料名称、规格、型号",{"$nulls":4},"单位","数量",null,"单价（元）",null,"合价（元）","暂估单价\n（元）","暂估合价\n（元）"]
[null,"其他材料费",{"$nulls":7},"-",null,29.49,"-"]
[null,"材料费小计",{"$nulls":7},"-",null,29.5,"-"]
{"$rows_empty":8}
["注：1.如不使用省级或行业建设主管部门发布的计价依据，可不填定额编码、名称等；\n    2.招标文件提供了暂估单价的材料，按暂估的单价填入表内“暂估单价”栏及“暂估合价”栏。"]
[{"$nulls":10},"表-09"]
["综合单价分析表"]
["工程名称：建筑工程",{"$nulls":7},"标段：",null,"第 27 页  共 46 页"]
["项目编码",null,"010807001002",null,"项目名称","金属(塑钢、断桥)窗",{"$nulls":3},"计量单位",null,"m2","工程量",123.66]
["清单综合单价组成明细"]
["定额编号","定额项目名称","定额\n单位","数量","单价",{"$nulls":4},"合价"]
[{"$nulls":4},"人工费","材料费","机具费","管理费\n和利润",null,"人工费",null,"材料费","机具费","管理费\n和利润"]
["A1-9-4","带纱镶板门、胶合板门安装 无亮 双扇","100m2",0.01,2697.77,2943.14,0.77,935.32,null,26.98,null,29.43,0.01,9.35]
["人工单价",null,"小计",{"$nulls":6},26.98,null,29.43,0.01,9.35]
[null,null,"未计价材料费"]
["清单项目综合单价",{"$nulls":8},65.77]
["材\n料\n费\n明\n细","主要材料名称、规格、型号",{"$nulls":4},"单位","数量",null,"单价（元）",null,"合价（元）","暂估单价\n（元）","暂估合价\n（元）"]
[null,"其他材料费",{"$nulls":7},"-",null,29.49,"-"]
[null,"材料费小计",{"$nulls":7},"-",null,29.5,"-"]
{"$rows_empty":8}
["注：1.如不使用省级或行业建设主管部门发布的计价依据，可不填定额编码、名称等；\n    2.招标文件提供了暂估单价的材料，按暂估的单价填入表内“暂估单价”栏及“暂估合价”栏。"]
[{"$nulls":10},"表-09"]
["综合单价分析表"]
["工程名称：建筑工程",{"$nulls":7},"标段：",null,"第 28 页  共 46 页"]
["项目编码",null,"010807001003",null,"项目名称","金属(塑钢、断桥)窗",{"$nulls":3},"计量单位",null,"m2","工程量",20.16]
["清单综合单价组成明细"]
["定额编号","定额项目名称","定额\n单位","数量","单价",{"$nulls":4},"合价"]
[{"$nulls":4},"人工费","材料费","机具费","管理费\n和利润",null,"人工费",null,"材料费","机具费","管理费\n和利润"]
["A1-9-4","带纱镶板门、胶合板门安装 无亮 双扇","100m2",0.01,2697.77,2943.14,0.77,935.32,null,26.98,null,29.43,0.01,9.35]
["人工单价",null,"小计",{"$nulls":6},26.98,null,29.43,0.01,9.35]
[null,null,"未计价材料费"]
["清单项目综合单价",{"$nulls":8},65.77]
["材\n料\n费\n明\n细","主要材料名称、规格、型号",{"$nulls":4},"单位","数量",null,"单价（元）",null,"合价（元）","暂估单价\n（元）","暂估合价\n（元）"]
[null,"其他材料费",{"$nulls":7},"-",null,29.49,"-"]
[null,"材料费小计",{"$nulls":7},"-",null,29.5,"-"]
{"$rows_empty":8}
["注：1.如不使用省级或行业建设主管部门发布的计价依据，可不填定额编码、名称等；\n    2.招标文件提供了暂估单价的材料，按暂估的单价填入表内“暂估单价”栏及“暂估合价”栏。"]
[{"$nulls":10},"表-09"]
["综合单价分析表"]
["工程名称：建筑工程",{"$nulls":7},"标段：",null,"第 29 页  共 46 页"]
["项目编码",null,"010807001004",null,"项目名称","金属(塑钢、断桥)窗",{"$nulls":3},"计量单位",null,"m2","工程量",48.6]
["清单综合单价组成明细"]
["定额编号","定额项目名称","定额\n单位","数量","单价",{"$nulls":4},"合价"]
[{"$nulls":4},"人工费","材料费","机具费","管理费\n和利润",null,"人工费",null,"材料费","机具费","管理费\n和利润"]
["A1-9-207","推拉窗安装","100m2",0.01,2169.58,4891.9,null,751.98,null,21.7,null,48.92,null,7.52]
["人工单价",null,"小计",{"$nulls":6},21.7,null,48.92,null,7.52]
[null,null,"未计价材料费"]
["清单项目综合单价",{"$nulls":8},78.13]
["材\n料\n费\n明\n细","主要材料名称、规格、型号",{"$nulls":4},"单位","数量",null,"单价（元）",null,"合价（元）","暂估单价\n（元）","暂估合价\n（元）"]
[null,"其他材料费",{"$nulls":7},"-",null,48.93,"-"]
[null,"材料费小计",{"$nulls":7},"-",null,48.93,"-"]
{"$rows_empty":8}
["注：1.如不使用省级或行业建设主管部门发布的计价依据，可不填定额编码、名称等；\n    2.招标文件提供了暂估单价的材料，按暂估的单价填入表内“暂估单价”栏及“暂估合价”栏。"]
[{"$nulls":10},"表-09"]
["综合单价分析表"]
["工程名称：建筑工程",{"$nulls":7},"标段：",null,"第 30 页  共 46 页"]
["项目编码",null,"010807001005",null,"项目名称","金属(塑钢、断桥)窗",{"$nulls":3},"计量单位",null,"m2","工程量",48.6]
["清单综合单价组成明细"]
["定额编号","定额项目名称","定额\n单位","数量","单价",{"$nulls":4},"合价"]
[{"$nulls":4},"人工费","材料费","机具费","管理费\n和利润",null,"人工费",null,"材料费","机具费","管理费\n和利润"]
["A1-9-207","推拉窗安装","100m2",0.01,2169.58,4891.9,null,751.98,null,21.7,null,48.92,null,7.52]
["人工单价",null,"小计",{"$nulls":6},21.7,null,48.92,null,7.52]
[null,null,"未计价材料费"]
["清单项目综合单价",{"$nulls":8},78.13]
["材\n料\n费\n明\n细","主要材料名称、规格、型号",{"$nulls":4},"单位","数量",null,"单价（元）",null,"合价（元）","暂估单价\n（元）","暂估合价\n（元）"]
[null,"其他材料费",{"$nulls":7},"-",null,48.93,"-"]
[null,"材料费小计",{"$nulls":7},"-",null,48.93,"-"]
{"$rows_empty":8}
["注：1.如不使用省级或行业建设主管部门发布的计价依据，可不填定额编码、名称等；\n    2.招标文件提供了暂估单价的材料，按暂估的单价填入表内“暂估单价”栏及“暂估合价”栏。"]
[{"$nulls":10},"表-09"]
["综合单价分析表"]
["工程名称：建筑工程",{"$nulls":7},"标段：",null,"第 31 页  共 46 页"]
["项目编码",null,"010807001006",null,"项目名称","金属(塑钢、断桥)窗",{"$nulls":3},"计量单位",null,"m2","工程量",23.76]
["清单综合单价组成明细"]
["定额编号","定额项目名称","定额\n单位","数量","单价",{"$nulls":4},"合价"]
[{"$nulls":4},"人工费","材料费","机具费","管理费\n和利润",null,"人工费",null,"材料费","机具费","管理费\n和利润"]
["A1-9-207","推拉窗安装","100m2",0.01,2169.58,4891.9,null,751.98,null,21.7,null,48.92,null,7.52]
["人工单价",null,"小计",{"$nulls":6},21.7,null,48.92,null,7.52]
[null,null,"未计价材料费"]
["清单项目综合单价",{"$nulls":8},78.13]
["材\n料\n费\n明\n细","主要材料名称、规格、型号",{"$nulls":4},"单位","数量",null,"单价（元）",null,"合价（元）","暂估单价\n（元）","暂估合价\n（元）"]
[null,"其他材料费",{"$nulls":7},"-",null,48.93,"-"]
[null,"材料费小计",{"$nulls":7},"-",null,48.93,"-"]
{"$rows_empty":8}
["注：1.如不使用省级或行业建设主管部门发布的计价依据，可不填定额编码、名称等；\n    2.招标文件提供了暂估单价的材料，按暂估的单价填入表内“暂估单价”栏及“暂估合价”栏。"]
[{"$nulls":10},"表-09"]
["综合单价分析表"]
["工程名称：建筑工程",{"$nulls":7},"标段：",null,"第 32 页  共 46 页"]
["项目编码",null,"010807001007",null,"项目名称","金属(塑钢、断桥)窗",{"$nulls":3},"计量单位",null,"m2","工程量",5.94]
["清单综合单价组成明细"]
["定额编号","定额项目名称","定额\n单位","数量","单价",{"$nulls":4},"合价"]
[{"$nulls":4},"人工费","材料费","机具费","管理费\n和利润",null,"人工费",null,"材料费","机具费","管理费\n和利润"]
["A1-9-207","推拉窗安装","100m2",0.01,2169.58,4891.9,null,751.98,null,21.7,null,48.92,null,7.52]
["人工单价",null,"小计",{"$nulls":6},21.7,null,48.92,null,7.52]
[null,null,"未计价材料费"]
["清单项目综合单价",{"$nulls":8},78.13]
["材\n料\n费\n明\n细","主要材料名称、规格、型号",{"$nulls":4},"单位","数量",null,"单价（元）",null,"合价（元）","暂估单价\n（元）","暂估合价\n（元）"]
[null,"其他材料费",{"$nulls":7},"-",null,48.93,"-"]
[null,"材料费小计",{"$nulls":7},"-",null,48.93,"-"]
{"$rows_empty":8}
["注：1.如不使用省级或行业建设主管部门发布的计价依据，可不填定额编码、名称等；\n    2.招标文件提供了暂估单价的材料，按暂估的单价填入表内“暂估单价”栏及“暂估合价”栏。"]
[{"$nulls":10},"表-09"]
["综合单价分析表"]
["工程名称：建筑工程",{"$nulls":7},"标段：",null,"第 33 页  共 46 页"]
["项目编码",null,"011001001001",null,"项目名称","保温隔热屋面",{"$nulls":3},"计量单位",null,"m2","工程量",697.95]
["清单综合单价组成明细"]
["定额编号","定额项目名称","定额\n单位","数量","单价",{"$nulls":4},"合价"]
[{"$nulls":4},"人工费","材料费","机具费","管理费\n和利润",null,"人工费",null,"材料费","机具费","管理费\n和利润"]
["A1-7-112","屋面保温 保温层","100m2",0.01,2580.6,7645.18,189.45,1355.66,null,25.81,null,76.45,1.89,13.56]
["人工单价",null,"小计",{"$nulls":6},25.81,null,76.45,1.89,13.56]
[null,null,"未计价材料费"]
["清单项目综合单价",{"$nulls":8},117.71]
["材\n料\n费\n明\n细","主要材料名称、规格、型号",{"$nulls":4},"单位","数量",null,"单价（元）",null,"合价（元）","暂估单价\n（元）","暂估合价\n（元）"]
[null,"其他材料费",{"$nulls":7},"-",null,76.45,"-"]
[null,"材料费小计",{"$nulls":7},"-",null,76.45,"-"]
{"$rows_empty":8}
["注：1.如不使用省级或行业建设主管部门发布的计价依据，可不填定额编码、名称等；\n    2.招标文件提供了暂估单价的材料，按暂估的单价填入表内“暂估单价”栏及“暂估合价”栏。"]
[{"$nulls":10},"表-09"]
["综合单价分析表"]
["工程名称：建筑工程",{"$nulls":7},"标段：",null,"第 34 页  共 46 页"]
["项目编码",null,"011101001001",null,"项目名称","水泥砂浆楼地面\u007f",{"$nulls":3},"计量单位",null,"m2","工程量",653.6704]
["清单综合单价组成明细"]
["定额编号","定额项目名称","定额\n单位","数量","单价",{"$nulls":4},"合价"]
[{"$nulls":4},"人工费","材料费","机具费","管理费\n和利润",null,"人工费",null,"材料费","机具费","管理费\n和利润"]
["A1-12-11","水泥砂浆整体面层 楼地面 20mm","100m2",0.01,1311.99,82.79,null,495.02,null,13.12,null,0.83,null,4.95]
["80090470","干混地面砂浆 DS M20","m3",0.0202,36,440.77,20.18,21.2,null,0.73,null,8.9,0.41,0.43]
["A1-11-116 换","屋面保温 现浇水泥珍珠岩 100mm厚 \u007f实际厚度(mm):70","100m2",0.01,750.64,2682.86,null,258.67,null,7.51,null,26.83,null,2.59]
["人工单价",null,"小计",{"$nulls":6},21.36,null,36.56,0.41,7.97]
[null,null,"未计价材料费"]
["清单项目综合单价",{"$nulls":8},66.29]
["材\n料\n费\n明\n细","主要材料名称、规格、型号",{"$nulls":4},"单位","数量",null,"单价（元）",null,"合价（元）","暂估单价\n（元）","暂估合价\n（元）"]
[null,"其他材料费",{"$nulls":7},"-",null,36.57,"-"]
[null,"材料费小计",{"$nulls":7},"-",null,36.57,"-"]
[]
[]
[]
[]
["注：1.如不使用省级或行业建设主管部门发布的计价依据，可不填定额编码、名称等；\n    2.招标文件提供了暂估单价的材料，按暂估的单价填入表内“暂估单价”栏及“暂估合价”栏。"]
[{"$nulls":10},"表-09"]
["综合单价分析表"]
["工程名称：建筑工程",{"$nulls":7},"标段：",null,"第 35 页  共 46 页"]
["项目编码",null,"011201002001",null,"项目名称","墙面装饰抹灰",{"$nulls":3},"计量单位",null,"m2","工程量",1100.184]
["清单综合单价组成明细"]
["定额编号","定额项目名称","定额\n单位","数量","单价",{"$nulls":4},"合价"]
[{"$nulls":4},"人工费","材料费","机具费","管理费\n和利润",null,"人工费",null,"材料费","机具费","管理费\n和利润"]
["A1-19-42","油漆涂料裱糊铲除 墙面抹灰面","100m2",0.01,390.94,null,null,133.2,null,3.91,{"$nulls":3},1.33]
["人工单价",null,"小计",{"$nulls":6},3.91,{"$nulls":3},1.33]
[null,null,"未计价材料费"]
["清单项目综合单价",{"$nulls":8},5.24]
["材\n料\n费\n明\n细","主要材料名称、规格、型号",{"$nulls":4},"单位","数量",null,"单价（元）",null,"合价（元）","暂估单价\n（元）","暂估合价\n（元）"]
{"$rows_empty":8}
["注：1.如不使用省级或行业建设主管部门发布的计价依据，可不填定额编码、名称等；\n    2.招标文件提供了暂估单价的材料，按暂估的单价填入表内“暂估单价”栏及“暂估合价”栏。"]
[{"$nulls":10},"表-09"]
["综合单价分析表"]
["工程名称：建筑工程",{"$nulls":7},"标段：",null,"第 36 页  共 46 页"]
["项目编码",null,"011204003001",null,"项目名称","块料墙面",{"$nulls":3},"计量单位",null,"m2","工程量",158.688]
["清单综合单价组成明细"]
["定额编号","定额项目名称","定额\n单位","数量","单价",{"$nulls":4},"合价"]
[{"$nulls":4},"人工费","材料费","机具费","管理费\n和利润",null,"人工费",null,"材料费","机具费","管理费\n和利润"]
["A1-13-145","镶贴陶瓷面砖密缝 墙面 水泥膏 块料周长600内","100m2",0.01,4972.98,3139.84,null,1765.41,null,49.73,null,31.4,null,17.65]
["人工单价",null,"小计",{"$nulls":6},49.73,null,31.4,null,17.65]
[null,null,"未计价材料费"]
["清单项目综合单价",{"$nulls":8},98.78]
["材\n料\n费\n明\n细","主要材料名称、规格、型号",{"$nulls":4},"单位","数量",null,"单价（元）",null,"合价（元）","暂估单价\n（元）","暂估合价\n（元）"]
[null,"其他材料费",{"$nulls":7},"-",null,31.38,"-"]
[null,"材料费小计",{"$nulls":7},"-",null,31.38,"-"]
{"$rows_empty":8}
["注：1.如不使用省级或行业建设主管部门发布的计价依据，可不填定额编码、名称等；\n    2.招标文件提供了暂估单价的材料，按暂估的单价填入表内“暂估单价”栏及“暂估合价”栏。"]
[{"$nulls":10},"表-09"]
["综合单价分析表"]
["工程名称：建筑工程",{"$nulls":7},"标段：",null,"第 37 页  共 46 页"]
["项目编码",null,"011702001001",null,"项目名称","基础",{"$nulls":3},"计量单位",null,"m2","工程量",138.24]
["清单综合单价组成明细"]
["定额编号","定额项目名称","定额\n单位","数量","单价",{"$nulls":4},"合价"]
[{"$nulls":4},"人工费","材料费","机具费","管理费\n和利润",null,"人工费",null,"材料费","机具费","管理费\n和利润"]
["A1-20-3","独立基础模板","100m2",0.01,1857.15,2335.83,170.95,940.02,null,18.57,null,23.36,1.71,9.4]
["人工单价",null,"小计",{"$nulls":6},18.57,null,23.36,1.71,9.4]
[null,null,"未计价材料费"]
["清单项目综合单价",{"$nulls":8},53.04]
["材\n料\n费\n明\n细","主要材料名称、规格、型号",{"$nulls":4},"单位","数量",null,"单价（元）",null,"合价（元）","暂估单价\n（元）","暂估合价\n（元）"]
[null,"其他材料费",{"$nulls":7},"-",null,23.43,"-"]
[null,"材料费小计",{"$nulls":7},"-",null,23.43,"-"]
{"$rows_empty":8}
["注：1.如不使用省级或行业建设主管部门发布的计价依据，可不填定额编码、名称等；\n    2.招标文件提供了暂估单价的材料，按暂估的单价填入表内“暂估单价”栏及“暂估合价”栏。"]
[{"$nulls":10},"表-09"]
["综合单价分析表"]
["工程名称：建筑工程",{"$nulls":7},"标段：",null,"第 38 页  共 46 页"]
["项目编码",null,"011702020001",null,"项目名称","其他板",{"$nulls":3},"计量单位",null,"m2","工程量",30.24]
["清单综合单价组成明细"]
["定额编号","定额项目名称","定额\n单位","数量","单价",{"$nulls":4},"合价"]
[{"$nulls":4},"人工费","材料费","机具费","管理费\n和利润",null,"人工费",null,"材料费","机具费","管理费\n和利润"]
["A1-5-78","混凝土垫层","10m3",0.1,578.36,6.54,null,281.95,null,57.84,null,0.65,null,28.2]
["8021905","普通预拌混凝土 碎石粒径综合考虑 C30","m3",1.015,null,340,{"$nulls":5},345.1]
["人工单价",null,"小计",{"$nulls":6},57.84,null,345.75,null,28.2]
[null,null,"未计价材料费"]
["清单项目综合单价",{"$nulls":8},431.79]
["材\n料\n费\n明\n细","主要材料名称、规格、型号",{"$nulls":4},"单位","数量",null,"单价（元）",null,"合价（元）","暂估单价\n（元）","暂估合价\n（元）"]
[null,"其他材料费",{"$nulls":7},"-",null,345.75,"-"]
[null,"材料费小计",{"$nulls":7},"-",null,345.75,"-"]
{"$rows_empty":7}
["注：1.如不使用省级或行业建设主管部门发布的计价依据，可不填定额编码、名称等；\n    2.招标文件提供了暂估单价的材料，按暂估的单价填入表内“暂估单价”栏及“暂估合价”栏。"]
[{"$nulls":10},"表-09"]
["综合单价分析表"]
["工程名称：建筑工程",{"$nulls":7},"标段：",null,"第 39 页  共 46 页"]
["项目编码",null,"011702006001",null,"项目名称","矩形梁",{"$nulls":3},"计量单位",null,"m2","工程量",1110.3668]
["清单综合单价组成明细"]
["定额编号","定额项目名称","定额\n单位","数量","单价",{"$nulls":4},"合价"]
[{"$nulls":4},"人工费","材料费","机具费","管理费\n和利润",null,"人工费",null,"材料费","机具费","管理费\n和利润"]
["A1-20-33","单梁、连续梁模板(梁宽cm) 25以内 支模高度3.6m","100m2",0.01,3495.18,1133.36,197.13,1711.38,null,34.95,null,11.33,1.97,17.11]
["人工单价",null,"小计",{"$nulls":6},34.95,null,11.33,1.97,17.11]
[null,null,"未计价材料费"]
["清单项目综合单价",{"$nulls":8},65.37]
["材\n料\n费\n明\n细","主要材料名称、规格、型号",{"$nulls":4},"单位","数量",null,"单价（元）",null,"合价（元）","暂估单价\n（元）","暂估合价\n（元）"]
[null,"其他材料费",{"$nulls":7},"-",null,11.39,"-"]
[null,"材料费小计",{"$nulls":7},"-",null,11.39,"-"]
{"$rows_empty":7}
["注：1.如不使用省级或行业建设主管部门发布的计价依据，可不填定额编码、名称等；\n    2.招标文件提供了暂估单价的材料，按暂估的单价填入表内“暂估单价”栏及“暂估合价”栏。"]
[{"$nulls":10},"表-09"]
["综合单价分析表"]
["工程名称：建筑工程",{"$nulls":7},"标段：",null,"第 40 页  共 46 页"]
["项目编码",null,"011702014002",null,"项目名称","有梁板",{"$nulls":3},"计量单位",null,"m2","工程量",473.6908]
["清单综合单价组成明细"]
["定额编号","定额项目名称","定额\n单位","数量","单价",{"$nulls":4},"合价"]
[{"$nulls":4},"人工费","材料费","机具费","管理费\n和利润",null,"人工费",null,"材料费","机具费","管理费\n和利润"]
["A1-20-33","单梁、连续梁模板(梁宽cm) 25以内 支模高度3.6m","100m2",0.01,3495.18,1133.36,197.13,1711.38,null,34.95,null,11.33,1.97,17.11]
["人工单价",null,"小计",{"$nulls":6},34.95,null,11.33,1.97,17.11]
[null,null,"未计价材料费"]
["清单项目综合单价",{"$nulls":8},65.37]
["材\n料\n费\n明\n细","主要材料名称、规格、型号",{"$nulls":4},"单位","数量",null,"单价（元）",null,"合价（元）","暂估单价\n（元）","暂估合价\n（元）"]
[null,"其他材料费",{"$nulls":7},"-",null,11.39,"-"]
[null,"材料费小计",{"$nulls":7},"-",null,11.39,"-"]
{"$rows_empty":7}
["注：1.如不使用省级或行业建设主管部门发布的计价依据，可不填定额编码、名称等；\n    2.招标文件提供了暂估单价的材料，按暂估的单价填入表内“暂估单价”栏及“暂估合价”栏。"]
[{"$nulls":10},"表-09"]
["综合单价分析表"]
["工程名称：建筑工程",{"$nulls":7},"标段：",null,"第 41 页  共 46 页"]
["项目编码",null,"011702014001",null,"项目名称","有梁板",{"$nulls":3},"计量单位",null,"m2","工程量",1828.3558]
["清单综合单价组成明细"]
["定额编号","定额项目名称","定额\n单位","数量","单价",{"$nulls":4},"合价"]
[{"$nulls":4},"人工费","材料费","机具费","管理费\n和利润",null,"人工费",null,"材料费","机具费","管理费\n和利润"]
["A1-20-75","有梁板模板 支模高度3.6m","100m2",0.01,2976.2,1463.13,284.88,1511.51,null,29.76,null,14.63,2.85,15.12]
["人工单价",null,"小计",{"$nulls":6},29.76,null,14.63,2.85,15.12]
[null,null,"未计价材料费"]
["清单项目综合单价",{"$nulls":8},62.36]
["材\n料\n费\n明\n细","主要材料名称、规格、型号",{"$nulls":4},"单位","数量",null,"单价（元）",null,"合价（元）","暂估单价\n（元）","暂估合价\n（元）"]
[null,"其他材料费",{"$nulls":7},"-",null,14.61,"-"]
[null,"材料费小计",{"$nulls":7},"-",null,14.61,"-"]
{"$rows_empty":8}
["注：1.如不使用省级或行业建设主管部门发布的计价依据，可不填定额编码、名称等；\n    2.招标文件提供了暂估单价的材料，按暂估的单价填入表内“暂估单价”栏及“暂估合价”栏。"]
[{"$nulls":10},"表-09"]
["综合单价分析表"]
["工程名称：建筑工程",{"$nulls":7},"标段：",null,"第 42 页  共 46 页"]
["项目编码",null,"011702002001",null,"项目名称","矩形柱",{"$nulls":3},"计量单位",null,"m2","工程量",873.546]
["清单综合单价组成明细"]
["定额编号","定额项目名称","定额\n单位","数量","单价",{"$nulls":4},"合价"]
[{"$nulls":4},"人工费","材料费","机具费","管理费\n和利润",null,"人工费",null,"材料费","机具费","管理费\n和利润"]
["A1-20-14","矩形柱模板(周长m) 支模高度3.6m内 1.2内","100m2",0.01,3569.39,1619.79,202.09,1748.08,null,35.69,null,16.2,2.02,17.48]
["人工单价",null,"小计",{"$nulls":6},35.69,null,16.2,2.02,17.48]
[null,null,"未计价材料费"]
["清单项目综合单价",{"$nulls":8},71.39]
["材\n料\n费\n明\n细","主要材料名称、规格、型号",{"$nulls":4},"单位","数量",null,"单价（元）",null,"合价（元）","暂估单价\n（元）","暂估合价\n（元）"]
[null,"其他材料费",{"$nulls":7},"-",null,16.2,"-"]
[null,"材料费小计",{"$nulls":7},"-",null,16.2,"-"]
{"$rows_empty":8}
["注：1.如不使用省级或行业建设主管部门发布的计价依据，可不填定额编码、名称等；\n    2.招标文件提供了暂估单价的材料，按暂估的单价填入表内“暂估单价”栏及“暂估合价”栏。"]
[{"$nulls":10},"表-09"]
["综合单价分析表"]
["工程名称：建筑工程",{"$nulls":7},"标段：",null,"第 43 页  共 46 页"]
["项目编码",null,"011702023001",null,"项目名称","雨篷、悬挑板、阳台板",{"$nulls":3},"计量单位",null,"m2","工程量",14.4]
["清单综合单价组成明细"]
["定额编号","定额项目名称","定额\n单位","数量","单价",{"$nulls":4},"合价"]
[{"$nulls":4},"人工费","材料费","机具费","管理费\n和利润",null,"人工费",null,"材料费","机具费","管理费\n和利润"]
["A1-20-94","阳台、雨蓬模板 直形","100m2",0.01,3869.32,1268.29,327.11,1945.05,null,38.69,null,12.68,3.27,19.45]
["人工单价",null,"小计",{"$nulls":6},38.69,null,12.68,3.27,19.45]
[null,null,"未计价材料费"]
["清单项目综合单价",{"$nulls":8},74.1]
["材\n料\n费\n明\n细","主要材料名称、规格、型号",{"$nulls":4},"单位","数量",null,"单价（元）",null,"合价（元）","暂估单价\n（元）","暂估合价\n（元）"]
[null,"其他材料费",{"$nulls":7},"-",null,12.77,"-"]
[null,"材料费小计",{"$nulls":7},"-",null,12.77,"-"]
{"$rows_empty":8}
["注：1.如不使用省级或行业建设主管部门发布的计价依据，可不填定额编码、名称等；\n    2.招标文件提供了暂估单价的材料，按暂估的单价填入表内“暂估单价”栏及“暂估合价”栏。"]
[{"$nulls":10},"表-09"]
["综合单价分析表"]
["工程名称：建筑工程",{"$nulls":7},"标段：",null,"第 44 页  共 46 页"]
["项目编码",null,"011702024001",null,"项目名称","楼梯",{"$nulls":3},"计量单位",null,"m2","工程量",55.0866]
["清单综合单价组成明细"]
["定额编号","定额项目名称","定额\n单位","数量","单价",{"$nulls":4},"合价"]
[{"$nulls":4},"人工费","材料费","机具费","管理费\n和利润",null,"人工费",null,"材料费","机具费","管理费\n和利润"]
["A1-20-92","楼梯模板 直形","100m2",0.01,8613.89,5558.23,356.32,4157.69,null,86.14,null,55.58,3.56,41.58]
["人工单价",null,"小计",{"$nulls":6},86.14,null,55.58,3.56,41.58]
[null,null,"未计价材料费"]
["清单项目综合单价",{"$nulls":8},186.86]
["材\n料\n费\n明\n细","主要材料名称、规格、型号",{"$nulls":4},"单位","数量",null,"单价（元）",null,"合价（元）","暂估单价\n（元）","暂估合价\n（元）"]
[null,"其他材料费",{"$nulls":7},"-",null,55.63,"-"]
[null,"材料费小计",{"$nulls":7},"-",null,55.63,"-"]
{"$rows_empty":8}
["注：1.如不使用省级或行业建设主管部门发布的计价依据，可不填定额编码、名称等；\n    2.招标文件提供了暂估单价的材料，按暂估的单价填入表内“暂估单价”栏及“暂估合价”栏。"]
[{"$nulls":10},"表-09"]
["综合单价分析表"]
["工程名称：建筑工程",{"$nulls":7},"标段：",null,"第 45 页  共 46 页"]
["项目编码",null,"011702027001",null,"项目名称","台阶",{"$nulls":3},"计量单位",null,"m2","工程量",3.54]
["清单综合单价组成明细"]
["定额编号","定额项目名称","定额\n单位","数量","单价",{"$nulls":4},"合价"]
[{"$nulls":4},"人工费","材料费","机具费","管理费\n和利润",null,"人工费",null,"材料费","机具费","管理费\n和利润"]
["A1-20-96","台阶模板","100m2",0.01,2090.43,957.36,63.61,998.4,null,20.9,null,9.57,0.64,9.98]
["人工单价",null,"小计",{"$nulls":6},20.9,null,9.57,0.64,9.98]
[null,null,"未计价材料费"]
["清单项目综合单价",{"$nulls":8},41.1]
["材\n料\n费\n明\n细","主要材料名称、规格、型号",{"$nulls":4},"单位","数量",null,"单价（元）",null,"合价（元）","暂估单价\n（元）","暂估合价\n（元）"]
[null,"其他材料费",{"$nulls":7},"-",null,9.48,"-"]
[null,"材料费小计",{"$nulls":7},"-",null,9.48,"-"]
{"$rows_empty":8}
["注：1.如不使用省级或行业建设主管部门发布的计价依据，可不填定额编码、名称等；\n    2.招标文件提供了暂估单价的材料，按暂估的单价填入表内“暂估单价”栏及“暂估合价”栏。"]
[{"$nulls":10},"表-09"]
["综合单价分析表"]
["工程名称：建筑工程",{"$nulls":7},"标段：",null,"第 46 页  共 46 页"]
["项目编码",null,"011701008001",null,"项目名称","综合钢脚手架",{"$nulls":3},"计量单位",null,"m2","工程量",1376.91]
["清单综合单价组成明细"]
["定额编号","定额项目名称","定额\n单位","数量","单价",{"$nulls":4},"合价"]
[{"$nulls":4},"人工费","材料费","机具费","管理费\n和利润",null,"人工费",null,"材料费","机具费","管理费\n和利润"]
["A1-21-1","综合钢脚手架搭拆 高度(m以内) 4.5","100m2",0.01,674.44,141.37,99.45,274.11,null,6.74,null,1.41,0.99,2.74]
["人工单价",null,"小计",{"$nulls":6},6.74,null,1.41,0.99,2.74]
[null,null,"未计价材料费"]
["清单项目综合单价",{"$nulls":8},11.89]
["材\n料\n费\n明\n细","主要材料名称、规格、型号",{"$nulls":4},"单位","数量",null,"单价（元）",null,"合价（元）","暂估单价\n（元）","暂估合价\n（元）"]
[null,"其他材料费",{"$nulls":7},"-",null,1.42,"-"]
[null,"材料费小计",{"$nulls":7},"-",null,1.42,"-"]
{"$rows_empty":8}
["注：1.如不使用省级或行业建设主管部门发布的计价依据，可不填定额编码、名称等；\n    2.招标文件提供了暂估单价的材料，按暂估的单价填入表内“暂估单价”栏及“暂估合价”栏。"]
[{"$nulls":10},"表-09"]

{"sheet":"表-09 综合单价分析表（全费用）","index":8,"n_rows":1017,"n_cols":20,"rows_kept":1017,"merged":[[0,0,0,19],[1,0,1,10],[1,11,1,14],[1,15,1,19],[2,0,2,1],[2,2,2,3],[2,4,2,5],[2,6,2,9],[2,10,2,12],[2,13,2,15],[2,16,2,17],[2,18,2,19],[3,0,3,19],[4,4,4,11],[4,12,4,19],[5,10,5,11],[5,14,5,15],[6,10,6,11],[6,14,6,15],[7,10,7,11],[7,14,7,15],[8,0,8,1],[8,2,8,11],[8,14,8,15],[9,0,9,1],[9,2,9,11],[9,12,9,19],[10,0,10,11],[10,12,10,19],[11,1,11,8],[11,10,11,11],[11,12,11,13],[11,14,11,16],[11,18,11,19],[12,1,12,8],[12,10,12,11],[12,12,12,13],[12,14,12,16],[12,18,12,19],[13,1,13,8],[13,10,13,11],[13,12,13,13],[13,14,13,16],[13,18,13,19],[14,1,14,8],[14,10,14,11],[14,12,14,13],[14,14,14,16],[14,18,14,19],[15,1,15,8],[15,10,15,11],[15,12,15,13],[15,14,15,16],[15,18,15,19],[16,1,16,8],[16,10,16,11],[16,12,16,13],[16,14,16,16],[16,18,16,19],[17,1,17,8],[17,10,17,11],[17,12,17,13],[17,14,17,16],[17,18,17,19],[18,0,18,19],[19,0,19,10],[19,11,19,14],[19,15,19,19],[20,0,20,19],[21,0,21,10],[21,11,21,14],[21,15,21,19],[22,0,22,1],[22,2,22,3],[22,4,22,5],[22,6,22,9],[22,10,22,12],[22,13,22,15],[22,16,22,17],[22,18,22,19],[23,0,23,19],[24,4,24,11],[24,12,24,19],[25,10,25,11],[25,14,25,15],[26,10,26,11],[26,14,26,15],[27,0,27,1],[27,2,27,11],[27,14,27,15],[28,0,28,1],[28,2,28,11],[28,12,28,19],[29,0,29,11],[29,12,29,19],[30,1,30,8],[30,10,30,11],[30,12,30,13],[30,14,30,16],[30,18,30,19],[31,1,31,8],[31,10,31,11],[31,12,31,13],[31,14,31,16],[31,18,31,19],[32,1,32,8],[32,10,32,11],[32,12,32,13],[32,14,32,16],[32,18,32,19],[33,1,33,8],[33,10,33,11],[33,12,33,13],[33,14,33,16],[33,18,33,19],[34,0,34,19],[35,0,35,10],[35,11,35,14],[35,15,35,19],[36,0,36,19],[37,0,37,10],[37,11,37,14],[37,15,37,19],[38,0,38,1],[38,2,38,3],[38,4,38,5],[38,6,38,9],[38,10,38,12],[38,13,38,15],[38,16,38,17],[38,18,38,19],[39,0,39,19],[40,4,40,11],[40,12,40,19],[41,10,41,11],[41,14,41,15],[42,10,42,11],[42,14,42,15],[43,0,43,1],[43,2,43,11],[43,14,43,15],[44,0,44,1],[44,2,44,11],[44,12,44,19],[45,0,45,11],[45,12,45,19],[46,1,46,8],[46,10,46,11],[46,12,46,13],[46,14,46,16],[46,18,46,19],[47,1,47,11],[47,12,47,13],[47,14,47,16],[47,18,47,19],[48,1,48,11],[48,12,48,13],[48,14,48,16],[48,18,48,19],[49,1,49,8],[49,10,49,11],[49,12,49,13],[49,14,49,16],[49,18,49,19],[50,1,50,8],[50,10,50,11],[50,12,50,13],[50,14,50,16],[50,18,50,19],[51,1,51,8],[51,10,51,11],[51,12,51,13],[51,14,51,16],[51,18,51,19],[52,1,52,8],[52,10,52,11],[52,12,52,13],[52,14,52,16],[52,18,52,19],[53,1,53,8],[53,10,53,11],[53,12,53,13],[53,14,53,16],[53,18,53,19],[54,1,54,8],[54,10,54,11],[54,12,54,13],[54,14,54,16],[54,18,54,19],[55,1,55,8],[55,10,55,11],[55,12,55,13],[55,14,55,16],[55,18,55,19],[56,1,56,8],[56,10,56,11],[56,12,56,13],[56,14,56,16],[56,18,56,19],[57,0,57,19],[58,0,58,10],[58,11,58,14],[58,15,58,19],[59,0,59,19],[60,0,60,10],[60,11,60,14],[60,15,60,19],[61,0,61,1],[61,2,61,3],[61,4,61,5],[61,6,61,9],[61,10,61,12],[61,13,61,15],[61,16,61,17],[61,18,61,19],[62,0,62,19],[63,4,63,11],[63,12,63,19],[64,10,64,11],[64,14,64,15],[65,10,65,11],[65,14,65,15],[66,0,66,1],[66,2,66,11],[66,14,66,15],[67,0,67,1],[67,2,67,11],[67,12,67,19],[68,0,68,11],[68,12,68,19],[69,1,69,8],[69,10,69,11],[69,12,69,13],[69,14,69,16],[69,18,69,19],[70,1,70,11],[70,12,70,13],[70,14,70,16],[70,18,70,19],[71,1,71,11],[71,12,71,13],[71,14,71,16],[71,18,71,19],[72,1,72,8],[72,10,72,11],[72,12,72,13],[72,14,72,16],[72,18,72,19],[73,1,73,8],[73,10,73,11],[73,12,73,13],[73,14,73,16],[73,18,73,19],[74,1,74,8],[74,10,74,11],[74,12,74,13],[74,14,74,16],[74,18,74,19],[75,1,75,8],[75,10,75,11],[75,12,75,13],[75,14,75,16],[75,18,75,19],[76,1,76,8],[76,10,76,11],[76,12,76,13],[76,14,76,16],[76,18,76,19],[77,1,77,8],[77,10,77,11],[77,12,77,13],[77,14,77,16],[77,18,77,19],[78,1,78,8],[78,10,78,11],[78,12,78,13],[78,14,78,16],[78,18,78,19],[79,1,79,8],[79,10,79,11],[79,12,79,13],[79,14,79,16],[79,18,79,19],[80,0,80,19],[81,0,81,10],[81,11,81,14],[81,15,81,19],[82,0,82,19],[83,0,83,10],[83,11,83,14],[83,15,83,19],[84,0,84,1],[84,2,84,3],[84,4,84,5],[84,6,84,9],[84,10,84,12],[84,13,84,15],[84,16,84,17],[84,18,84,19],[85,0,85,19],[86,4,86,11],[86,12,86,19],[87,10,87,11],[87,14,87,15],[88,10,88,11],[88,14,88,15],[89,0,89,1],[89,2,89,11],[89,14,89,15],[90,0,90,1],[90,2,90,11],[90,12,90,19],[91,0,91,11],[91,12,91,19],[92,1,92,8],[92,10,92,11],[92,12,92,13],[92,14,92,16],[92,18,92,19],[93,1,93,11],[93,12,93,13],[93,14,93,16],[93,18,93,19],[94,1,94,11],[94,12,94,13],[94,14,94,16],[94,18,94,19],[95,1,95,8],[95,10,95,11],[95,12,95,13],[95,14,95,16],[95,18,95,19],[96,1,96,8],[96,10,96,11],[96,12,96,13],[96,14,96,16],[96,18,96,19],[97,1,97,8],[97,10,97,11],[97,12,97,13],[97,14,97,16],[97,18,97,19],[98,1,98,8],[98,10,98,11],[98,12,98,13],[98,14,98,16],[98,18,98,19],[99,1,99,8],[99,10,99,11],[99,12,99,13],[99,14,99,16],[99,18,99,19],[100,1,100,8],[100,10,100,11],[100,12,100,13],[100,14,100,16],[100,18,100,19],[101,1,101,8],[101,10,101,11],[101,12,101,13],[101,14,101,16],[101,18,101,19],[102,1,102,8],[102,10,102,11],[102,12,102,13],[102,14,102,16],[102,18,102,19],[103,0,103,19],[104,0,104,10],[104,11,104,14],[104,15,104,19],[105,0,105,19],[106,0,106,10],[106,11,106,14],[106,15,106,19],[107,0,107,1],[107,2,107,3],[107,4,107,5],[107,6,107,9],[107,10,107,12],[107,13,107,15],[107,16,107,17],[107,18,107,19],[108,0,108,19],[109,4,109,11],[109,12,109,19],[110,10,110,11],[110,14,110,15],[111,10,111,11],[111,14,111,15],[112,0,112,1],[112,2,112,11],[112,14,112,15],[113,0,113,1],[113,2,113,11],[113,12,113,19],[114,0,114,11],[114,12,114,19],[115,1,115,8],[115,10,115,11],[115,12,115,13],[115,14,115,16],[115,18,115,19],[116,1,116,11],[116,12,116,13],[116,14,116,16],[116,18,116,19],[117,1,117,11],[117,12,117,13],[117,14,117,16],[117,18,117,19],[118,1,118,8],[118,10,118,11],[118,12,118,13],[118,14,118,16],[118,18,118,19],[119,1,119,8],[119,10,119,11],[119,12,119,13],[119,14,119,16],[119,18,119,19],[120,1,120,8],[120,10,120,11],[120,12,120,13],[120,14,120,16],[120,18,120,19],[121,1,121,8],[121,10,121,11],[121,12,121,13],[121,14,121,16],[121,18,121,19],[122,1,122,8],[122,10,122,11],[122,12,122,13],[122,14,122,16],[122,18,122,19],[123,1,123,8],[123,10,123,11],[123,12,123,13],[123,14,123,16],[123,18,123,19],[124,1,124,8],[124,10,124,11],[124,12,124,13],[124,14,124,16],[124,18,124,19],[125,1,125,8],[125,10,125,11],[125,12,125,13],[125,14,125,16],[125,18,125,19],[126,0,126,19],[127,0,127,10],[127,11,127,14],[127,15,127,19],[128,0,128,19],[129,0,129,10],[129,11,129,14],[129,15,129,19],[130,0,130,1],[130,2,130,3],[130,4,130,5],[130,6,130,9],[130,10,130,12],[130,13,130,15],[130,16,130,17],[130,18,130,19],[131,0,131,19],[132,4,132,11],[132,12,132,19],[133,10,133,11],[133,14,133,15],[134,10,134,11],[134,14,134,15],[135,0,135,1],[135,2,135,11],[135,14,135,15],[136,0,136,1],[136,2,136,11],[136,12,136,19],[137,0,137,11],[137,12,137,19],[138,1,138,8],[138,10,138,11],[138,12,138,13],[138,14,138,16],[138,18,138,19],[139,1,139,11],[139,12,139,13],[139,14,139,16],[139,18,139,19],[140,1,140,11],[140,12,140,13],[140,14,140,16],[140,18,140,19],[141,1,141,8],[141,10,141,11],[141,12,141,13],[141,14,141,16],[141,18,141,19],[142,1,142,8],[142,10,142,11],[142,12,142,13],[142,14,142,16],[142,18,142,19],[143,1,143,8],[143,10,143,11],[143,12,143,13],[143,14,143,16],[143,18,143,19],[144,1,144,8],[144,10,144,11],[144,12,144,13],[144,14,144,16],[144,18,144,19],[145,1,145,8],[145,10,145,11],[145,12,145,13],[145,14,145,16],[145,18,145,19],[146,1,146,8],[146,10,146,11],[146,12,146,13],[146,14,146,16],[146,18,146,19],[147,1,147,8],[147,10,147,11],[147,12,147,13],[147,14,147,16],[147,18,147,19],[148,1,148,8],[148,10,148,11],[148,12,148,13],[148,14,148,16],[148,18,148,19],[149,0,149,19],[150,0,150,10],[150,11,150,14],[150,15,150,19],[151,0,151,19],[152,0,152,10],[152,11,152,14],[152,15,152,19],[153,0,153,1],[153,2,153,3],[153,4,153,5],[153,6,153,9],[153,10,153,12],[153,13,153,15],[153,16,153,17],[153,18,153,19],[154,0,154,19],[155,4,155,11],[155,12,155,19],[156,10,156,11],[156,14,156,15],[157,10,157,11],[157,14,157,15],[158,10,158,11],[158,14,158,15],[159,0,159,1],[159,2,159,11],[159,14,159,15],[160,0,160,1],[160,2,160,11],[160,12,160,19],[161,0,161,11],[161,12,161,19],[162,1,162,8],[162,10,162,11],[162,12,162,13],[162,14,162,16],[162,18,162,19],[163,1,163,11],[163,12,163,13],[163,14,163,16],[163,18,163,19],[164,1,164,11],[164,12,164,13],[164,14,164,16],[164,18,164,19],[165,1,165,8],[165,10,165,11],[165,12,165,13],[165,14,165,16],[165,18,165,19],[166,1,166,8],[166,10,166,11],[166,12,166,13],[166,14,166,16],[166,18,166,19],[167,1,167,8],[167,10,167,11],[167,12,167,13],[167,14,167,16],[167,18,167,19],[168,1,168,8],[168,10,168,11],[168,12,168,13],[168,14,168,16],[168,18,168,19],[169,1,169,8],[169,10,169,11],[169,12,169,13],[169,14,169,16],[169,18,169,19],[170,0,170,19],[171,0,171,10],[171,11,171,14],[171,15,171,19],[172,0,172,19],[173,0,173,10],[173,11,173,14],[173,15,173,19],[174,0,174,1],[174,2,174,3],[174,4,174,5],[174,6,174,9],[174,10,174,12],[174,13,174,15],[174,16,174,17],[174,18,174,19],[175,0,175,19],[176,4,176,11],[176,12,176,19],[177,10,177,11],[177,14,177,15],[178,10,178,11],[178,14,178,15],[179,10,179,11],[179,14,179,15],[180,0,180,1],[180,2,180,11],[180,14,180,15],[181,0,181,1],[181,2,181,11],[181,12,181,19],[182,0,182,11],[182,12,182,19],[183,1,183,8],[183,10,183,11],[183,12,183,13],[183,14,183,16],[183,18,183,19],[184,1,184,11],[184,12,184,13],[184,14,184,16],[184,18,184,19],[185,1,185,11],[185,12,185,13],[185,14,185,16],[185,18,185,19],[186,1,186,8],[186,10,186,11],[186,12,186,13],[186,14,186,16],[186,18,186,19],[187,1,187,8],[187,10,187,11],[187,12,187,13],[187,14,187,16],[187,18,187,19],[188,1,188,8],[188,10,188,11],[188,12,188,13],[188,14,188,16],[188,18,188,19],[189,1,189,8],[189,10,189,11],[189,12,189,13],[189,14,189,16],[189,18,189,19],[190,1,190,8],[190,10,190,11],[190,12,190,13],[190,14,190,16],[190,18,190,19],[191,0,191,19],[192,0,192,10],[192,11,192,14],[192,15,192,19],[193,0,193,19],[194,0,194,10],[194,11,194,14],[194,15,194,19],[195,0,195,1],[195,2,195,3],[195,4,195,5],[195,6,195,9],[195,10,195,12],[195,13,195,15],[195,16,195,17],[195,18,195,19],[196,0,196,19],[197,4,197,11],[197,12,197,19],[198,10,198,11],[198,14,198,15],[199,10,199,11],[199,14,199,15],[200,10,200,11],[200,14,200,15],[201,0,201,1],[201,2,201,11],[201,14,201,15],[202,0,202,1],[202,2,202,11],[202,12,202,19],[203,0,203,11],[203,12,203,19],[204,1,204,8],[204,10,204,11],[204,12,204,13],[204,14,204,16],[204,18,204,19],[205,1,205,11],[205,12,205,13],[205,14,205,16],[205,18,205,19],[206,1,206,11],[206,12,206,13],[206,14,206,16],[206,18,206,19],[207,1,207,8],[207,10,207,11],[207,12,207,13],[207,14,207,16],[207,18,207,19],[208,1,208,8],[208,10,208,11],[208,12,208,13],[208,14,208,16],[208,18,208,19],[209,1,209,8],[209,10,209,11],[209,12,209,13],[209,14,209,16],[209,18,209,19],[210,1,210,8],[210,10,210,11],[210,12,210,13],[210,14,210,16],[210,18,210,19],[211,0,211,19],[212,0,212,10],[212,11,212,14],[212,15,212,19],[213,0,213,19],[214,0,214,10],[214,11,214,14],[214,15,214,19],[215,0,215,1],[215,2,215,3],[215,4,215,5],[215,6,215,9],[215,10,215,12],[215,13,215,15],[215,16,215,17],[215,18,215,19],[216,0,216,19],[217,4,217,11],[217,12,217,19],[218,10,218,11],[218,14,218,15],[219,10,219,11],[219,14,219,15],[220,10,220,11],[220,14,220,15],[221,0,221,1],[221,2,221,11],[221,14,221,15],[222,0,222,1],[222,2,222,11],[222,12,222,19],[223,0,223,11],[223,12,223,19],[224,1,224,8],[224,10,224,11],[224,12,224,13],[224,14,224,16],[224,18,224,19],[225,1,225,11],[225,12,225,13],[225,14,225,16],[225,18,225,19],[226,1,226,11],[226,12,226,13],[226,14,226,16],[226,18,226,19],[227,1,227,8],[227,10,227,11],[227,12,227,13],[227,14,227,16],[227,18,227,19],[228,1,228,8],[228,10,228,11],[228,12,228,13],[228,14,228,16],[228,18,228,19],[229,1,229,8],[229,10,229,11],[229,12,229,13],[229,14,229,16],[229,18,229,19],[230,1,230,8],[230,10,230,11],[230,12,230,13],[230,14,230,16],[230,18,230,19],[231,1,231,8],[231,10,231,11],[231,12,231,13],[231,14,231,16],[231,18,231,19],[232,0,232,19],[233,0,233,10],[233,11,233,14],[233,15,233,19],[234,0,234,19],[235,0,235,10],[235,11,235,14],[235,15,235,19],[236,0,236,1],[236,2,236,3],[236,4,236,5],[236,6,236,9],[236,10,236,12],[236,13,236,15],[236,16,236,17],[236,18,236,19],[237,0,237,19],[238,4,238,11],[238,12,238,19],[239,10,239,11],[239,14,239,15],[240,10,240,11],[240,14,240,15],[241,10,241,11],[241,14,241,15],[242,0,242,1],[242,2,242,11],[242,14,242,15],[243,0,243,1],[243,2,243,11],[243,12,243,19],[244,0,244,11],[244,12,244,19],[245,1,245,8],[245,10,245,11],[245,12,245,13],[245,14,245,16],[245,18,245,19],[246,1,246,11],[246,12,246,13],[246,14,246,16],[246,18,246,19],[247,1,247,11],[247,12,247,13],[247,14,247,16],[247,18,247,19],[248,1,248,8],[248,10,248,11],[248,12,248,13],[248,14,248,16],[248,18,248,19],[249,1,249,8],[249,10,249,11],[249,12,249,13],[249,14,249,16],[249,18,249,19],[250,1,250,8],[250,10,250,11],[250,12,250,13],[250,14,250,16],[250,18,250,19],[251,1,251,8],[251,10,251,11],[251,12,251,13],[251,14,251,16],[251,18,251,19],[252,1,252,8],[252,10,252,11],[252,12,252,13],[252,14,252,16],[252,18,252,19],[253,0,253,19],[254,0,254,10],[254,11,254,14],[254,15,254,19],[255,0,255,19],[256,0,256,10],[256,11,256,14],[256,15,256,19],[257,0,257,1],[257,2,257,3],[257,4,257,5],[257,6,257,9],[257,10,257,12],[257,13,257,15],[257,16,257,17],[257,18,257,19],[258,0,258,19],[259,4,259,11],[259,12,259,19],[260,10,260,11],[260,14,260,15],[261,10,261,11],[261,14,261,15],[262,10,262,11],[262,14,262,15],[263,0,263,1],[263,2,263,11],[263,14,263,15],[264,0,264,1],[264,2,264,11],[264,12,264,19],[265,0,265,11],[265,12,265,19],[266,1,266,8],[266,10,266,11],[266,12,266,13],[266,14,266,16],[266,18,266,19],[267,1,267,11],[267,12,267,13],[267,14,267,16],[267,18,267,19],[268,1,268,11],[268,12,268,13],[268,14,268,16],[268,18,268,19],[269,1,269,8],[269,10,269,11],[269,12,269,13],[269,14,269,16],[269,18,269,19],[270,1,270,8],[270,10,270,11],[270,12,270,13],[270,14,270,16],[270,18,270,19],[271,1,271,8],[271,10,271,11],[271,12,271,13],[271,14,271,16],[271,18,271,19],[272,1,272,8],[272,10,272,11],[272,12,272,13],[272,14,272,16],[272,18,272,19],[273,1,273,8],[273,10,273,11],[273,12,273,13],[273,14,273,16],[273,18,273,19],[274,0,274,19],[275,0,275,10],[275,11,275,14],[275,15,275,19],[276,0,276,19],[277,0,277,10],[277,11,277,14],[277,15,277,19],[278,0,278,1],[278,2,278,3],[278,4,278,5],[278,6,278,9],[278,10,278,12],[278,13,278,15],[278,16,278,17],[278,18,278,19],[279,0,279,19],[280,4,280,11],[280,12,280,19],[281,10,281,11],[281,14,281,15],[282,10,282,11],[282,14,282,15],[283,10,283,11],[283,14,283,15],[284,0,284,1],[284,2,284,11],[284,14,284,15],[285,0,285,1],[285,2,285,11],[285,12,285,19],[286,0,286,11],[286,12,286,19],[287,1,287,8],[287,10,287,11],[287,12,287,13],[287,14,287,16],[287,18,287,19],[288,1,288,11],[288,12,288,13],[288,14,288,16],[288,18,288,19],[289,1,289,11],[289,12,289,13]],"merged_total":3847,"flags":["merged_cut"]}
["综合单价分析表"]
["工程名称：建筑工程",{"$nulls":10},"标段：",{"$nulls":3},"第 1 页  共 46 页"]
["项目编码",null,"010101001001",null,"项目名称",null,"平整场地",{"$nulls":3},"计量单位",null,null,"m2",null,null,"工程量",null,697.95]
["清单综合单价组成明细"]
["定额编号","定额项目名称","定额\n单位","数量","单价",{"$nulls":7},"合价"]
[{"$nulls":4},"人工费","材料费","机具费","管理费","利润","规费","税金",null,"人工费","材料费","机具费",null,"管理费","利润","规费","税金"]
["A1-1-1","平整场地","100m2",0.01,13.8,null,164.19,27.59,35.6,{"$nulls":3},0.14,null,1.64,null,0.28,0.36]
["A1-1-3","原土打夯 机械夯实 夯实机夯实","100m2",0.01,134.95,null,15.32,23.29,30.05,{"$nulls":3},1.35,null,0.15,null,0.23,0.3]
["人工单价",null,"小计",{"$nulls":9},1.49,null,1.79,null,0.51,0.66]
[null,null,"未计价材料费"]
["清单项目综合单价",{"$nulls":11},4.45]
["材\n料\n费\n明\n细","主要材料名称、规格、型号",{"$nulls":7},"单位","数量",null,"单价（元）",null,"合价（元）",null,null,"暂估单价\n（元）","暂估合价\n（元）"]
[]
[]
[]
[]
[]
[]
["注：1.如不使用省级或行业建设主管部门发布的计价依据，可不填定额编码、名称等；\n    2.招标文件提供了暂估单价的材料，按暂估的单价填入表内“暂估单价”栏及“暂估合价”栏。"]
[{"$nulls":15},"表-09"]
["综合单价分析表"]
["工程名称：建筑工程",{"$nulls":10},"标段：",{"$nulls":3},"第 2 页  共 46 页"]
["项目编码",null,"010101004001",null,"项目名称",null,"挖基坑土方",{"$nulls":3},"计量单位",null,null,"m3",null,null,"工程量",null,874.8]
["清单综合单价组成明细"]
["定额编号","定额项目名称","定额\n单位","数量","单价",{"$nulls":7},"合价"]
[{"$nulls":4},"人工费","材料费","机具费","管理费","利润","规费","税金",null,"人工费","材料费","机具费",null,"管理费","利润","规费","税金"]
["A1-1-41 换","挖掘机挖沟槽、基坑土方 一、二类土 \u007f盖挖法挖土方机械开挖土方为主、人工开挖土方为辅时，机械挖土方 人工*1.3,机械*1.3","1000m3",0.001,835.46,null,5143.92,926.8,1195.88,{"$nulls":3},0.84,null,5.14,null,0.93,1.2]
["人工单价",null,"小计",{"$nulls":9},0.84,null,5.14,null,0.93,1.2]
[null,null,"未计价材料费"]
["清单项目综合单价",{"$nulls":11},8.1]
["材\n料\n费\n明\n细","主要材料名称、规格、型号",{"$nulls":7},"单位","数量",null,"单价（元）",null,"合价（元）",null,null,"暂估单价\n（元）","暂估合价\n（元）"]
[]
[]
[]
["注：1.如不使用省级或行业建设主管部门发布的计价依据，可不填定额编码、名称等；\n    2.招标文件提供了暂估单价的材料，按暂估的单价填入表内“暂估单价”栏及“暂估合价”栏。"]
[{"$nulls":15},"表-09"]
["综合单价分析表"]
["工程名称：建筑工程",{"$nulls":10},"标段：",{"$nulls":3},"第 3 页  共 46 页"]
["项目编码",null,"010402001001",null,"项目名称",null,"砌块墙",{"$nulls":3},"计量单位",null,null,"m3",null,null,"工程量",null,5.175]
["清单综合单价组成明细"]
["定额编号","定额项目名称","定额\n单位","数量","单价",{"$nulls":7},"合价"]
[{"$nulls":4},"人工费","材料费","机具费","管理费","利润","规费","税金",null,"人工费","材料费","机具费",null,"管理费","利润","规费","税金"]
["借G1-4-22","蒸压加气混凝土砌块墙 墙厚≤300mm 砂浆","10m3",0.1,1585.1,2361.57,539.76,404.15,424.97,{"$nulls":3},158.51,236.16,53.98,null,40.42,42.5]
["人工单价",null,"小计",{"$nulls":9},158.51,236.16,53.98,null,40.42,42.5]
[null,null,"未计价材料费"]
["清单项目综合单价",{"$nulls":11},531.56]
["材\n料\n费\n明\n细","主要材料名称、规格、型号",{"$nulls":7},"单位","数量",null,"单价（元）",null,"合价（元）",null,null,"暂估单价\n（元）","暂估合价\n（元）"]
[null,"其他材料费",{"$nulls":10},"-",null,236.16,null,null,"-"]
[null,"材料费小计",{"$nulls":10},"-",null,236.16,null,null,"-"]
{"$rows_empty":8}
["注：1.如不使用省级或行业建设主管部门发布的计价依据，可不填定额编码、名称等；\n    2.招标文件提供了暂估单价的材料，按暂估的单价填入表内“暂估单价”栏及“暂估合价”栏。"]
[{"$nulls":15},"表-09"]
["综合单价分析表"]
["工程名称：建筑工程",{"$nulls":10},"标段：",{"$nulls":3},"第 4 页  共 46 页"]
["项目编码",null,"010402001002",null,"项目名称",null,"砌块墙",{"$nulls":3},"计量单位",null,null,"m3",null,null,"工程量",null,26.6978]
["清单综合单价组成明细"]
["定额编号","定额项目名称","定额\n单位","数量","单价",{"$nulls":7},"合价"]
[{"$nulls":4},"人工费","材料费","机具费","管理费","利润","规费","税金",null,"人工费","材料费","机具费",null,"管理费","利润","规费","税金"]
["借G1-4-20","蒸压加气混凝土砌块墙 墙厚≤200mm 砂浆","10m3",0.1,1634.05,2361.57,539.76,413.46,434.76,{"$nulls":3},163.41,236.16,53.98,null,41.35,43.48]
["人工单价",null,"小计",{"$nulls":9},163.41,236.16,53.98,null,41.35,43.48]
[null,null,"未计价材料费"]
["清单项目综合单价",{"$nulls":11},538.36]
["材\n料\n费\n明\n细","主要材料名称、规格、型号",{"$nulls":7},"单位","数量",null,"单价（元）",null,"合价（元）",null,null,"暂估单价\n（元）","暂估合价\n（元）"]
[null,"其他材料费",{"$nulls":10},"-",null,236.16,null,null,"-"]
[null,"材料费小计",{"$nulls":10},"-",null,236.16,null,null,"-"]
{"$rows_empty":8}
["注：1.如不使用省级或行业建设主管部门发布的计价依据，可不填定额编码、名称等；\n    2.招标文件提供了暂估单价的材料，按暂估的单价填入表内“暂估单价”栏及“暂估合价”栏。"]
[{"$nulls":15},"表-09"]
["综合单价分析表"]
["工程名称：建筑工程",{"$nulls":10},"标段：",{"$nulls":3},"第 5 页  共 46 页"]
["项目编码",null,"010402001003",null,"项目名称",null,"砌块墙",{"$nulls":3},"计量单位",null,null,"m3",null,null,"工程量",null,376.0088]
["清单综合单价组成明细"]
["定额编号","定额项目名称","定额\n单位","数量","单价",{"$nulls":7},"合价"]
[{"$nulls":4},"人工费","材料费","机具费","管理费","利润","规费","税金",null,"人工费","材料费","机具费",null,"管理费","利润","规费","税金"]
["借G1-4-22","蒸压加气混凝土砌块墙 墙厚≤300mm 砂浆","10m3",0.1,1585.1,2361.57,539.76,404.15,424.97,{"$nulls":3},158.51,236.16,53.98,null,40.42,42.5]
["人工单价",null,"小计",{"$nulls":9},158.51,236.16,53.98,null,40.42,42.5]
[null,null,"未计价材料费"]
["清单项目综合单价",{"$nulls":11},531.56]
["材\n料\n费\n明\n细","主要材料名称、规格、型号",{"$nulls":7},"单位","数量",null,"单价（元）",null,"合价（元）",null,null,"暂估单价\n（元）","暂估合价\n（元）"]
[null,"其他材料费",{"$nulls":10},"-",null,236.16,null,null,"-"]
[null,"材料费小计",{"$nulls":10},"-",null,236.16,null,null,"-"]
{"$rows_empty":8}
["注：1.如不使用省级或行业建设主管部门发布的计价依据，可不填定额编码、名称等；\n    2.招标文件提供了暂估单价的材料，按暂估的单价填入表内“暂估单价”栏及“暂估合价”栏。"]
[{"$nulls":15},"表-09"]
["综合单价分析表"]
["工程名称：建筑工程",{"$nulls":10},"标段：",{"$nulls":3},"第 6 页  共 46 页"]
["项目编码",null,"010402001004",null,"项目名称",null,"砌块墙",{"$nulls":3},"计量单位",null,null,"m3",null,null,"工程量",null,166.3804]
["清单综合单价组成明细"]
["定额编号","定额项目名称","定额\n单位","数量","单价",{"$nulls":7},"合价"]
[{"$nulls":4},"人工费","材料费","机具费","管理费","利润","规费","税金",null,"人工费","材料费","机具费",null,"管理费","利润","规费","税金"]
["借G1-4-22","蒸压加气混凝土砌块墙 墙厚≤300mm 砂浆","10m3",0.1,1585.1,2361.57,539.76,404.15,424.97,{"$nulls":3},158.51,236.16,53.98,null,40.42,42.5]
["人工单价",null,"小计",{"$nulls":9},158.51,236.16,53.98,null,40.42,42.5]
[null,null,"未计价材料费"]
["清单项目综合单价",{"$nulls":11},531.56]
["材\n料\n费\n明\n细","主要材料名称、规格、型号",{"$nulls":7},"单位","数量",null,"单价（元）",null,"合价（元）",null,null,"暂估单价\n（元）","暂估合价\n（元）"]
[null,"其他材料费",{"$nulls":10},"-",null,236.16,null,null,"-"]
[null,"材料费小计",{"$nulls":10},"-",null,236.16,null,null,"-"]
{"$rows_empty":8}
["注：1.如不使用省级或行业建设主管部门发布的计价依据，可不填定额编码、名称等；\n    2.招标文件提供了暂估单价的材料，按暂估的单价填入表内“暂估单价”栏及“暂估合价”栏。"]
[{"$nulls":15},"表-09"]
["综合单价分析表"]
["工程名称：建筑工程",{"$nulls":10},"标段：",{"$nulls":3},"第 7 页  共 46 页"]
["项目编码",null,"010404001001",null,"项目名称",null,"垫层",{"$nulls":3},"计量单位",null,null,"m3",null,null,"工程量",null,23.52]
["清单综合单价组成明细"]
["定额编号","定额项目名称","定额\n单位","数量","单价",{"$nulls":7},"合价"]
[{"$nulls":4},"人工费","材料费","机具费","管理费","利润","规费","税金",null,"人工费","材料费","机具费",null,"管理费","利润","规费","税金"]
["借G1-5-1","现浇混凝土 混凝土垫层","10m3",0.1,711.99,4451.58,25.44,140.26,147.49,{"$nulls":3},71.2,445.16,2.54,null,14.03,14.75]
["人工单价",null,"小计",{"$nulls":9},71.2,445.16,2.54,null,14.03,14.75]
[null,null,"未计价材料费"]
["清单项目综合单价",{"$nulls":11},547.68]
["材\n料\n费\n明\n细","主要材料名称、规格、型号",{"$nulls":7},"单位","数量",null,"单价（元）",null,"合价（元）",null,null,"暂估单价\n（元）","暂估合价\n（元）"]
[null,"其他材料费",{"$nulls":10},"-",null,445.15,null,null,"-"]
[null,"材料费小计",{"$nulls":10},"-",null,445.15,null,null,"-"]
{"$rows_empty":8}
["注：1.如不使用省级或行业建设主管部门发布的计价依据，可不填定额编码、名称等；\n    2.招标文件提供了暂估单价的材料，按暂估的单价填入表内“暂估单价”栏及“暂估合价”栏。"]
[{"$nulls":15},"表-09"]
["综合单价分析表"]
["工程名称：建筑工程",{"$nulls":10},"标段：",{"$nulls":3},"第 8 页  共 46 页"]
["项目编码",null,"010501003001",null,"项目名称",null,"独立基础",{"$nulls":3},"计量单位",null,null,"m3",null,null,"工程量",null,42.288]
["清单综合单价组成明细"]
["定额编号","定额项目名称","定额\n单位","数量","单价",{"$nulls":7},"合价"]
[{"$nulls":4},"人工费","材料费","机具费","管理费","利润","规费","税金",null,"人工费","材料费","机具费",null,"管理费","利润","规费","税金"]
["A1-5-2","现浇建筑物混凝土 其他混凝土基础","10m3",0.1,456.92,80.8,7.74,133.59,92.93,{"$nulls":3},45.69,8.08,0.77,null,13.36,9.29]
["8021901","普通预拌混凝土 碎石粒径综合考虑 C10","m3",1.01,null,302,{"$nulls":7},305.02]
["人工单价",null,"小计",{"$nulls":9},45.69,313.1,0.77,null,13.36,9.29]
[null,null,"未计价材料费"]
["清单项目综合单价",{"$nulls":11},382.22]
["材\n料\n费\n明\n细","主要材料名称、规格、型号",{"$nulls":7},"单位","数量",null,"单价（元）",null,"合价（元）",null,null,"暂估单价\n（元）","暂估合价\n（元）"]
[null,"其他材料费",{"$nulls":10},"-",null,313.1,null,null,"-"]
[null,"材料费小计",{"$nulls":10},"-",null,313.1,null,null,"-"]
[]
[]
[]
[]
[]
["注：1.如不使用省级或行业建设主管部门发布的计价依据，可不填定额编码、名称等；\n    2.招标文件提供了暂估单价的材料，按暂估的单价填入表内“暂估单价”栏及“暂估合价”栏。"]
[{"$nulls":15},"表-09"]
["综合单价分析表"]
["工程名称：建筑工程",{"$nulls":10},"标段：",{"$nulls":3},"第 9 页  共 46 页"]
["项目编码",null,"010501003002",null,"项目名称",null,"独立基础",{"$nulls":3},"计量单位",null,null,"m3",null,null,"工程量",null,43.248]
["清单综合单价组成明细"]
["定额编号","定额项目名称","定额\n单位","数量","单价",{"$nulls":7},"合价"]
[{"$nulls":4},"人工费","材料费","机具费","管理费","利润","规费","税金",null,"人工费","材料费","机具费",null,"管理费","利润","规费","税金"]
["A1-5-2","现浇建筑物混凝土 其他混凝土基础","10m3",0.1,456.92,80.8,7.74,133.59,92.93,{"$nulls":3},45.69,8.08,0.77,null,13.36,9.29]
["8021901","普通预拌混凝土 碎石粒径综合考虑 C10","m3",1.01,null,302,{"$nulls":7},305.02]
["人工单价",null,"小计",{"$nulls":9},45.69,313.1,0.77,null,13.36,9.29]
[null,null,"未计价材料费"]
["清单项目综合单价",{"$nulls":11},382.22]
["材\n料\n费\n明\n细","主要材料名称、规格、型号",{"$nulls":7},"单位","数量",null,"单价（元）",null,"合价（元）",null,null,"暂估单价\n（元）","暂估合价\n（元）"]
[null,"其他材料费",{"$nulls":10},"-",null,313.1,null,null,"-"]
[null,"材料费小计",{"$nulls":10},"-",null,313.1,null,null,"-"]
[]
[]
[]
[]
[]
["注：1.如不使用省级或行业建设主管部门发布的计价依据，可不填定额编码、名称等；\n    2.招标文件提供了暂估单价的材料，按暂估的单价填入表内“暂估单价”栏及“暂估合价”栏。"]
[{"$nulls":15},"表-09"]
["综合单价分析表"]
["工程名称：建筑工程",{"$nulls":10},"标段：",{"$nulls":3},"第 10 页  共 46 页"]
["项目编码",null,"010502001001",null,"项目名称",null,"矩形柱",{"$nulls":3},"计量单位",null,null,"m3",null,null,"工程量",null,117.6]
["清单综合单价组成明细"]
["定额编号","定额项目名称","定额\n单位","数量","单价",{"$nulls":7},"合价"]
[{"$nulls":4},"人工费","材料费","机具费","管理费","利润","规费","税金",null,"人工费","材料费","机具费",null,"管理费","利润","规费","税金"]
["A1-5-5","现浇建筑物混凝土 矩形、多边形、异形、圆形柱、钢管柱","10m3",0.1,1181,186.95,12.46,343.12,238.69,{"$nulls":3},118.1,18.7,1.25,null,34.31,23.87]
["8021905","普通预拌混凝土 碎石粒径综合考虑 C30","m3",1.01,null,340,{"$nulls":7},343.4]
["人工单价",null,"小计",{"$nulls":9},118.1,362.1,1.25,null,34.31,23.87]
[null,null,"未计价材料费"]
["清单项目综合单价",{"$nulls":11},539.62]
["材\n料\n费\n明\n细","主要材料名称、规格、型号",{"$nulls":7},"单位","数量",null,"单价（元）",null,"合价（元）",null,null,"暂估单价\n（元）","暂估合价\n（元）"]
[null,"其他材料费",{"$nulls":10},"-",null,362.1,null,null,"-"]
[null,"材料费小计",{"$nulls":10},"-",null,362.1,null,null,"-"]
[]
[]
[]
[]
["注：1.如不使用省级或行业建设主管部门发布的计价依据，可不填定额编码、名称等；\n    2.招标文件提供了暂估单价的材料，按暂估的单价填入表内“暂估单价”栏及“暂估合价”栏。"]
[{"$nulls":15},"表-09"]
["综合单价分析表"]
["工程名称：建筑工程",{"$nulls":10},"标段：",{"$nulls":3},"第 11 页  共 46 页"]
["项目编码",null,"010503002001",null,"项目名称",null,"矩形梁",{"$nulls":3},"计量单位",null,null,"m3",null,null,"工程量",null,207.1128]
["清单综合单价组成明细"]
["定额编号","定额项目名称","定额\n单位","数量","单价",{"$nulls":7},"合价"]
[{"$nulls":4},"人工费","材料费","机具费","管理费","利润","规费","税金",null,"人工费","材料费","机具费",null,"管理费","利润","规费","税金"]
["A1-5-9","现浇建筑物混凝土 单梁、连续梁、异形梁","10m3",0.1,487.28,166.89,12.56,143.7,99.97,{"$nulls":3},48.73,16.69,1.26,null,14.37,10]
["8021905","普通预拌混凝土 碎石粒径综合考虑 C30","m3",1.01,null,340,{"$nulls":7},343.4]
["人工单价",null,"小计",{"$nulls":9},48.73,360.09,1.26,null,14.37,10]
[null,null,"未计价材料费"]
["清单项目综合单价",{"$nulls":11},434.44]
["材\n料\n费\n明\n细","主要材料名称、规格、型号",{"$nulls":7},"单位","数量",null,"单价（元）",null,"合价（元）",null,null,"暂估单价\n（元）","暂估合价\n（元）"]
[null,"其他材料费",{"$nulls":10},"-",null,360.08,null,null,"-"]
[null,"材料费小计",{"$nulls":10},"-",null,360.08,null,null,"-"]
[]
[]
[]
[]
[]
["注：1.如不使用省级或行业建设主管部门发布的计价依据，可不填定额编码、名称等；\n    2.招标文件提供了暂估单价的材料，按暂估的单价填入表内“暂估单价”栏及“暂估合价”栏。"]
[{"$nulls":15},"表-09"]
["综合单价分析表"]
["工程名称：建筑工程",{"$nulls":10},"标段：",{"$nulls":3},"第 12 页  共 46 页"]
["项目编码",null,"010503005001",null,"项目名称",null,"过梁",{"$nulls":3},"计量单位",null,null,"m3",null,null,"工程量",null,5.9267]
["清单综合单价组成明细"]
["定额编号","定额项目名称","定额\n单位","数量","单价",{"$nulls":7},"合价"]
[{"$nulls":4},"人工费","材料费","机具费","管理费","利润","规费","税金",null,"人工费","材料费","机具费",null,"管理费","利润","规费","税金"]
["A1-5-37","现浇建筑物混凝土 小型构件预制 过梁、花架条","10m3",0.1,919.29,101.68,5.63,265.91,184.98,{"$nulls":3},91.93,10.17,0.56,null,26.59,18.5]
["8021903","普通预拌混凝土 碎石粒径综合考虑 C20","m3",1.01,null,322,{"$nulls":7},325.22]
["人工单价",null,"小计",{"$nulls":9},91.93,335.39,0.56,null,26.59,18.5]
[null,null,"未计价材料费"]
["清单项目综合单价",{"$nulls":11},472.97]
["材\n料\n费\n明\n细","主要材料名称、规格、型号",{"$nulls":7},"单位","数量",null,"单价（元）",null,"合价（元）",null,null,"暂估单价\n（元）","暂估合价\n（元）"]
[null,"其他材料费",{"$nulls":10},"-",null,335.39,null,null,"-"]
[null,"材料费小计",{"$nulls":10},"-",null,335.39,null,null,"-"]
[]
[]
[]
[]
[]
["注：1.如不使用省级或行业建设主管部门发布的计价依据，可不填定额编码、名称等；\n    2.招标文件提供了暂估单价的材料，按暂估的单价填入表内“暂估单价”栏及“暂估合价”栏。"]
[{"$nulls":15},"表-09"]
["综合单价分析表"]
["工程名称：建筑工程",{"$nulls":10},"标段：",{"$nulls":3},"第 13 页  共 46 页"]
["项目编码",null,"010505001001",null,"项目名称",null,"有梁板",{"$nulls":3},"计量单位",null,null,"m3",null,null,"工程量",null,183.2606]
["清单综合单价组成明细"]
["定额编号","定额项目名称","定额\n单位","数量","单价",{"$nulls":7},"合价"]
[{"$nulls":4},"人工费","材料费","机具费","管理费","利润","规费","税金",null,"人工费","材料费","机具费",null,"管理费","利润","规费","税金"]
["A1-5-14","现浇建筑物混凝土 平板、有梁板、无梁板","10m3",0.1,466.03,220.49,14.1,138.04,96.03,{"$nulls":3},46.6,22.05,1.41,null,13.8,9.6]
["8021904","普通预拌混凝土 碎石粒径综合考虑 C25","m3",1.01,null,331,{"$nulls":7},334.31]
["人工单价",null,"小计",{"$nulls":9},46.6,356.36,1.41,null,13.8,9.6]
[null,null,"未计价材料费"]
["清单项目综合单价",{"$nulls":11},427.78]
["材\n料\n费\n明\n细","主要材料名称、规格、型号",{"$nulls":7},"单位","数量",null,"单价（元）",null,"合价（元）",null,null,"暂估单价\n（元）","暂估合价\n（元）"]
[null,"其他材料费",{"$nulls":10},"-",null,356.36,null,null,"-"]
[null,"材料费小计",{"$nulls":10},"-",null,356.36,null,null,"-"]
[]
[]
[]
[]
[]
["注：1.如不使用省级或行业建设主管部门发布的计价依据，可不填定额编码、名称等；\n    2.招标文件提供了暂估单价的材料，按暂估的单价填入表内“暂估单价”栏及“暂估合价”栏。"]
[{"$nulls":15},"表-09"]
["综合单价分析表"]
["工程名称：建筑工程",{"$nulls":10},"标段：",{"$nulls":3},"第 14 页  共 46 页"]
["项目编码",null,"010505008001",null,"项目名称",null,"雨篷、悬挑板、阳台板",{"$nulls":3},"计量单位",null,null,"m3",null,null,"工程量",null,1.44]
["清单综合单价组成明细"]
["定额编号","定额项目名称","定额\n单位","数量","单价",{"$nulls":7},"合价"]
[{"$nulls":4},"人工费","材料费","机具费","管理费","利润","规费","税金",null,"人工费","材料费","机具费",null,"管理费","利润","规费","税金"]
["A1-5-29","现浇混凝土其他构件 阳台、雨蓬","10m3",0.1,1686.5,73.44,21.51,491.05,341.6,{"$nulls":3},168.65,7.34,2.15,null,49.11,34.16]
["8021904","普通预拌混凝土 碎石粒径综合考虑 C25","m3",1.01,null,331,{"$nulls":7},334.31]
["人工单价",null,"小计",{"$nulls":9},168.65,341.65,2.15,null,49.11,34.16]
[null,null,"未计价材料费"]
["清单项目综合单价",{"$nulls":11},595.72]
["材\n料\n费\n明\n细","主要材料名称、规格、型号",{"$nulls":7},"单位","数量",null,"单价（元）",null,"合价（元）",null,null,"暂估单价\n（元）","暂估合价\n（元）"]
[null,"其他材料费",{"$nulls":10},"-",null,341.65,null,null,"-"]
[null,"材料费小计",{"$nulls":10},"-",null,341.65,null,null,"-"]
[]
[]
[]
[]
[]
["注：1.如不使用省级或行业建设主管部门发布的计价依据，可不填定额编码、名称等；\n    2.招标文件提供了暂估单价的材料，按暂估的单价填入表内“暂估单价”栏及“暂估合价”栏。"]
[{"$nulls":15},"表-09"]
["综合单价分析表"]
["工程名称：建筑工程",{"$nulls":10},"标段：",{"$nulls":3},"第 15 页  共 46 页"]
["项目编码",null,"010506001001",null,"项目名称",null,"直形楼梯",{"$nulls":3},"计量单位",null,null,"m3",null,null,"工程量",null,55.0866]
["清单综合单价组成明细"]
["定额编号","定额项目名称","定额\n单位","数量","单价",{"$nulls":7},"合价"]
[{"$nulls":4},"人工费","材料费","机具费","管理费","利润","规费","税金",null,"人工费","材料费","机具费",null,"管理费","利润","规费","税金"]
["A1-5-21","现浇建筑物混凝土 直形楼梯","10m3",0.1,837.94,256.98,20.1,246.69,171.61,{"$nulls":3},83.79,25.7,2.01,null,24.67,17.16]
["8021904","普通预拌混凝土 碎石粒径综合考虑 C25","m3",1.01,null,331,{"$nulls":7},334.31]
["人工单价",null,"小计",{"$nulls":9},83.79,360.01,2.01,null,24.67,17.16]
[null,null,"未计价材料费"]
["清单项目综合单价",{"$nulls":11},487.64]
["材\n料\n费\n明\n细","主要材料名称、规格、型号",{"$nulls":7},"单位","数量",null,"单价（元）",null,"合价（元）",null,null,"暂估单价\n（元）","暂估合价\n（元）"]
[null,"其他材料费",{"$nulls":10},"-",null,360.01,null,null,"-"]
[null,"材料费小计",{"$nulls":10},"-",null,360.01,null,null,"-"]
[]
[]
[]
[]
[]
[]
["注：1.如不使用省级或行业建设主管部门发布的计价依据，可不填定额编码、名称等；\n    2.招标文件提供了暂估单价的材料，按暂估的单价填入表内“暂估单价”栏及“暂估合价”栏。"]
[{"$nulls":15},"表-09"]
["综合单价分析表"]
["工程名称：建筑工程",{"$nulls":10},"标段：",{"$nulls":3},"第 16 页  共 46 页"]
["项目编码",null,"010507001001",null,"项目名称",null,"散水、坡道",{"$nulls":3},"计量单位",null,null,"m2",null,null,"工程量",null,74.88]
["清单综合单价组成明细"]
["定额编号","定额项目名称","定额\n单位","数量","单价",{"$nulls":7},"合价"]
[{"$nulls":4},"人工费","材料费","机具费","管理费","利润","规费","税金",null,"人工费","材料费","机具费",null,"管理费","利润","规费","税金"]
["A1-4-80","砖散水 平铺","100m2",0.01,3156.43,1088.33,null,477.88,631.29,{"$nulls":3},31.56,10.88,null,null,4.78,6.31]
["80090460","干混地面砂浆 DS M15","m3",0.0202,36,422.77,20.18,8.51,11.24,{"$nulls":3},0.73,8.54,0.41,null,0.17,0.23]
["80090460","干混地面砂浆 DS M15","m3",0.0033,36,422.77,20.18,8.51,11.24,{"$nulls":3},0.12,1.4,0.07,null,0.03,0.04]
["人工单价",null,"小计",{"$nulls":9},32.41,20.82,0.48,null,4.98,6.58]
[null,null,"未计价材料费"]
["清单项目综合单价",{"$nulls":11},65.26]
["材\n料\n费\n明\n细","主要材料名称、规格、型号",{"$nulls":7},"单位","数量",null,"单价（元）",null,"合价（元）",null,null,"暂估单价\n（元）","暂估合价\n（元）"]
[null,"其他材料费",{"$nulls":10},"-",null,20.84,null,null,"-"]
[null,"材料费小计",{"$nulls":10},"-",null,20.84,null,null,"-"]
[]
[]
[]
[]
[]
["注：1.如不使用省级或行业建设主管部门发布的计价依据，可不填定额编码、名称等；\n    2.招标文件提供了暂估单价的材料，按暂估的单价填入表内“暂估单价”栏及“暂估合价”栏。"]
[{"$nulls":15},"表-09"]
["综合单价分析表"]
["工程名称：建筑工程",{"$nulls":10},"标段：",{"$nulls":3},"第 17 页  共 46 页"]
["项目编码",null,"010507004001",null,"项目名称",null,"台阶",{"$nulls":3},"计量单位",null,null,"m3",null,null,"工程量",null,7.7648]
["清单综合单价组成明细"]
["定额编号","定额项目名称","定额\n单位","数量","单价",{"$nulls":7},"合价"]
[{"$nulls":4},"人工费","材料费","机具费","管理费","利润","规费","税金",null,"人工费","材料费","机具费",null,"管理费","利润","规费","税金"]
["A1-5-34","现浇混凝土其他构件 台阶","10m3",0.1,968.48,49.29,20.1,284.22,197.72,{"$nulls":3},96.85,4.93,2.01,null,28.42,19.77]
["8021904","普通预拌混凝土 碎石粒径综合考虑 C25","m3",1.01,null,331,{"$nulls":7},334.31]
["人工单价",null,"小计",{"$nulls":9},96.85,339.24,2.01,null,28.42,19.77]
[null,null,"未计价材料费"]
["清单项目综合单价",{"$nulls":11},486.29]
["材\n料\n费\n明\n细","主要材料名称、规格、型号",{"$nulls":7},"单位","数量",null,"单价（元）",null,"合价（元）",null,null,"暂估单价\n（元）","暂估合价\n（元）"]
[null,"其他材料费",{"$nulls":10},"-",null,339.24,null,null,"-"]
[null,"材料费小计",{"$nulls":10},"-",null,339.24,null,null,"-"]
[]
[]
[]
[]
[]
[]
["注：1.如不使用省级或行业建设主管部门发布的计价依据，可不填定额编码、名称等；\n    2.招标文件提供了暂估单价的材料，按暂估的单价填入表内“暂估单价”栏及“暂估合价”栏。"]
[{"$nulls":15},"表-09"]
["综合单价分析表"]
["工程名称：建筑工程",{"$nulls":10},"标段：",{"$nulls":3},"第 18 页  共 46 页"]
["项目编码",null,"010801001001",null,"项目名称",null,"木质门",{"$nulls":3},"计量单位",null,null,"m2",null,null,"工程量",null,2.52]
["清单综合单价组成明细"]
["定额编号","定额项目名称","定额\n单位","数量","单价",{"$nulls":7},"合价"]
[{"$nulls":4},"人工费","材料费","机具费","管理费","利润","规费","税金",null,"人工费","材料费","机具费",null,"管理费","利润","规费","税金"]
["A1-9-3","带纱镶板门、胶合板门安装 无亮 单扇","100m2",0.01,3125.51,3690.84,1.53,458.42,625.41,{"$nulls":3},31.26,36.91,0.02,null,4.58,6.25]
["人工单价",null,"小计",{"$nulls":9},31.26,36.91,0.02,null,4.58,6.25]
[null,null,"未计价材料费"]
["清单项目综合单价",{"$nulls":11},79.02]
["材\n料\n费\n明\n细","主要材料名称、规格、型号",{"$nulls":7},"单位","数量",null,"单价（元）",null,"合价（元）",null,null,"暂估单价\n（元）","暂估合价\n（元）"]
[null,"其他材料费",{"$nulls":10},"-",null,36.91,null,null,"-"]
[null,"材料费小计",{"$nulls":10},"-",null,36.9,null,null,"-"]
{"$rows_empty":8}
["注：1.如不使用省级或行业建设主管部门发布的计价依据，可不填定额编码、名称等；\n    2.招标文件提供了暂估单价的材料，按暂估的单价填入表内“暂估单价”栏及“暂估合价”栏。"]
[{"$nulls":15},"表-09"]
["综合单价分析表"]
["工程名称：建筑工程",{"$nulls":10},"标段：",{"$nulls":3},"第 19 页  共 46 页"]
["项目编码",null,"010801001002",null,"项目名称",null,"木质门",{"$nulls":3},"计量单位",null,null,"m2",null,null,"工程量",null,37.44]
["清单综合单价组成明细"]
["定额编号","定额项目名称","定额\n单位","数量","单价",{"$nulls":7},"合价"]
[{"$nulls":4},"人工费","材料费","机具费","管理费","利润","规费","税金",null,"人工费","材料费","机具费",null,"管理费","利润","规费","税金"]
["A1-9-4","带纱镶板门、胶合板门安装 无亮 双扇","100m2",0.01,2697.77,2943.14,0.77,395.61,539.71,{"$nulls":3},26.98,29.43,0.01,null,3.96,5.4]
["人工单价",null,"小计",{"$nulls":9},26.98,29.43,0.01,null,3.96,5.4]
[null,null,"未计价材料费"]
["清单项目综合单价",{"$nulls":11},65.77]
["材\n料\n费\n明\n细","主要材料名称、规格、型号",{"$nulls":7},"单位","数量",null,"单价（元）",null,"合价（元）",null,null,"暂估单价\n（元）","暂估合价\n（元）"]
[null,"其他材料费",{"$nulls":10},"-",null,29.49,null,null,"-"]
[null,"材料费小计",{"$nulls":10},"-",null,29.5,null,null,"-"]
{"$rows_empty":8}
["注：1.如不使用省级或行业建设主管部门发布的计价依据，可不填定额编码、名称等；\n    2.招标文件提供了暂估单价的材料，按暂估的单价填入表内“暂估单价”栏及“暂估合价”栏。"]
[{"$nulls":15},"表-09"]
["综合单价分析表"]
["工程名称：建筑工程",{"$nulls":10},"标段：",{"$nulls":3},"第 20 页  共 46 页"]
["项目编码",null,"010801001003",null,"项目名称",null,"木质门",{"$nulls":3},"计量单位",null,null,"m2",null,null,"工程量",null,95.04]
["清单综合单价组成明细"]
["定额编号","定额项目名称","定额\n单位","数量","单价",{"$nulls":7},"合价"]
[{"$nulls":4},"人工费","材料费","机具费","管理费","利润","规费","税金",null,"人工费","材料费","机具费",null,"管理费","利润","规费","税金"]
["A1-9-3","带纱镶板门、胶合板门安装 无亮 单扇","100m2",0.01,3125.51,3690.84,1.53,458.42,625.41,{"$nulls":3},31.26,36.91,0.02,null,4.58,6.25]
["人工单价",null,"小计",{"$nulls":9},31.26,36.91,0.02,null,4.58,6.25]
[null,null,"未计价材料费"]
["清单项目综合单价",{"$nulls":11},79.02]
["材\n料\n费\n明\n细","主要材料名称、规格、型号",{"$nulls":7},"单位","数量",null,"单价（元）",null,"合价（元）",null,null,"暂估单价\n（元）","暂估合价\n（元）"]
[null,"其他材料费",{"$nulls":10},"-",null,36.91,null,null,"-"]
[null,"材料费小计",{"$nulls":10},"-",null,36.9,null,null,"-"]
{"$rows_empty":8}
["注：1.如不使用省级或行业建设主管部门发布的计价依据，可不填定额编码、名称等；\n    2.招标文件提供了暂估单价的材料，按暂估的单价填入表内“暂估单价”栏及“暂估合价”栏。"]
[{"$nulls":15},"表-09"]
["综合单价分析表"]
["工程名称：建筑工程",{"$nulls":10},"标段：",{"$nulls":3},"第 21 页  共 46 页"]
["项目编码",null,"010801001004",null,"项目名称",null,"木质门",{"$nulls":3},"计量单位",null,null,"m2",null,null,"工程量",null,11.52]
["清单综合单价组成明细"]
["定额编号","定额项目名称","定额\n单位","数量","单价",{"$nulls":7},"合价"]
[{"$nulls":4},"人工费","材料费","机具费","管理费","利润","规费","税金",null,"人工费","材料费","机具费",null,"管理费","利润","规费","税金"]
["A1-9-3","带纱镶板门、胶合板门安装 无亮 单扇","100m2",0.01,3125.51,3690.84,1.53,458.42,625.41,{"$nulls":3},31.26,36.91,0.02,null,4.58,6.25]
["人工单价",null,"小计",{"$nulls":9},31.26,36.91,0.02,null,4.58,6.25]
[null,null,"未计价材料费"]
["清单项目综合单价",{"$nulls":11},79.02]
["材\n料\n费\n明\n细","主要材料名称、规格、型号",{"$nulls":7},"单位","数量",null,"单价（元）",null,"合价（元）",null,null,"暂估单价\n（元）","暂估合价\n（元）"]
[null,"其他材料费",{"$nulls":10},"-",null,36.91,null,null,"-"]
[null,"材料费小计",{"$nulls":10},"-",null,36.9,null,null,"-"]
{"$rows_empty":8}
["注：1.如不使用省级或行业建设主管部门发布的计价依据，可不填定额编码、名称等；\n    2.招标文件提供了暂估单价的材料，按暂估的单价填入表内“暂估单价”栏及“暂估合价”栏。"]
[{"$nulls":15},"表-09"]
["综合单价分析表"]
["工程名称：建筑工程",{"$nulls":10},"标段：",{"$nulls":3},"第 22 页  共 46 页"]
["项目编码",null,"010801001005",null,"项目名称",null,"木质门",{"$nulls":3},"计量单位",null,null,"m2",null,null,"工程量",null,5.04]
["清单综合单价组成明细"]
["定额编号","定额项目名称","定额\n单位","数量","单价",{"$nulls":7},"合价"]
[{"$nulls":4},"人工费","材料费","机具费","管理费","利润","规费","税金",null,"人工费","材料费","机具费",null,"管理费","利润","规费","税金"]
["A1-9-4","带纱镶板门、胶合板门安装 无亮 双扇","100m2",0.01,2697.77,2943.14,0.77,395.61,539.71,{"$nulls":3},26.98,29.43,0.01,null,3.96,5.4]
["人工单价",null,"小计",{"$nulls":9},26.98,29.43,0.01,null,3.96,5.4]
[null,null,"未计价材料费"]
["清单项目综合单价",{"$nulls":11},65.77]
["材\n料\n费\n明\n细","主要材料名称、规格、型号",{"$nulls":7},"单位","数量",null,"单价（元）",null,"合价（元）",null,null,"暂估单价\n（元）","暂估合价\n（元）"]
[null,"其他材料费",{"$nulls":10},"-",null,29.49,null,null,"-"]
[null,"材料费小计",{"$nulls":10},"-",null,29.5,null,null,"-"]
{"$rows_empty":8}
["注：1.如不使用省级或行业建设主管部门发布的计价依据，可不填定额编码、名称等；\n    2.招标文件提供了暂估单价的材料，按暂估的单价填入表内“暂估单价”栏及“暂估合价”栏。"]
[{"$nulls":15},"表-09"]
["综合单价分析表"]
["工程名称：建筑工程",{"$nulls":10},"标段：",{"$nulls":3},"第 23 页  共 46 页"]
["项目编码",null,"010801001006",null,"项目名称",null,"木质门",{"$nulls":3},"计量单位",null,null,"m2",null,null,"工程量",null,9.72]
["清单综合单价组成明细"]
["定额编号","定额项目名称","定额\n单位","数量","单价",{"$nulls":7},"合价"]
[{"$nulls":4},"人工费","材料费","机具费","管理费","利润","规费","税金",null,"人工费","材料费","机具费",null,"管理费","利润","规费","税金"]
["A1-9-4","带纱镶板门、胶合板门安装 无亮 双扇","100m2",0.01,2697.77,2943.14,0.77,395.61,539.71,{"$nulls":3},26.98,29.43,0.01,null,3.96,5.4]
["人工单价",null,"小计",{"$nulls":9},26.98,29.43,0.01,null,3.96,5.4]
[null,null,"未计价材料费"]
["清单项目综合单价",{"$nulls":11},65.77]
["材\n料\n费\n明\n细","主要材料名称、规格、型号",{"$nulls":7},"单位","数量",null,"单价（元）",null,"合价（元）",null,null,"暂估单价\n（元）","暂估合价\n（元）"]
[null,"其他材料费",{"$nulls":10},"-",null,29.49,null,null,"-"]
[null,"材料费小计",{"$nulls":10},"-",null,29.5,null,null,"-"]
{"$rows_empty":8}
["注：1.如不使用省级或行业建设主管部门发布的计价依据，可不填定额编码、名称等；\n    2.招标文件提供了暂估单价的材料，按暂估的单价填入表内“暂估单价”栏及“暂估合价”栏。"]
[{"$nulls":15},"表-09"]
["综合单价分析表"]
["工程名称：建筑工程",{"$nulls":10},"标段：",{"$nulls":3},"第 24 页  共 46 页"]
["项目编码",null,"010801001007",null,"项目名称",null,"木质门",{"$nulls":3},"计量单位",null,null,"m2",null,null,"工程量",null,3.78]
["清单综合单价组成明细"]
["定额编号","定额项目名称","定额\n单位","数量","单价",{"$nulls":7},"合价"]
[{"$nulls":4},"人工费","材料费","机具费","管理费","利润","规费","税金",null,"人工费","材料费","机具费",null,"管理费","利润","规费","税金"]
["A1-9-3","带纱镶板门、胶合板门安装 无亮 单扇","100m2",0.01,3125.51,3690.84,1.53,458.42,625.41,{"$nulls":3},31.26,36.91,0.02,null,4.58,6.25]
["人工单价",null,"小计",{"$nulls":9},31.26,36.91,0.02,null,4.58,6.25]
[null,null,"未计价材料费"]
["清单项目综合单价",{"$nulls":11},79.02]
["材\n料\n费\n明\n细","主要材料名称、规格、型号",{"$nulls":7},"单位","数量",null,"单价（元）",null,"合价（元）",null,null,"暂估单价\n（元）","暂估合价\n（元）"]
[null,"其他材料费",{"$nulls":10},"-",null,36.91,null,null,"-"]
[null,"材料费小计",{"$nulls":10},"-",null,36.9,null,null,"-"]
{"$rows_empty":8}
["注：1.如不使用省级或行业建设主管部门发布的计价依据，可不填定额编码、名称等；\n    2.招标文件提供了暂估单价的材料，按暂估的单价填入表内“暂估单价”栏及“暂估合价”栏。"]
[{"$nulls":15},"表-09"]
["综合单价分析表"]
["工程名称：建筑工程",{"$nulls":10},"标段：",{"$nulls":3},"第 25 页  共 46 页"]
["项目编码",null,"010801001008",null,"项目名称",null,"木质门",{"$nulls":3},"计量单位",null,null,"m2",null,null,"工程量",null,3.36]
["清单综合单价组成明细"]
["定额编号","定额项目名称","定额\n单位","数量","单价",{"$nulls":7},"合价"]
[{"$nulls":4},"人工费","材料费","机具费","管理费","利润","规费","税金",null,"人工费","材料费","机具费",null,"管理费","利润","规费","税金"]
["A1-9-3","带纱镶板门、胶合板门安装 无亮 单扇","100m2",0.01,3125.51,3690.84,1.53,458.42,625.41,{"$nulls":3},31.26,36.91,0.02,null,4.58,6.25]
["人工单价",null,"小计",{"$nulls":9},31.26,36.91,0.02,null,4.58,6.25]
[null,null,"未计价材料费"]
["清单项目综合单价",{"$nulls":11},79.02]
["材\n料\n费\n明\n细","主要材料名称、规格、型号",{"$nulls":7},"单位","数量",null,"单价（元）",null,"合价（元）",null,null,"暂估单价\n（元）","暂估合价\n（元）"]
[null,"其他材料费",{"$nulls":10},"-",null,36.91,null,null,"-"]
[null,"材料费小计",{"$nulls":10},"-",null,36.9,null,null,"-"]
{"$rows_empty":8}
["注：1.如不使用省级或行业建设主管部门发布的计价依据，可不填定额编码、名称等；\n    2.招标文件提供了暂估单价的材料，按暂估的单价填入表内“暂估单价”栏及“暂估合价”栏。"]
[{"$nulls":15},"表-09"]
["综合单价分析表"]
["工程名称：建筑工程",{"$nulls":10},"标段：",{"$nulls":3},"第 26 页  共 46 页"]
["项目编码",null,"010807001001",null,"项目名称",null,"金属(塑钢、断桥)窗",{"$nulls":3},"计量单位",null,null,"m2",null,null,"工程量",null,8.64]
["清单综合单价组成明细"]
["定额编号","定额项目名称","定额\n单位","数量","单价",{"$nulls":7},"合价"]
[{"$nulls":4},"人工费","材料费","机具费","管理费","利润","规费","税金",null,"人工费","材料费","机具费",null,"管理费","利润","规费","税金"]
["A1-9-4","带纱镶板门、胶合板门安装 无亮 双扇","100m2",0.01,2697.77,2943.14,0.77,395.61,539.71,{"$nulls":3},26.98,29.43,0.01,null,3.96,5.4]
["人工单价",null,"小计",{"$nulls":9},26.98,29.43,0.01,null,3.96,5.4]
[null,null,"未计价材料费"]
["清单项目综合单价",{"$nulls":11},65.77]
["材\n料\n费\n明\n细","主要材料名称、规格、型号",{"$nulls":7},"单位","数量",null,"单价（元）",null,"合价（元）",null,null,"暂估单价\n（元）","暂估合价\n（元）"]
[null,"其他材料费",{"$nulls":10},"-",null,29.49,null,null,"-"]
[null,"材料费小计",{"$nulls":10},"-",null,29.5,null,null,"-"]
{"$rows_empty":7}
["注：1.如不使用省级或行业建设主管部门发布的计价依据，可不填定额编码、名称等；\n    2.招标文件提供了暂估单价的材料，按暂估的单价填入表内“暂估单价”栏及“暂估合价”栏。"]
[{"$nulls":15},"表-09"]
["综合单价分析表"]
["工程名称：建筑工程",{"$nulls":10},"标段：",{"$nulls":3},"第 27 页  共 46 页"]
["项目编码",null,"010807001002",null,"项目名称",null,"金属(塑钢、断桥)窗",{"$nulls":3},"计量单位",null,null,"m2",null,null,"工程量",null,123.66]
["清单综合单价组成明细"]
["定额编号","定额项目名称","定额\n单位","数量","单价",{"$nulls":7},"合价"]
[{"$nulls":4},"人工费","材料费","机具费","管理费","利润","规费","税金",null,"人工费","材料费","机具费",null,"管理费","利润","规费","税金"]
["A1-9-4","带纱镶板门、胶合板门安装 无亮 双扇","100m2",0.01,2697.77,2943.14,0.77,395.61,539.71,{"$nulls":3},26.98,29.43,0.01,null,3.96,5.4]
["人工单价",null,"小计",{"$nulls":9},26.98,29.43,0.01,null,3.96,5.4]
[null,null,"未计价材料费"]
["清单项目综合单价",{"$nulls":11},65.77]
["材\n料\n费\n明\n细","主要材料名称、规格、型号",{"$nulls":7},"单位","数量",null,"单价（元）",null,"合价（元）",null,null,"暂估单价\n（元）","暂估合价\n（元）"]
[null,"其他材料费",{"$nulls":10},"-",null,29.49,null,null,"-"]
[null,"材料费小计",{"$nulls":10},"-",null,29.5,null,null,"-"]
{"$rows_empty":7}
["注：1.如不使用省级或行业建设主管部门发布的计价依据，可不填定额编码、名称等；\n    2.招标文件提供了暂估单价的材料，按暂估的单价填入表内“暂估单价”栏及“暂估合价”栏。"]
[{"$nulls":15},"表-09"]
["综合单价分析表"]
["工程名称：建筑工程",{"$nulls":10},"标段：",{"$nulls":3},"第 28 页  共 46 页"]
["项目编码",null,"010807001003",null,"项目名称",null,"金属(塑钢、断桥)窗",{"$nulls":3},"计量单位",null,null,"m2",null,null,"工程量",null,20.16]
["清单综合单价组成明细"]
["定额编号","定额项目名称","定额\n单位","数量","单价",{"$nulls":7},"合价"]
[{"$nulls":4},"人工费","材料费","机具费","管理费","利润","规费","税金",null,"人工费","材料费","机具费",null,"管理费","利润","规费","税金"]
["A1-9-4","带纱镶板门、胶合板门安装 无亮 双扇","100m2",0.01,2697.77,2943.14,0.77,395.61,539.71,{"$nulls":3},26.98,29.43,0.01,null,3.96,5.4]
["人工单价",null,"小计",{"$nulls":9},26.98,29.43,0.01,null,3.96,5.4]
[null,null,"未计价材料费"]
["清单项目综合单价",{"$nulls":11},65.77]
["材\n料\n费\n明\n细","主要材料名称、规格、型号",{"$nulls":7},"单位","数量",null,"单价（元）",null,"合价（元）",null,null,"暂估单价\n（元）","暂估合价\n（元）"]
[null,"其他材料费",{"$nulls":10},"-",null,29.49,null,null,"-"]
[null,"材料费小计",{"$nulls":10},"-",null,29.5,null,null,"-"]
{"$rows_empty":7}
["注：1.如不使用省级或行业建设主管部门发布的计价依据，可不填定额编码、名称等；\n    2.招标文件提供了暂估单价的材料，按暂估的单价填入表内“暂估单价”栏及“暂估合价”栏。"]
[{"$nulls":15},"表-09"]
["综合单价分析表"]
["工程名称：建筑工程",{"$nulls":10},"标段：",{"$nulls":3},"第 29 页  共 46 页"]
["项目编码",null,"010807001004",null,"项目名称",null,"金属(塑钢、断桥)窗",{"$nulls":3},"计量单位",null,null,"m2",null,null,"工程量",null,48.6]
["清单综合单价组成明细"]
["定额编号","定额项目名称","定额\n单位","数量","单价",{"$nulls":7},"合价"]
[{"$nulls":4},"人工费","材料费","机具费","管理费","利润","规费","税金",null,"人工费","材料费","机具费",null,"管理费","利润","规费","税金"]
["A1-9-207","推拉窗安装","100m2",0.01,2169.58,4891.9,null,318.06,433.92,{"$nulls":3},21.7,48.92,null,null,3.18,4.34]
["人工单价",null,"小计",{"$nulls":9},21.7,48.92,null,null,3.18,4.34]
[null,null,"未计价材料费"]
["清单项目综合单价",{"$nulls":11},78.13]
["材\n料\n费\n明\n细","主要材料名称、规格、型号",{"$nulls":7},"单位","数量",null,"单价（元）",null,"合价（元）",null,null,"暂估单价\n（元）","暂估合价\n（元）"]
[null,"其他材料费",{"$nulls":10},"-",null,48.93,null,null,"-"]
[null,"材料费小计",{"$nulls":10},"-",null,48.93,null,null,"-"]
{"$rows_empty":8}
["注：1.如不使用省级或行业建设主管部门发布的计价依据，可不填定额编码、名称等；\n    2.招标文件提供了暂估单价的材料，按暂估的单价填入表内“暂估单价”栏及“暂估合价”栏。"]
[{"$nulls":15},"表-09"]
["综合单价分析表"]
["工程名称：建筑工程",{"$nulls":10},"标段：",{"$nulls":3},"第 30 页  共 46 页"]
["项目编码",null,"010807001005",null,"项目名称",null,"金属(塑钢、断桥)窗",{"$nulls":3},"计量单位",null,null,"m2",null,null,"工程量",null,48.6]
["清单综合单价组成明细"]
["定额编号","定额项目名称","定额\n单位","数量","单价",{"$nulls":7},"合价"]
[{"$nulls":4},"人工费","材料费","机具费","管理费","利润","规费","税金",null,"人工费","材料费","机具费",null,"管理费","利润","规费","税金"]
["A1-9-207","推拉窗安装","100m2",0.01,2169.58,4891.9,null,318.06,433.92,{"$nulls":3},21.7,48.92,null,null,3.18,4.34]
["人工单价",null,"小计",{"$nulls":9},21.7,48.92,null,null,3.18,4.34]
[null,null,"未计价材料费"]
["清单项目综合单价",{"$nulls":11},78.13]
["材\n料\n费\n明\n细","主要材料名称、规格、型号",{"$nulls":7},"单位","数量",null,"单价（元）",null,"合价（元）",null,null,"暂估单价\n（元）","暂估合价\n（元）"]
[null,"其他材料费",{"$nulls":10},"-",null,48.93,null,null,"-"]
[null,"材料费小计",{"$nulls":10},"-",null,48.93,null,null,"-"]
{"$rows_empty":8}
["注：1.如不使用省级或行业建设主管部门发布的计价依据，可不填定额编码、名称等；\n    2.招标文件提供了暂估单价的材料，按暂估的单价填入表内“暂估单价”栏及“暂估合价”栏。"]
[{"$nulls":15},"表-09"]
["综合单价分析表"]
["工程名称：建筑工程",{"$nulls":10},"标段：",{"$nulls":3},"第 31 页  共 46 页"]
["项目编码",null,"010807001006",null,"项目名称",null,"金属(塑钢、断桥)窗",{"$nulls":3},"计量单位",null,null,"m2",null,null,"工程量",null,23.76]
["清单综合单价组成明细"]
["定额编号","定额项目名称","定额\n单位","数量","单价",{"$nulls":7},"合价"]
[{"$nulls":4},"人工费","材料费","机具费","管理费","利润","规费","税金",null,"人工费","材料费","机具费",null,"管理费","利润","规费","税金"]
["A1-9-207","推拉窗安装","100m2",0.01,2169.58,4891.9,null,318.06,433.92,{"$nulls":3},21.7,48.92,null,null,3.18,4.34]
["人工单价",null,"小计",{"$nulls":9},21.7,48.92,null,null,3.18,4.34]
[null,null,"未计价材料费"]
["清单项目综合单价",{"$nulls":11},78.13]
["材\n料\n费\n明\n细","主要材料名称、规格、型号",{"$nulls":7},"单位","数量",null,"单价（元）",null,"合价（元）",null,null,"暂估单价\n（元）","暂估合价\n（元）"]
[null,"其他材料费",{"$nulls":10},"-",null,48.93,null,null,"-"]
[null,"材料费小计",{"$nulls":10},"-",null,48.93,null,null,"-"]
{"$rows_empty":8}
["注：1.如不使用省级或行业建设主管部门发布的计价依据，可不填定额编码、名称等；\n    2.招标文件提供了暂估单价的材料，按暂估的单价填入表内“暂估单价”栏及“暂估合价”栏。"]
[{"$nulls":15},"表-09"]
["综合单价分析表"]
["工程名称：建筑工程",{"$nulls":10},"标段：",{"$nulls":3},"第 32 页  共 46 页"]
["项目编码",null,"010807001007",null,"项目名称",null,"金属(塑钢、断桥)窗",{"$nulls":3},"计量单位",null,null,"m2",null,null,"工程量",null,5.94]
["清单综合单价组成明细"]
["定额编号","定额项目名称","定额\n单位","数量","单价",{"$nulls":7},"合价"]
[{"$nulls":4},"人工费","材料费","机具费","管理费","利润","规费","税金",null,"人工费","材料费","机具费",null,"管理费","利润","规费","税金"]
["A1-9-207","推拉窗安装","100m2",0.01,2169.58,4891.9,null,318.06,433.92,{"$nulls":3},21.7,48.92,null,null,3.18,4.34]
["人工单价",null,"小计",{"$nulls":9},21.7,48.92,null,null,3.18,4.34]
[null,null,"未计价材料费"]
["清单项目综合单价",{"$nulls":11},78.13]
["材\n料\n费\n明\n细","主要材料名称、规格、型号",{"$nulls":7},"单位","数量",null,"单价（元）",null,"合价（元）",null,null,"暂估单价\n（元）","暂估合价\n（元）"]
[null,"其他材料费",{"$nulls":10},"-",null,48.93,null,null,"-"]
[null,"材料费小计",{"$nulls":10},"-",null,48.93,null,null,"-"]
{"$rows_empty":8}
["注：1.如不使用省级或行业建设主管部门发布的计价依据，可不填定额编码、名称等；\n    2.招标文件提供了暂估单价的材料，按暂估的单价填入表内“暂估单价”栏及“暂估合价”栏。"]
[{"$nulls":15},"表-09"]
["综合单价分析表"]
["工程名称：建筑工程",{"$nulls":10},"标段：",{"$nulls":3},"第 33 页  共 46 页"]
["项目编码",null,"011001001001",null,"项目名称",null,"保温隔热屋面",{"$nulls":3},"计量单位",null,null,"m2",null,null,"工程量",null,697.95]
["清单综合单价组成明细"]
["定额编号","定额项目名称","定额\n单位","数量","单价",{"$nulls":7},"合价"]
[{"$nulls":4},"人工费","材料费","机具费","管理费","利润","规费","税金",null,"人工费","材料费","机具费",null,"管理费","利润","规费","税金"]
["A1-7-112","屋面保温 保温层","100m2",0.01,2580.6,7645.18,189.45,801.65,554.01,{"$nulls":3},25.81,76.45,1.89,null,8.02,5.54]
["人工单价",null,"小计",{"$nulls":9},25.81,76.45,1.89,null,8.02,5.54]
[null,null,"未计价材料费"]
["清单项目综合单价",{"$nulls":11},117.71]
["材\n料\n费\n明\n细","主要材料名称、规格、型号",{"$nulls":7},"单位","数量",null,"单价（元）",null,"合价（元）",null,null,"暂估单价\n（元）","暂估合价\n（元）"]
[null,"其他材料费",{"$nulls":10},"-",null,76.45,null,null,"-"]
[null,"材料费小计",{"$nulls":10},"-",null,76.45,null,null,"-"]
{"$rows_empty":8}
["注：1.如不使用省级或行业建设主管部门发布的计价依据，可不填定额编码、名称等；\n    2.招标文件提供了暂估单价的材料，按暂估的单价填入表内“暂估单价”栏及“暂估合价”栏。"]
[{"$nulls":15},"表-09"]
["综合单价分析表"]
["工程名称：建筑工程",{"$nulls":10},"标段：",{"$nulls":3},"第 34 页  共 46 页"]
["项目编码",null,"011101001001",null,"项目名称",null,"水泥砂浆楼地面\u007f",{"$nulls":3},"计量单位",null,null,"m2",null,null,"工程量",null,653.6704]
["清单综合单价组成明细"]
["定额编号","定额项目名称","定额\n单位","数量","单价",{"$nulls":7},"合价"]
[{"$nulls":4},"人工费","材料费","机具费","管理费","利润","规费","税金",null,"人工费","材料费","机具费",null,"管理费","利润","规费","税金"]
["A1-12-11","水泥砂浆整体面层 楼地面 20mm","100m2",0.01,1311.99,82.79,null,232.62,262.4,{"$nulls":3},13.12,0.83,null,null,2.33,2.62]
["80090470","干混地面砂浆 DS M20","m3",0.0202,36,440.77,20.18,9.96,11.24,{"$nulls":3},0.73,8.9,0.41,null,0.2,0.23]
["A1-11-116 换","屋面保温 现浇水泥珍珠岩 100mm厚 \u007f实际厚度(mm):70","100m2",0.01,750.64,2682.86,null,108.54,150.13,{"$nulls":3},7.51,26.83,null,null,1.09,1.5]
["人工单价",null,"小计",{"$nulls":9},21.36,36.56,0.41,null,3.62,4.35]
[null,null,"未计价材料费"]
["清单项目综合单价",{"$nulls":11},66.29]
["材\n料\n费\n明\n细","主要材料名称、规格、型号",{"$nulls":7},"单位","数量",null,"单价（元）",null,"合价（元）",null,null,"暂估单价\n（元）","暂估合价\n（元）"]
[null,"其他材料费",{"$nulls":10},"-",null,36.57,null,null,"-"]
[null,"材料费小计",{"$nulls":10},"-",null,36.57,null,null,"-"]
[]
[]
["注：1.如不使用省级或行业建设主管部门发布的计价依据，可不填定额编码、名称等；\n    2.招标文件提供了暂估单价的材料，按暂估的单价填入表内“暂估单价”栏及“暂估合价”栏。"]
[{"$nulls":15},"表-09"]
["综合单价分析表"]
["工程名称：建筑工程",{"$nulls":10},"标段：",{"$nulls":3},"第 35 页  共 46 页"]
["项目编码",null,"011201002001",null,"项目名称",null,"墙面装饰抹灰",{"$nulls":3},"计量单位",null,null,"m2",null,null,"工程量",null,1100.184]
["清单综合单价组成明细"]
["定额编号","定额项目名称","定额\n单位","数量","单价",{"$nulls":7},"合价"]
[{"$nulls":4},"人工费","材料费","机具费","管理费","利润","规费","税金",null,"人工费","材料费","机具费",null,"管理费","利润","规费","税金"]
["A1-19-42","油漆涂料裱糊铲除 墙面抹灰面","100m2",0.01,390.94,null,null,55.01,78.19,{"$nulls":3},3.91,{"$nulls":3},0.55,0.78]
["人工单价",null,"小计",{"$nulls":9},3.91,{"$nulls":3},0.55,0.78]
[null,null,"未计价材料费"]
["清单项目综合单价",{"$nulls":11},5.24]
["材\n料\n费\n明\n细","主要材料名称、规格、型号",{"$nulls":7},"单位","数量",null,"单价（元）",null,"合价（元）",null,null,"暂估单价\n（元）","暂估合价\n（元）"]
{"$rows_empty":8}
["注：1.如不使用省级或行业建设主管部门发布的计价依据，可不填定额编码、名称等；\n    2.招标文件提供了暂估单价的材料，按暂估的单价填入表内“暂估单价”栏及“暂估合价”栏。"]
[{"$nulls":15},"表-09"]
["综合单价分析表"]
["工程名称：建筑工程",{"$nulls":10},"标段：",{"$nulls":3},"第 36 页  共 46 页"]
["项目编码",null,"011204003001",null,"项目名称",null,"块料墙面",{"$nulls":3},"计量单位",null,null,"m2",null,null,"工程量",null,158.688]
["清单综合单价组成明细"]
["定额编号","定额项目名称","定额\n单位","数量","单价",{"$nulls":7},"合价"]
[{"$nulls":4},"人工费","材料费","机具费","管理费","利润","规费","税金",null,"人工费","材料费","机具费",null,"管理费","利润","规费","税金"]
["A1-13-145","镶贴陶瓷面砖密缝 墙面 水泥膏 块料周长600内","100m2",0.01,4972.98,3139.84,null,770.81,994.6,{"$nulls":3},49.73,31.4,null,null,7.71,9.95]
["人工单价",null,"小计",{"$nulls":9},49.73,31.4,null,null,7.71,9.95]
[null,null,"未计价材料费"]
["清单项目综合单价",{"$nulls":11},98.78]
["材\n料\n费\n明\n细","主要材料名称、规格、型号",{"$nulls":7},"单位","数量",null,"单价（元）",null,"合价（元）",null,null,"暂估单价\n（元）","暂估合价\n（元）"]
[null,"其他材料费",{"$nulls":10},"-",null,31.38,null,null,"-"]
[null,"材料费小计",{"$nulls":10},"-",null,31.38,null,null,"-"]
{"$rows_empty":7}
["注：1.如不使用省级或行业建设主管部门发布的计价依据，可不填定额编码、名称等；\n    2.招标文件提供了暂估单价的材料，按暂估的单价填入表内“暂估单价”栏及“暂估合价”栏。"]
[{"$nulls":15},"表-09"]
["综合单价分析表"]
["工程名称：建筑工程",{"$nulls":10},"标段：",{"$nulls":3},"第 37 页  共 46 页"]
["项目编码",null,"011702001001",null,"项目名称",null,"基础",{"$nulls":3},"计量单位",null,null,"m2",null,null,"工程量",null,138.24]
["清单综合单价组成明细"]
["定额编号","定额项目名称","定额\n单位","数量","单价",{"$nulls":7},"合价"]
[{"$nulls":4},"人工费","材料费","机具费","管理费","利润","规费","税金",null,"人工费","材料费","机具费",null,"管理费","利润","规费","税金"]
["A1-20-3","独立基础模板","100m2",0.01,1857.15,2335.83,170.95,534.4,405.62,{"$nulls":3},18.57,23.36,1.71,null,5.34,4.06]
["人工单价",null,"小计",{"$nulls":9},18.57,23.36,1.71,null,5.34,4.06]
[null,null,"未计价材料费"]
["清单项目综合单价",{"$nulls":11},53.04]
["材\n料\n费\n明\n细","主要材料名称、规格、型号",{"$nulls":7},"单位","数量",null,"单价（元）",null,"合价（元）",null,null,"暂估单价\n（元）","暂估合价\n（元）"]
[null,"其他材料费",{"$nulls":10},"-",null,23.43,null,null,"-"]
[null,"材料费小计",{"$nulls":10},"-",null,23.43,null,null,"-"]
{"$rows_empty":8}
["注：1.如不使用省级或行业建设主管部门发布的计价依据，可不填定额编码、名称等；\n    2.招标文件提供了暂估单价的材料，按暂估的单价填入表内“暂估单价”栏及“暂估合价”栏。"]
[{"$nulls":15},"表-09"]
["综合单价分析表"]
["工程名称：建筑工程",{"$nulls":10},"标段：",{"$nulls":3},"第 38 页  共 46 页"]
["项目编码",null,"011702020001",null,"项目名称",null,"其他板",{"$nulls":3},"计量单位",null,null,"m2",null,null,"工程量",null,30.24]
["清单综合单价组成明细"]
["定额编号","定额项目名称","定额\n单位","数量","单价",{"$nulls":7},"合价"]
[{"$nulls":4},"人工费","材料费","机具费","管理费","利润","规费","税金",null,"人工费","材料费","机具费",null,"管理费","利润","规费","税金"]
["A1-5-78","混凝土垫层","10m3",0.1,578.36,6.54,null,166.28,115.67,{"$nulls":3},57.84,0.65,null,null,16.63,11.57]
["8021905","普通预拌混凝土 碎石粒径综合考虑 C30","m3",1.015,null,340,{"$nulls":7},345.1]
["人工单价",null,"小计",{"$nulls":9},57.84,345.75,null,null,16.63,11.57]
[null,null,"未计价材料费"]
["清单项目综合单价",{"$nulls":11},431.79]
["材\n料\n费\n明\n细","主要材料名称、规格、型号",{"$nulls":7},"单位","数量",null,"单价（元）",null,"合价（元）",null,null,"暂估单价\n（元）","暂估合价\n（元）"]
[null,"其他材料费",{"$nulls":10},"-",null,345.75,null,null,"-"]
[null,"材料费小计",{"$nulls":10},"-",null,345.75,null,null,"-"]
[]
[]
[]
[]
[]
[]
["注：1.如不使用省级或行业建设主管部门发布的计价依据，可不填定额编码、名称等；\n    2.招标文件提供了暂估单价的材料，按暂估的单价填入表内“暂估单价”栏及“暂估合价”栏。"]
[{"$nulls":15},"表-09"]
["综合单价分析表"]
["工程名称：建筑工程",{"$nulls":10},"标段：",{"$nulls":3},"第 39 页  共 46 页"]
["项目编码",null,"011702006001",null,"项目名称",null,"矩形梁",{"$nulls":3},"计量单位",null,null,"m2",null,null,"工程量",null,1110.3668]
["清单综合单价组成明细"]
["定额编号","定额项目名称","定额\n单位","数量","单价",{"$nulls":7},"合价"]
[{"$nulls":4},"人工费","材料费","机具费","管理费","利润","规费","税金",null,"人工费","材料费","机具费",null,"管理费","利润","规费","税金"]
["A1-20-33","单梁、连续梁模板(梁宽cm) 25以内 支模高度3.6m","100m2",0.01,3495.18,1133.36,197.13,972.92,738.46,{"$nulls":3},34.95,11.33,1.97,null,9.73,7.38]
["人工单价",null,"小计",{"$nulls":9},34.95,11.33,1.97,null,9.73,7.38]
[null,null,"未计价材料费"]
["清单项目综合单价",{"$nulls":11},65.37]
["材\n料\n费\n明\n细","主要材料名称、规格、型号",{"$nulls":7},"单位","数量",null,"单价（元）",null,"合价（元）",null,null,"暂估单价\n（元）","暂估合价\n（元）"]
[null,"其他材料费",{"$nulls":10},"-",null,11.39,null,null,"-"]
[null,"材料费小计",{"$nulls":10},"-",null,11.39,null,null,"-"]
{"$rows_empty":7}
["注：1.如不使用省级或行业建设主管部门发布的计价依据，可不填定额编码、名称等；\n    2.招标文件提供了暂估单价的材料，按暂估的单价填入表内“暂估单价”栏及“暂估合价”栏。"]
[{"$nulls":15},"表-09"]
["综合单价分析表"]
["工程名称：建筑工程",{"$nulls":10},"标段：",{"$nulls":3},"第 40 页  共 46 页"]
["项目编码",null,"011702014002",null,"项目名称",null,"有梁板",{"$nulls":3},"计量单位",null,null,"m2",null,null,"工程量",null,473.6908]
["清单综合单价组成明细"]
["定额编号","定额项目名称","定额\n单位","数量","单价",{"$nulls":7},"合价"]
[{"$nulls":4},"人工费","材料费","机具费","管理费","利润","规费","税金",null,"人工费","材料费","机具费",null,"管理费","利润","规费","税金"]
["A1-20-33","单梁、连续梁模板(梁宽cm) 25以内 支模高度3.6m","100m2",0.01,3495.18,1133.36,197.13,972.92,738.46,{"$nulls":3},34.95,11.33,1.97,null,9.73,7.38]
["人工单价",null,"小计",{"$nulls":9},34.95,11.33,1.97,null,9.73,7.38]
[null,null,"未计价材料费"]
["清单项目综合单价",{"$nulls":11},65.37]
["材\n料\n费\n明\n细","主要材料名称、规格、型号",{"$nulls":7},"单位","数量",null,"单价（元）",null,"合价（元）",null,null,"暂估单价\n（元）","暂估合价\n（元）"]
[null,"其他材料费",{"$nulls":10},"-",null,11.39,null,null,"-"]
[null,"材料费小计",{"$nulls":10},"-",null,11.39,null,null,"-"]
{"$rows_empty":7}
["注：1.如不使用省级或行业建设主管部门发布的计价依据，可不填定额编码、名称等；\n    2.招标文件提供了暂估单价的材料，按暂估的单价填入表内“暂估单价”栏及“暂估合价”栏。"]
[{"$nulls":15},"表-09"]
["综合单价分析表"]
["工程名称：建筑工程",{"$nulls":10},"标段：",{"$nulls":3},"第 41 页  共 46 页"]
["项目编码",null,"011702014001",null,"项目名称",null,"有梁板",{"$nulls":3},"计量单位",null,null,"m2",null,null,"工程量",null,1828.3558]
["清单综合单价组成明细"]
["定额编号","定额项目名称","定额\n单位","数量","单价",{"$nulls":7},"合价"]
[{"$nulls":4},"人工费","材料费","机具费","管理费","利润","规费","税金",null,"人工费","材料费","机具费",null,"管理费","利润","规费","税金"]
["A1-20-75","有梁板模板 支模高度3.6m","100m2",0.01,2976.2,1463.13,284.88,859.29,652.22,{"$nulls":3},29.76,14.63,2.85,null,8.59,6.52]
["人工单价",null,"小计",{"$nulls":9},29.76,14.63,2.85,null,8.59,6.52]
[null,null,"未计价材料费"]
["清单项目综合单价",{"$nulls":11},62.36]
["材\n料\n费\n明\n细","主要材料名称、规格、型号",{"$nulls":7},"单位","数量",null,"单价（元）",null,"合价（元）",null,null,"暂估单价\n（元）","暂估合价\n（元）"]
[null,"其他材料费",{"$nulls":10},"-",null,14.61,null,null,"-"]
[null,"材料费小计",{"$nulls":10},"-",null,14.61,null,null,"-"]
{"$rows_empty":8}
["注：1.如不使用省级或行业建设主管部门发布的计价依据，可不填定额编码、名称等；\n    2.招标文件提供了暂估单价的材料，按暂估的单价填入表内“暂估单价”栏及“暂估合价”栏。"]
[{"$nulls":15},"表-09"]
["综合单价分析表"]
["工程名称：建筑工程",{"$nulls":10},"标段：",{"$nulls":3},"第 42 页  共 46 页"]
["项目编码",null,"011702002001",null,"项目名称",null,"矩形柱",{"$nulls":3},"计量单位",null,null,"m2",null,null,"工程量",null,873.546]
["清单综合单价组成明细"]
["定额编号","定额项目名称","定额\n单位","数量","单价",{"$nulls":7},"合价"]
[{"$nulls":4},"人工费","材料费","机具费","管理费","利润","规费","税金",null,"人工费","材料费","机具费",null,"管理费","利润","规费","税金"]
["A1-20-14","矩形柱模板(周长m) 支模高度3.6m内 1.2内","100m2",0.01,3569.39,1619.79,202.09,993.78,754.3,{"$nulls":3},35.69,16.2,2.02,null,9.94,7.54]
["人工单价",null,"小计",{"$nulls":9},35.69,16.2,2.02,null,9.94,7.54]
[null,null,"未计价材料费"]
["清单项目综合单价",{"$nulls":11},71.39]
["材\n料\n费\n明\n细","主要材料名称、规格、型号",{"$nulls":7},"单位","数量",null,"单价（元）",null,"合价（元）",null,null,"暂估单价\n（元）","暂估合价\n（元）"]
[null,"其他材料费",{"$nulls":10},"-",null,16.2,null,null,"-"]
[null,"材料费小计",{"$nulls":10},"-",null,16.2,null,null,"-"]
{"$rows_empty":8}
["注：1.如不使用省级或行业建设主管部门发布的计价依据，可不填定额编码、名称等；\n    2.招标文件提供了暂估单价的材料，按暂估的单价填入表内“暂估单价”栏及“暂估合价”栏。"]
[{"$nulls":15},"表-09"]
["综合单价分析表"]
["工程名称：建筑工程",{"$nulls":10},"标段：",{"$nulls":3},"第 43 页  共 46 页"]
["项目编码",null,"011702023001",null,"项目名称",null,"雨篷、悬挑板、阳台板",{"$nulls":3},"计量单位",null,null,"m2",null,null,"工程量",null,14.4]
["清单综合单价组成明细"]
["定额编号","定额项目名称","定额\n单位","数量","单价",{"$nulls":7},"合价"]
[{"$nulls":4},"人工费","材料费","机具费","管理费","利润","规费","税金",null,"人工费","材料费","机具费",null,"管理费","利润","规费","税金"]
["A1-20-94","阳台、雨蓬模板 直形","100m2",0.01,3869.32,1268.29,327.11,1105.76,839.29,{"$nulls":3},38.69,12.68,3.27,null,11.06,8.39]
["人工单价",null,"小计",{"$nulls":9},38.69,12.68,3.27,null,11.06,8.39]
[null,null,"未计价材料费"]
["清单项目综合单价",{"$nulls":11},74.1]
["材\n料\n费\n明\n细","主要材料名称、规格、型号",{"$nulls":7},"单位","数量",null,"单价（元）",null,"合价（元）",null,null,"暂估单价\n（元）","暂估合价\n（元）"]
[null,"其他材料费",{"$nulls":10},"-",null,12.77,null,null,"-"]
[null,"材料费小计",{"$nulls":10},"-",null,12.77,null,null,"-"]
{"$rows_empty":8}
["注：1.如不使用省级或行业建设主管部门发布的计价依据，可不填定额编码、名称等；\n    2.招标文件提供了暂估单价的材料，按暂估的单价填入表内“暂估单价”栏及“暂估合价”栏。"]
[{"$nulls":15},"表-09"]
["综合单价分析表"]
["工程名称：建筑工程",{"$nulls":10},"标段：",{"$nulls":3},"第 44 页  共 46 页"]
["项目编码",null,"011702024001",null,"项目名称",null,"楼梯",{"$nulls":3},"计量单位",null,null,"m2",null,null,"工程量",null,55.0866]
["清单综合单价组成明细"]
["定额编号","定额项目名称","定额\n单位","数量","单价",{"$nulls":7},"合价"]
[{"$nulls":4},"人工费","材料费","机具费","管理费","利润","规费","税金",null,"人工费","材料费","机具费",null,"管理费","利润","规费","税金"]
["A1-20-92","楼梯模板 直形","100m2",0.01,8613.89,5558.23,356.32,2363.65,1794.04,{"$nulls":3},86.14,55.58,3.56,null,23.64,17.94]
["人工单价",null,"小计",{"$nulls":9},86.14,55.58,3.56,null,23.64,17.94]
[null,null,"未计价材料费"]
["清单项目综合单价",{"$nulls":11},186.86]
["材\n料\n费\n明\n细","主要材料名称、规格、型号",{"$nulls":7},"单位","数量",null,"单价（元）",null,"合价（元）",null,null,"暂估单价\n（元）","暂估合价\n（元）"]
[null,"其他材料费",{"$nulls":10},"-",null,55.63,null,null,"-"]
[null,"材料费小计",{"$nulls":10},"-",null,55.63,null,null,"-"]
{"$rows_empty":8}
["注：1.如不使用省级或行业建设主管部门发布的计价依据，可不填定额编码、名称等；\n    2.招标文件提供了暂估单价的材料，按暂估的单价填入表内“暂估单价”栏及“暂估合价”栏。"]
[{"$nulls":15},"表-09"]
["综合单价分析表"]
["工程名称：建筑工程",{"$nulls":10},"标段：",{"$nulls":3},"第 45 页  共 46 页"]
["项目编码",null,"011702027001",null,"项目名称",null,"台阶",{"$nulls":3},"计量单位",null,null,"m2",null,null,"工程量",null,3.54]
["清单综合单价组成明细"]
["定额编号","定额项目名称","定额\n单位","数量","单价",{"$nulls":7},"合价"]
[{"$nulls":4},"人工费","材料费","机具费","管理费","利润","规费","税金",null,"人工费","材料费","机具费",null,"管理费","利润","规费","税金"]
["A1-20-96","台阶模板","100m2",0.01,2090.43,957.36,63.61,567.59,430.81,{"$nulls":3},20.9,9.57,0.64,null,5.68,4.31]
["人工单价",null,"小计",{"$nulls":9},20.9,9.57,0.64,null,5.68,4.31]
[null,null,"未计价材料费"]
["清单项目综合单价",{"$nulls":11},41.1]
["材\n料\n费\n明\n细","主要材料名称、规格、型号",{"$nulls":7},"单位","数量",null,"单价（元）",null,"合价（元）",null,null,"暂估单价\n（元）","暂估合价\n（元）"]
[null,"其他材料费",{"$nulls":10},"-",null,9.48,null,null,"-"]
[null,"材料费小计",{"$nulls":10},"-",null,9.48,null,null,"-"]
{"$rows_empty":8}
["注：1.如不使用省级或行业建设主管部门发布的计价依据，可不填定额编码、名称等；\n    2.招标文件提供了暂估单价的材料，按暂估的单价填入表内“暂估单价”栏及“暂估合价”栏。"]
[{"$nulls":15},"表-09"]
["综合单价分析表"]
["工程名称：建筑工程",{"$nulls":10},"标段：",{"$nulls":3},"第 46 页  共 46 页"]
["项目编码",null,"011701008001",null,"项目名称",null,"综合钢脚手架",{"$nulls":3},"计量单位",null,null,"m2",null,null,"工程量",null,1376.91]
["清单综合单价组成明细"]
["定额编号","定额项目名称","定额\n单位","数量","单价",{"$nulls":7},"合价"]
[{"$nulls":4},"人工费","材料费","机具费","管理费","利润","规费","税金",null,"人工费","材料费","机具费",null,"管理费","利润","规费","税金"]
["A1-21-1","综合钢脚手架搭拆 高度(m以内) 4.5","100m2",0.01,674.44,141.37,99.45,119.33,154.78,{"$nulls":3},6.74,1.41,0.99,null,1.19,1.55]
["人工单价",null,"小计",{"$nulls":9},6.74,1.41,0.99,null,1.19,1.55]
[null,null,"未计价材料费"]
["清单项目综合单价",{"$nulls":11},11.89]
["材\n料\n费\n明\n细","主要材料名称、规格、型号",{"$nulls":7},"单位","数量",null,"单价（元）",null,"合价（元）",null,null,"暂估单价\n（元）","暂估合价\n（元）"]
[null,"其他材料费",{"$nulls":10},"-",null,1.42,null,null,"-"]
[null,"材料费小计",{"$nulls":10},"-",null,1.42,null,null,"-"]
{"$rows_empty":8}
["注：1.如不使用省级或行业建设主管部门发布的计价依据，可不填定额编码、名称等；\n    2.招标文件提供了暂估单价的材料，按暂估的单价填入表内“暂估单价”栏及“暂估合价”栏。"]
[{"$nulls":15},"表-09"]

{"sheet":"表-11 总价措施项目清单与计价表","index":9,"n_rows":19,"n_cols":11,"rows_kept":19,"merged":[[0,0,0,10],[1,0,1,5],[1,6,1,7],[1,8,1,10],[2,5,2,6],[2,7,2,8],[3,5,3,6],[3,7,3,8],[4,5,4,6],[4,7,4,8],[5,5,5,6],[5,7,5,8],[6,5,6,6],[6,7,6,8],[7,5,7,6],[7,7,7,8],[8,5,8,6],[8,7,8,8],[9,5,9,6],[9,7,9,8],[10,5,10,6],[10,7,10,8],[11,5,11,6],[11,7,11,8],[12,5,12,6],[12,7,12,8],[13,5,13,6],[13,7,13,8],[14,5,14,6],[14,7,14,8],[15,5,15,6],[15,7,15,8],[16,0,16,4],[16,5,16,6],[16,7,16,8],[17,0,17,5],[17,6,17,10],[18,0,18,5],[18,6,18,7],[18,8,18,10]]}
["总价措施项目清单与计价表"]
["工程名称：建筑工程",{"$nulls":5},"标段：",null,"第 1 页  共 1 页"]
["序号","项目编码","项目名称","计算基础","费率\n(%)","金额\n(元)",null,"调整\n费率(%)",null,"调整后\n金额(元)","备注"]
["1","LSSGCSF00001","绿色施工安全防护措施费","分部分项人工费+分部分项机具费","19",44646.63,{"$nulls":4},"以分部分项的人工费与施工机具费之和为计算基础，费率19%"]
["2","WMGDZJF00001","文明工地增加费","分部分项人工费+分部分项机具费","0",{"$nulls":5},"以分部分项的人工费与施工机具费之和为计算基础，市级文明工地为1.20%；省级文明工地为2.10%"]
["3","011707002001","夜间施工增加费",null,"20",{"$nulls":5},"以夜间施工项目人工费的20%计算"]
["4","GGCSF0000001","赶工措施费","分部分项人工费+分部分项机具费","0",{"$nulls":5},"赶工措施费=（1-δ）*分部分项的（人工费+施工机具费）*0.3 （0.8≤δ＜1   式中：δ=合同工期/定额工期）"]
["5","QTFY00000001","其他费用",{"$nulls":7},"按经批准的专项施工组织方案计算"]
{"$rows_empty":8}
["合    计",{"$nulls":4},44646.63]
["编制人（造价人员）：",{"$nulls":5},"复核人（造价工程师）："]
[{"$nulls":8},"表-11"]

{"sheet":"表-12 其他项目清单与计价汇总表","index":10,"n_rows":38,"n_cols":7,"rows_kept":38,"merged":[[0,0,0,4],[0,5,0,6],[1,0,1,6],[2,0,2,2],[2,3,2,4],[2,5,2,6],[3,2,3,3],[3,4,3,5],[4,2,4,3],[4,4,4,5],[5,2,5,3],[5,4,5,5],[6,2,6,3],[6,4,6,5],[7,2,7,3],[7,4,7,5],[8,2,8,3],[8,4,8,5],[9,2,9,3],[9,4,9,5],[10,2,10,3],[10,4,10,5],[11,2,11,3],[11,4,11,5],[12,2,12,3],[12,4,12,5],[13,2,13,3],[13,4,13,5],[14,2,14,3],[14,4,14,5],[15,2,15,3],[15,4,15,5],[16,2,16,3],[16,4,16,5],[17,2,17,3],[17,4,17,5],[18,2,18,3],[18,4,18,5],[19,2,19,3],[19,4,19,5],[20,2,20,3],[20,4,20,5],[21,2,21,3],[21,4,21,5],[22,2,22,3],[22,4,22,5],[23,2,23,3],[23,4,23,5],[24,2,24,3],[24,4,24,5],[25,2,25,3],[25,4,25,5],[26,2,26,3],[26,4,26,5],[27,2,27,3],[27,4,27,5],[28,2,28,3],[28,4,28,5],[29,2,29,3],[29,4,29,5],[30,2,30,3],[30,4,30,5],[31,2,31,3],[31,4,31,5],[32,2,32,3],[32,4,32,5],[33,2,33,3],[33,4,33,5],[34,2,34,3],[34,4,34,5],[35,2,35,3],[35,4,35,5],[36,0,36,6],[37,0,37,2],[37,3,37,4],[37,5,37,6]]}
[]
["其他项目清单与计价汇总表"]
["工程名称：建筑工程",null,null,"标段：",null,"第 1 页  共 1 页"]
["序号","项目名称","金额（元）",null,"结算金额（元）",null,"备注"]
["1","暂列金额","81170.82",{"$nulls":3},"明细详见表-12-1"]
["2","暂估价","200000.00"]
["2.1","材料暂估价","—",{"$nulls":3},"明细详见表-12-2"]
["2.2","专业工程暂估价","200000.00",{"$nulls":3},"明细详见表-12-3"]
["3","计日工",{"$nulls":4},"明细详见表-12-4"]
["4","总承包服务费",{"$nulls":4},"明细详见表-12-5"]
["5","预算包干费","16448.76"]
["6","工程优质费"]
["7","概算幅度差"]
["8","现场签证费用"]
["9","索赔费用"]
["10","其他费用"]
{"$rows_empty":19}
[null,"合  计","297619.58",{"$nulls":3},"—"]
["注：材料（工程设备）暂估单价进入清单项目综合单价，此处不汇总。"]
[{"$nulls":5},"表—12"]

{"sheet":"表-12-1 暂列金额表","index":11,"n_rows":38,"n_cols":7,"rows_kept":38,"merged":[[0,0,0,4],[0,5,0,6],[1,0,1,6],[2,0,2,2],[2,3,2,4],[2,5,2,6],[3,2,3,3],[3,4,3,5],[4,2,4,3],[4,4,4,5],[5,2,5,3],[5,4,5,5],[6,2,6,3],[6,4,6,5],[7,2,7,3],[7,4,7,5],[8,2,8,3],[8,4,8,5],[9,2,9,3],[9,4,9,5],[10,2,10,3],[10,4,10,5],[11,2,11,3],[11,4,11,5],[12,2,12,3],[12,4,12,5],[13,2,13,3],[13,4,13,5],[14,2,14,3],[14,4,14,5],[15,2,15,3],[15,4,15,5],[16,2,16,3],[16,4,16,5],[17,2,17,3],[17,4,17,5],[18,2,18,3],[18,4,18,5],[19,2,19,3],[19,4,19,5],[20,2,20,3],[20,4,20,5],[21,2,21,3],[21,4,21,5],[22,2,22,3],[22,4,22,5],[23,2,23,3],[23,4,23,5],[24,2,24,3],[24,4,24,5],[25,2,25,3],[25,4,25,5],[26,2,26,3],[26,4,26,5],[27,2,27,3],[27,4,27,5],[28,2,28,3],[28,4,28,5],[29,2,29,3],[29,4,29,5],[30,2,30,3],[30,4,30,5],[31,2,31,3],[31,4,31,5],[32,2,32,3],[32,4,32,5],[33,2,33,3],[33,4,33,5],[34,2,34,3],[34,4,34,5],[35,0,35,3],[35,4,35,5],[36,0,36,6],[37,0,37,2],[37,3,37,4],[37,5,37,6]]}
[]
["暂列金额明细表"]
["工程名称：建筑工程",null,null,"标段：",null,"第 1 页  共 1 页"]
["序号","名称","计量单位",null,"暂定金额（元）",null,"备注"]
["1",null,"元",null,81170.82]
{"$rows_empty":30}
["合    计",{"$nulls":3},"81170.82",null,"—"]
["注：此表由招标人填写，如不能详列，也可只列暂列金额总额，投标人应将上述暂列金额计入投标总价中。"]
[{"$nulls":5},"表—12—1"]

{"sheet":"表-12-2 材料(工程设备)暂估价及调整表","index":12,"n_rows":38,"n_cols":14,"rows_kept":38,"merged":[[0,0,0,9],[0,10,0,13],[1,0,1,13],[2,0,2,6],[2,7,2,9],[2,10,2,13],[3,0,4,0],[3,1,4,1],[3,2,4,2],[3,3,3,4],[3,5,3,7],[3,8,3,10],[3,11,3,12],[4,6,4,7],[4,9,4,10],[5,6,5,7],[5,9,5,10],[6,6,6,7],[6,9,6,10],[7,6,7,7],[7,9,7,10],[8,6,8,7],[8,9,8,10],[9,6,9,7],[9,9,9,10],[10,6,10,7],[10,9,10,10],[11,6,11,7],[11,9,11,10],[12,6,12,7],[12,9,12,10],[13,6,13,7],[13,9,13,10],[14,6,14,7],[14,9,14,10],[15,6,15,7],[15,9,15,10],[16,6,16,7],[16,9,16,10],[17,6,17,7],[17,9,17,10],[18,6,18,7],[18,9,18,10],[19,6,19,7],[19,9,19,10],[20,6,20,7],[20,9,20,10],[21,6,21,7],[21,9,21,10],[22,6,22,7],[22,9,22,10],[23,6,23,7],[23,9,23,10],[24,6,24,7],[24,9,24,10],[25,6,25,7],[25,9,25,10],[26,6,26,7],[26,9,26,10],[27,6,27,7],[27,9,27,10],[28,6,28,7],[28,9,28,10],[29,6,29,7],[29,9,29,10],[30,6,30,7],[30,9,30,10],[31,6,31,7],[31,9,31,10],[32,6,32,7],[32,9,32,10],[33,6,33,7],[33,9,33,10],[34,6,34,7],[34,9,34,10],[35,0,35,2],[35,6,35,7],[35,9,35,10],[36,0,36,13],[37,0,37,6],[37,7,37,9],[37,10,37,13]]}
[]
["材料（工程设备）暂估单价及调整表"]
["工程名称：建筑工程",{"$nulls":6},"标段：",null,null,"第 1 页  共 1 页"]
["序号","材料(工程设备)\n名称、规格、型号","计量单位","数量",null,"暂估（元）",null,null,"确认(元)",null,null,"差额±(元)",null,"备注"]
[{"$nulls":3},"暂估","确认","单价","合价",null,"单价","合价",null,"单价","合价"]
{"$rows_empty":30}
["合     计"]
["注：1.此表由招标人填写“暂估单价”，并在备注栏说明暂估价的材料、工程设备拟用在那些清单项目上，投标人应将上述材料、工程设备暂估单价计入工程量清单综合单价报价中"]
[{"$nulls":10},"表—12—2"]

{"sheet":"表-12-3 专业工程暂估价及结算价表","index":13,"n_rows":37,"n_cols":9,"rows_kept":37,"merged":[[0,0,0,5],[0,6,0,8],[1,0,1,8],[2,0,2,3],[2,4,2,5],[2,6,2,8],[3,3,3,4],[3,5,3,6],[4,3,4,4],[4,5,4,6],[5,3,5,4],[5,5,5,6],[6,3,6,4],[6,5,6,6],[7,3,7,4],[7,5,7,6],[8,3,8,4],[8,5,8,6],[9,3,9,4],[9,5,9,6],[10,3,10,4],[10,5,10,6],[11,3,11,4],[11,5,11,6],[12,3,12,4],[12,5,12,6],[13,3,13,4],[13,5,13,6],[14,3,14,4],[14,5,14,6],[15,3,15,4],[15,5,15,6],[16,3,16,4],[16,5,16,6],[17,3,17,4],[17,5,17,6],[18,3,18,4],[18,5,18,6],[19,3,19,4],[19,5,19,6],[20,3,20,4],[20,5,20,6],[21,3,21,4],[21,5,21,6],[22,3,22,4],[22,5,22,6],[23,3,23,4],[23,5,23,6],[24,3,24,4],[24,5,24,6],[25,3,25,4],[25,5,25,6],[26,3,26,4],[26,5,26,6],[27,3,27,4],[27,5,27,6],[28,3,28,4],[28,5,28,6],[29,3,29,4],[29,5,29,6],[30,3,30,4],[30,5,30,6],[31,3,31,4],[31,5,31,6],[32,3,32,4],[32,5,32,6],[33,3,33,4],[33,5,33,6],[34,0,34,2],[34,3,34,4],[34,5,34,6],[35,0,35,8],[36,0,36,3],[36,4,36,5],[36,6,36,8]]}
[]
["专业工程暂估价及结算价表"]
["工程名称：建筑工程",{"$nulls":3},"标段：",null,"第 1 页  共 1 页"]
["序号","工程名称","工程内容","暂估金额\n（元）",null,"结算金额\n(元)",null,"差额\n±(元)","备注"]
["1",null,null,200000]
{"$rows_empty":29}
["合    计",null,null,"200000.00",{"$nulls":4},"—"]
["注：此表“暂估金额”由招标人填写，投标人应将“暂估金额”计入投标总价中。结算时按合同约定结算金额填写。"]
[{"$nulls":6},"表—12—3"]

{"sheet":"表-12-4 计日工表","index":14,"n_rows":38,"n_cols":10,"rows_kept":38,"merged":[[0,0,0,9],[1,0,1,4],[1,5,1,6],[1,7,1,9],[2,0,3,0],[2,1,3,1],[2,2,3,2],[2,3,3,3],[2,4,3,5],[2,6,3,7],[2,8,2,9],[4,4,4,5],[4,6,4,7],[5,4,5,5],[5,6,5,7],[6,0,6,7],[7,4,7,5],[7,6,7,7],[8,4,8,5],[8,6,8,7],[9,0,9,7],[10,4,10,5],[10,6,10,7],[11,4,11,5],[11,6,11,7],[12,0,12,7],[13,4,13,5],[13,6,13,7],[14,4,14,5],[14,6,14,7],[15,4,15,5],[15,6,15,7],[16,4,16,5],[16,6,16,7],[17,4,17,5],[17,6,17,7],[18,4,18,5],[18,6,18,7],[19,4,19,5],[19,6,19,7],[20,4,20,5],[20,6,20,7],[21,4,21,5],[21,6,21,7],[22,4,22,5],[22,6,22,7],[23,4,23,5],[23,6,23,7],[24,4,24,5],[24,6,24,7],[25,4,25,5],[25,6,25,7],[26,4,26,5],[26,6,26,7],[27,4,27,5],[27,6,27,7],[28,4,28,5],[28,6,28,7],[29,4,29,5],[29,6,29,7],[30,4,30,5],[30,6,30,7],[31,4,31,5],[31,6,31,7],[32,4,32,5],[32,6,32,7],[33,4,33,5],[33,6,33,7],[34,0,34,7],[35,0,35,7],[36,0,36,9],[37,0,37,4],[37,5,37,6],[37,7,37,9]]}
["计日工表"]
["工程名称：建筑工程",{"$nulls":4},"标段：",null,"第 1 页  共 1 页"]
["编号","项目名称","单位","暂定数量","实际数量",null,"综合单价\n(元)",null,"合价（元）"]
[{"$nulls":8},"暂定","实际"]
["1","人工"]
["1.1"]
["人工小计"]
["2","材料"]
["2.1"]
["材料小计"]
["3","施工机具"]
["3.1"]
["施工机具小计"]
{"$rows_empty":21}
["4.企业管理费和利润"]
["总         计"]
["注：此表项目名称、暂定数量由招标人填写，编制招标控制价时，单价由招标人按有关计价规定确定；投标时，单价由投标人自主报价，按暂定数量计算合价计入投标总价中。结算时，按发承包双方确认的实际数量计算合价。"]
[{"$nulls":7},"表—12—4"]

{"sheet":"表-12-5 总承包服务费计价表","index":15,"n_rows":38,"n_cols":9,"rows_kept":38,"merged":[[0,0,0,5],[0,6,0,8],[1,0,1,8],[2,0,2,3],[2,4,2,5],[2,6,2,8],[3,3,3,4],[3,5,3,6],[4,3,4,4],[4,5,4,6],[5,3,5,4],[5,5,5,6],[6,3,6,4],[6,5,6,6],[7,3,7,4],[7,5,7,6],[8,3,8,4],[8,5,8,6],[9,3,9,4],[9,5,9,6],[10,3,10,4],[10,5,10,6],[11,3,11,4],[11,5,11,6],[12,3,12,4],[12,5,12,6],[13,3,13,4],[13,5,13,6],[14,3,14,4],[14,5,14,6],[15,3,15,4],[15,5,15,6],[16,3,16,4],[16,5,16,6],[17,3,17,4],[17,5,17,6],[18,3,18,4],[18,5,18,6],[19,3,19,4],[19,5,19,6],[20,3,20,4],[20,5,20,6],[21,3,21,4],[21,5,21,6],[22,3,22,4],[22,5,22,6],[23,3,23,4],[23,5,23,6],[24,3,24,4],[24,5,24,6],[25,3,25,4],[25,5,25,6],[26,3,26,4],[26,5,26,6],[27,3,27,4],[27,5,27,6],[28,3,28,4],[28,5,28,6],[29,3,29,4],[29,5,29,6],[30,3,30,4],[30,5,30,6],[31,3,31,4],[31,5,31,6],[32,3,32,4],[32,5,32,6],[33,3,33,4],[33,5,33,6],[34,3,34,4],[34,5,34,6],[35,0,35,7],[36,0,36,8],[37,0,37,3],[37,4,37,5],[37,6,37,8]]}
[]
["总承包服务费计价表"]
["工程名称：建筑工程",{"$nulls":3},"标段：",null,"第 1 页  共 1 页"]
["序号","项目名称","项目价值（元）","服务内容",null,"计算基础",null,"费率(%)","金额"]
["1"]
{"$rows_empty":30}
["合    计",{"$nulls":7},"0.00"]
["注：此表项目名称、服务内容由招标人填写，编制招标控制价时，费率及金额由招标人按有关计价规定确定；投标时，费率及金额由投标人自主报价，计入投标总价中。"]
[{"$nulls":6},"表—12—5"]

{"sheet":"表-13 规费、税金项目清单与计价表","index":16,"n_rows":37,"n_cols":8,"rows_kept":37,"merged":[[0,0,0,7],[1,0,1,2],[1,3,1,5],[1,6,1,7],[2,2,2,3],[2,5,2,6],[3,2,3,3],[3,5,3,6],[4,2,4,3],[4,5,4,6],[5,2,5,3],[5,5,5,6],[6,2,6,3],[6,5,6,6],[7,2,7,3],[7,5,7,6],[8,2,8,3],[8,5,8,6],[9,2,9,3],[9,5,9,6],[10,2,10,3],[10,5,10,6],[11,2,11,3],[11,5,11,6],[12,2,12,3],[12,5,12,6],[13,2,13,3],[13,5,13,6],[14,2,14,3],[14,5,14,6],[15,2,15,3],[15,5,15,6],[16,2,16,3],[16,5,16,6],[17,2,17,3],[17,5,17,6],[18,2,18,3],[18,5,18,6],[19,2,19,3],[19,5,19,6],[20,2,20,3],[20,5,20,6],[21,2,21,3],[21,5,21,6],[22,2,22,3],[22,5,22,6],[23,2,23,3],[23,5,23,6],[24,2,24,3],[24,5,24,6],[25,2,25,3],[25,5,25,6],[26,2,26,3],[26,5,26,6],[27,2,27,3],[27,5,27,6],[28,2,28,3],[28,5,28,6],[29,2,29,3],[29,5,29,6],[30,2,30,3],[30,5,30,6],[31,2,31,3],[31,5,31,6],[32,2,32,3],[32,5,32,6],[33,2,33,3],[33,5,33,6],[34,0,34,6],[35,0,35,2],[35,3,35,7],[36,0,36,2],[36,3,36,5],[36,6,36,7]]}
["规费、税金项目清单与计价表"]
["工程名称：建筑工程",null,null,"标段：",null,null,"第 1 页  共 1 页"]
["序号","项目名称","计算基础",null,"计算基数","计算费率\n(%)",null,"金额(元)"]
["1","增值税销项税额","分部分项合计+措施合计+其他项目",null,1482170.04,"9",null,133395.3]
{"$rows_empty":30}
["合    计",{"$nulls":6},133395.3]
[" 编制人（造价人员）：李肇镔",null,null,"复核人（造价工程师）：周老师"]
[{"$nulls":6},"表—13"]

{"sheet":"表-20 发包人提供材料和工程设备一览表","index":17,"n_rows":37,"n_cols":10,"rows_kept":37,"merged":[[0,0,0,9],[1,0,1,4],[1,5,1,6],[1,7,1,9],[2,4,2,5],[2,6,2,7],[3,4,3,5],[3,6,3,7],[4,4,4,5],[4,6,4,7],[5,4,5,5],[5,6,5,7],[6,4,6,5],[6,6,6,7],[7,4,7,5],[7,6,7,7],[8,4,8,5],[8,6,8,7],[9,4,9,5],[9,6,9,7],[10,4,10,5],[10,6,10,7],[11,4,11,5],[11,6,11,7],[12,4,12,5],[12,6,12,7],[13,4,13,5],[13,6,13,7],[14,4,14,5],[14,6,14,7],[15,4,15,5],[15,6,15,7],[16,4,16,5],[16,6,16,7],[17,4,17,5],[17,6,17,7],[18,4,18,5],[18,6,18,7],[19,4,19,5],[19,6,19,7],[20,4,20,5],[20,6,20,7],[21,4,21,5],[21,6,21,7],[22,4,22,5],[22,6,22,7],[23,4,23,5],[23,6,23,7],[24,4,24,5],[24,6,24,7],[25,4,25,5],[25,6,25,7],[26,4,26,5],[26,6,26,7],[27,4,27,5],[27,6,27,7],[28,4,28,5],[28,6,28,7],[29,4,29,5],[29,6,29,7],[30,4,30,5],[30,6,30,7],[31,4,31,5],[31,6,31,7],[32,4,32,5],[32,6,32,7],[33,4,33,5],[33,6,33,7],[34,4,34,5],[34,6,34,7],[35,0,35,6],[35,7,35,9],[36,0,36,6],[36,7,36,9]]}
["发包人提供材料和工程设备一览表"]
["工程名称：建筑工程",{"$nulls":4},"标段：",null,"第 1 页  共 1 页"]
["序号","材料(工程设备)\n名称、规格、型号","单位","数量","单价(元)",null,"交货方式",null,"送达地点","备注"]
{"$rows_empty":32}
["注：此表由招标人填写，供投标人在投标报价、确定总承包服务费时参考"]
[{"$nulls":7},"表-20"]

{"sheet":"表-21 承包人提供主要材料和工程设备一览表","index":18,"n_rows":36,"n_cols":11,"rows_kept":36,"merged":[[0,0,0,10],[1,0,1,10],[2,0,2,5],[2,6,2,7],[2,8,2,10],[3,5,3,6],[3,7,3,8],[4,5,4,6],[4,7,4,8],[5,5,5,6],[5,7,5,8],[6,5,6,6],[6,7,6,8],[7,5,7,6],[7,7,7,8],[8,5,8,6],[8,7,8,8],[9,5,9,6],[9,7,9,8],[10,5,10,6],[10,7,10,8],[11,5,11,6],[11,7,11,8],[12,5,12,6],[12,7,12,8],[13,5,13,6],[13,7,13,8],[14,5,14,6],[14,7,14,8],[15,5,15,6],[15,7,15,8],[16,5,16,6],[16,7,16,8],[17,5,17,6],[17,7,17,8],[18,5,18,6],[18,7,18,8],[19,5,19,6],[19,7,19,8],[20,5,20,6],[20,7,20,8],[21,5,21,6],[21,7,21,8],[22,5,22,6],[22,7,22,8],[23,5,23,6],[23,7,23,8],[24,5,24,6],[24,7,24,8],[25,5,25,6],[25,7,25,8],[26,5,26,6],[26,7,26,8],[27,5,27,6],[27,7,27,8],[28,5,28,6],[28,7,28,8],[29,5,29,6],[29,7,29,8],[30,5,30,6],[30,7,30,8],[31,5,31,6],[31,7,31,8],[32,5,32,6],[32,7,32,8],[33,5,33,6],[33,7,33,8],[34,0,34,10],[35,0,35,5],[35,6,35,7],[35,8,35,10]]}
["承包人提供主要材料和工程设备一览表"]
["(适用于造价信息差额调整法)"]
["工程名称：建筑工程",{"$nulls":5},"标段：",null,"第 1 页  共 1 页"]
["序号","名称、规格、型号","单位","数量","风险系数\n(%)","基准单价\n（元）",null,"投标单价",null,"发承包人\n确认单价\n(元)","备注"]
{"$rows_empty":30}
["注：1.此表由招标人填写除“投标单价”栏的内容，投标人在投标时自主确定投标单价。\n    2.基准单价应优先采用工程造价管理机构发布的单价，未发布的，通过市场调查确定其基准单价。"]
[{"$nulls":8},"表-21"]

{"sheet":"表-22 承包人提供主要材料和工程设备一览表","index":19,"n_rows":35,"n_cols":8,"rows_kept":35,"merged":[[0,0,0,7],[1,0,1,7],[2,0,2,3],[2,4,2,5],[2,6,2,7],[3,3,3,4],[3,5,3,6],[4,3,4,4],[4,5,4,6],[5,3,5,4],[5,5,5,6],[6,3,6,4],[6,5,6,6],[7,3,7,4],[7,5,7,6],[8,3,8,4],[8,5,8,6],[9,3,9,4],[9,5,9,6],[10,3,10,4],[10,5,10,6],[11,3,11,4],[11,5,11,6],[12,3,12,4],[12,5,12,6],[13,3,13,4],[13,5,13,6],[14,3,14,4],[14,5,14,6],[15,3,15,4],[15,5,15,6],[16,3,16,4],[16,5,16,6],[17,3,17,4],[17,5,17,6],[18,3,18,4],[18,5,18,6],[19,3,19,4],[19,5,19,6],[20,3,20,4],[20,5,20,6],[21,3,21,4],[21,5,21,6],[22,3,22,4],[22,5,22,6],[23,3,23,4],[23,5,23,6],[24,3,24,4],[24,5,24,6],[25,3,25,4],[25,5,25,6],[26,3,26,4],[26,5,26,6],[27,3,27,4],[27,5,27,6],[28,3,28,4],[28,5,28,6],[29,3,29,4],[29,5,29,6],[30,3,30,4],[30,5,30,6],[31,3,31,4],[31,5,31,6],[32,0,32,1],[32,3,32,4],[32,5,32,6],[33,0,33,7],[34,0,34,3],[34,4,34,5],[34,6,34,7]]}
["承包人提供主要材料和工程设备一览表"]
["(适用于价格指数差额调整法)"]
["工程名称：建筑工程",{"$nulls":3},"标段：",null,"第 1 页  共 1 页"]
["序号","名称、规格、型号","变值权重B","基本价格指数F0",null,"现行价格指数Ft",null,"备注"]
{"$rows_empty":27}
[null,"定值权重A",null,"—",null,"—"]
["合计",null,"1","—",null,"—"]
["注：1.此表“材料和工程设备名称”、“规格型号”、“基本价格指数”栏由招标人填写，基本价格指数应首先采用工程造价管理机构发布的价格指数，没有时，可采用发布的价格代替。\n    2.此表“变值权重”栏由投标人根据该项材料和工程设备价值在投标报价中所占的比例填写。\n    3.“现行价格指数”按约定的付款证书相关周期最后一天的前42天的各项材料和工程设备的价格指数填写，该指数应首先采用工程造价管理机构发布的价格指数，没有时，可采用发布的价格代替。"]
[{"$nulls":6},"表-22"]